{"text_format":"2","workbook":"xlsx","n_sheets":7,"sheets":["PLAN SERVIÇO","PLAN MATERIAL","BDI-SERV","BDI-MAT","ENCARGOS","CPU","CRONOGRAMA"],"not_rendered":{"charts":0,"images":5,"macros":0,"external_links":0,"defined_names":4,"comments":1,"pivot_tables":0},"unopened":[],"bounds":{"document_bytes":16777216,"sheet_cells":100000,"run_cost":"one","rows_first":2000,"rows_last":500,"rows_between":2000,"halvings":0,"cell_chars":16384,"cell_head_chars":4096},"cells_cut":0,"cells_raw":0,"read":"whole","date_system":"1900"}

{"sheet":"PLAN SERVIÇO","index":0,"n_rows":639,"n_cols":8,"rows_kept":639,"cut":false,"hidden":false,"merged":[[94,2,94,6],[463,2,463,6],[3,0,3,2],[636,6,636,7],[503,2,503,6],[512,2,512,6],[527,2,527,6],[515,2,515,6],[587,2,587,6],[592,2,592,6],[599,2,599,6],[612,2,612,6],[604,2,604,6],[608,2,608,6],[601,2,601,6],[519,2,519,6],[523,2,523,6],[531,2,531,6],[533,2,533,6],[537,2,537,6],[325,2,325,6],[332,2,332,6],[341,2,341,6],[626,2,626,6],[84,2,84,6],[372,2,372,5],[110,2,110,6],[116,2,116,6],[96,2,96,6],[66,2,66,5],[75,2,75,6],[69,2,69,6],[617,2,617,6],[373,2,373,6],[359,2,359,6],[343,2,343,6],[362,2,362,6],[355,2,355,6],[549,2,549,6],[551,2,551,6],[210,2,210,6],[231,2,231,6],[235,2,235,6],[487,2,487,5],[488,2,488,6],[490,2,490,6],[496,2,496,6],[381,2,381,6],[484,2,484,6],[138,2,138,6],[140,2,140,6],[467,2,467,6],[129,2,129,6],[132,2,132,6],[114,2,114,6],[102,2,102,6],[106,2,106,6],[121,2,121,6],[125,2,125,6],[347,2,347,6],[351,2,351,6],[364,2,364,6],[366,2,366,6],[430,2,430,6],[316,2,316,5],[175,2,175,6],[199,2,199,6],[186,2,186,6],[201,2,201,6],[146,2,146,6],[160,2,160,6],[173,2,173,6],[190,2,190,6],[314,2,314,6],[370,2,370,6],[478,2,478,6],[480,2,480,6],[15,2,15,6],[40,2,40,6],[42,2,42,6],[27,2,27,6],[59,2,59,6],[51,2,51,6],[63,2,63,5],[244,2,244,6],[247,2,247,6],[213,2,213,5],[214,2,214,6],[216,2,216,6],[67,2,67,6],[195,2,195,6],[222,2,222,6],[224,2,224,6],[203,2,203,6],[207,2,207,6],[47,2,47,6],[137,2,137,5],[585,2,585,6],[539,2,539,5],[476,2,476,6],[433,2,433,6],[435,2,435,6],[441,2,441,6],[250,2,250,5],[285,2,285,6],[375,2,375,6],[300,2,300,6],[302,2,302,6],[311,2,311,6],[251,2,251,6],[253,2,253,6],[259,2,259,6],[267,2,267,6],[276,2,276,6],[289,2,289,6],[281,2,281,6],[298,2,298,6],[278,2,278,6],[306,2,306,6],[317,2,317,6],[319,2,319,6],[637,2,637,5],[638,2,638,5],[2,0,2,2],[633,0,633,4],[633,5,633,7],[239,2,239,6],[455,2,455,6],[630,0,630,4],[630,5,630,7],[474,2,474,6],[457,2,457,6],[21,2,21,6],[631,0,631,4],[631,5,631,7],[556,2,556,5],[471,2,471,6],[422,2,422,6],[426,2,426,6],[388,2,388,6],[397,2,397,6],[413,2,413,6],[417,2,417,6],[401,2,401,6],[420,2,420,6],[0,0,0,1],[0,2,0,7],[1,0,1,1],[1,2,1,7],[14,2,14,5],[584,2,584,6],[557,2,557,6],[559,2,559,6],[565,2,565,6],[569,2,569,6],[574,2,574,6],[579,2,579,6],[3,4,3,6],[2,4,2,6],[17,2,17,6],[55,2,55,6],[182,2,182,6],[405,2,405,6],[409,2,409,6],[447,2,447,6],[540,2,540,6],[542,2,542,6],[546,2,546,6],[432,2,432,5]]}
[]
[]
["SINAPI-BA 08/2023 (NÃO DESONERADO)",null,null,null," % BDI serv. adotado:",null,null,0.25]
["ORSE 08/2023",null,null,null," % BDI mater. adotado:",null,null,0.15]
["ITEM","REFERÊNCIA","DESCRIÇÃO","UNID","QUANT.","P. UNIT. S/BDI","P. UNIT. C/BDI","P. TOTAL"]
["1.0",null,"SERVIÇOS PRELIMINARES",{"$nulls":4},{"$f":"SUM(H7:H14)","v":604984.72}]
["1.1",103689,"PLACA DE OBRA EM CHAPA DE ACO GALVANIZADO","m²",6,388.71,{"$f":"F7*(1+($H$3))","v":485.89},{"$f":"ROUND(E7*G7,2)","v":2915.34}]
["1.2","CPU 001","MOBILIZAÇÃO DE EQUIPAMENTO, MATERIAIS E PESSOAL, COM DESLOCAMENTOS INTERNOS.","UNID",1,{"$f":"CPU!I22","v":1536.3},1920.38,1920.38]
["1.3","CPU 001","MOBILIZAÇÃO DE EQUIPAMENTO, MATERIAIS E PESSOAL, COM DESLOCAMENTOS INTERNOS.","UNID",1,{"$f":"CPU!I22","v":1536.3},1920.38,1920.38]
["1.4","93206","EXECUÇÃO DE ESCRITÓRIO EM CANTEIRO DE OBRA EM ALVENARIA, NÃO INCLUSO MOBILIÁRIO E EQUIPAMENTOS. AF_02/2016","M²",30,1174.31,1467.89,44036.7]
["1.5","CPU 002","ADMINISTRAÇÃO E MANUTENÇÃO DO CANTEIRO DE OBRAS","UND",12,{"$f":"CPU!I47","v":23724.53},29655.66,355867.92]
["1.6",93209,"EXECUÇÃO DE ALMOXARIFADO EM CANTEIRO DE OBRA EM ALVENARIA, INCLUSO PRATELEIRAS. AF_02/2016","M²",40,976.48,1220.5999999999999,48824]
["1.7",101146,"ESCAVAÇÃO HORIZONTAL, INCLUINDO CARGA, DESCARGA E TRANSPORTE EM SOLO DE 1A CATEGORIA COM TRATOR DE ESTEIRAS (170HP/LÂMINA: 5,20M3) E CAMINHÃO BASCULANTE DE 14M3, DMT ATÉ 200M","M²",8000,14.12,17.649999999999999,{"$f":"ROUND(E13*G13,2)","v":141200}]
["1.8",100577,"REGULARIZAÇÃO E COMPACTAÇÃO DE SUBLEITO DE SOLO PREDOMINANTEMENTE ARENOSO","M²",5000,1.33,1.66,{"$f":"ROUND(E14*G14,2)","v":8300}]
["2.0",null,"RESERVATÓRIO",{"$nulls":4},{"$f":"H16+H18+H22+H41+H43+H28+H56+H60+H48+H52","v":206288.88}]
["2.1",null,"LOCAÇÃO DA OBRA",{"$nulls":4},{"$f":"SUM(H17)","v":203.64}]
["2.1.1","50/ORSE","LOCAÇÃO DE CONSTRUÇÃO DE EDIFICAÇÃO ATÉ 200M², INCLUSIVE EXECUÇÃO DE GABARITO","m²",18.7,9.4700000000000006,{"$f":"F17*(1+($H$4))","v":10.89},{"$f":"ROUND(E17*G17,2)","v":203.64}]
["2.2",null,"MOVIMENTO DE TERRA",{"$nulls":4},{"$f":"SUM(H19:H21)","v":1831.5}]
["2.2.1","09897/ORSE","LIMPEZA SUPERFICIAL DA CAMADA VEGETAL EM JAZIDA","m²",31.8,1.78,{"$f":"F19*(1+($H$3))","v":2.23},{"$f":"ROUND(E19*G19,2)","v":70.91}]
["2.2.2",101208,"ESCAVAÇÃO VERTICAL A CÉU ABERTO, INCLUINDO CARGA, DESCARGA E TRANSPORTE, EM SOLO DE 1ª CATEGORIA COM ESCAVADEIRA HIDRÁULICA (CAÇAMBA: 1,2 M³ / 155 HP), FROTA DE 3 CAMINHÕES BASCULANTES DE 14 M³, DMT DE 1 KM E VELOCIDADE MÉDIA 14 KM/H. AF_12/2013","m³",58,10.44,{"$f":"F20*(1+($H$3))","v":13.05},{"$f":"ROUND(E20*G20,2)","v":756.9}]
["2.2.3",93382,"REATERRO MANUAL COM COMPACTADOR DE SOLOS A PERCUSSÃO . AF_10/2017","m³",29,27.69,{"$f":"F21*(1+($H$3))","v":34.61},{"$f":"ROUND(E21*G21,2)","v":1003.69}]
["2.3",null,"INFRA-ESTRUTURA / FUNDAÇÕES",{"$nulls":4},{"$f":"SUM(H23:H27)","v":4395.05}]
["2.3.1",96543,"ARMAÇÃO DE BLOCO, VIGA BALDRAME E SAPATA UTILIZANDO AÇO CA-60 DE 5 MM - MONTAGEM. AF_06/2017","kg",11,18.489999999999998,{"$f":"F23*(1+($H$3))","v":23.11},{"$f":"ROUND(E23*G23,2)","v":254.21}]
["2.3.2",96546,"ARMAÇÃO DE BLOCO, VIGA BALDRAME OU SAPATA UTILIZANDO AÇO CA-50 DE 10 MM - MONTAGEM. AF_06/2017","kg",153,13.32,{"$f":"F24*(1+($H$3))","v":16.649999999999999},2547.4499999999998]
["2.3.3",97086,"FABRICAÇÃO, MONTAGEM E DESMONTAGEM DE FORMA PARA RADIER, EM MADEIRA SERRADA, 4 UTILIZAÇÕES. AF_09/2017","m²",3.7,135.44999999999999,{"$f":"F25*(1+($H$3))","v":169.31},{"$f":"ROUND(E25*G25,2)","v":626.45000000000005}]
["2.3.4","11488/ORSE","LANÇAMENTO DE CONCRETO SIMPLES FABRICADO NA OBRA EM FUNDAÇÕES","m³",1.4,27.98,{"$f":"F26*(1+($H$3))","v":34.979999999999997},48.97]
["2.3.5",94971,"CONCRETO FCK = 25MPA, TRAÇO 1:2,3:2,7 (CIMENTO/ AREIA MÉDIA/ BRITA 1) - PREPARO MECÂNICO COM BETONEIRA 600 L. AF_07/2016","m³",1.4,524.54999999999995,{"$f":"F27*(1+($H$3))","v":655.69},917.97]
["2.4",null,"SUPERESTRUTURA ",{"$nulls":4},{"$f":"SUM(H29:H40)","v":84060.6}]
["2.4.1",101792,"ESCORAMENTO FORMAS H=3,50 A 4,00 M, COM MADEIRA DE 3A QUALIDADE, NAO APARELHADA, APROVEITAMENTO TABUAS 3X E PRUMOS 4X.","m³",1.61,18.350000000000001,{"$f":"F29*(1+($H$3))","v":22.94},{"$f":"ROUND(E29*G29,2)","v":36.93}]
["2.4.2",92771,"ARMAÇÃO DE LAJE DE UMA ESTRUTURA CONVENCIONAL DE CONCRETO ARMADO EM UM EDIFÍCIO DE MÚLTIPLOS PAVIMENTOS UTILIZANDO AÇO CA-50 DE 10,0 MM - MONTAGEM. AF_12/2015","kg",328,10.83,13.54,{"$f":"ROUND(E30*G30,2)","v":4441.12}]
["2.4.3",92759,"ARMAÇÃO DE PILAR OU VIGA DE UMA ESTRUTURA CONVENCIONAL DE CONCRETO ARMADO EM UM EDIFÍCIO DE MÚLTIPLOS PAVIMENTOS UTILIZANDO AÇO CA-60 DE 5,0 MM - MONTAGEM. AF_12/2015","kg",38,14.65,18.309999999999999,{"$f":"ROUND(E31*G31,2)","v":695.78}]
["2.4.4",92760,"ARMAÇÃO DE PILAR OU VIGA DE UMA ESTRUTURA CONVENCIONAL DE CONCRETO ARMADO EM UM EDIFÍCIO DE MÚLTIPLOS PAVIMENTOS UTILIZANDO AÇO CA-50 DE 6,3 MM - MONTAGEM. AF_12/2015","m²",91,13.69,17.11,{"$f":"ROUND(E32*G32,2)","v":1557.01}]
["2.4.5",92761,"ARMAÇÃO DE PILAR OU VIGA DE UMA ESTRUTURA CONVENCIONAL DE CONCRETO ARMADO EM UM EDIFÍCIO DE MÚLTIPLOS PAVIMENTOS UTILIZANDO AÇO CA-50 DE 8,0MM - MONTAGEM. AF_12/2015","kg",877,12.75,15.94,{"$f":"ROUND(E33*G33,2)","v":13979.38}]
["2.4.6",92762,"ARMAÇÃO DE PILAR OU VIGA DE UMA ESTRUTURA CONVENCIONAL DE CONCRETO ARMADO EM UM EDIFÍCIO DE MÚLTIPLOS PAVIMENTOS UTILIZANDO AÇO CA-50 DE 10,0 MM - MONTAGEM. AF_12/2015","kg",225,11.33,14.16,{"$f":"ROUND(E34*G34,2)","v":3186}]
["2.4.7",92763,"ARMAÇÃO DE PILAR OU VIGA DE UMA ESTRUTURA CONVENCIONAL DE CONCRETO ARMADO EM UM EDIFÍCIO DE MÚLTIPLOS PAVIMENTOS UTILIZANDO AÇO CA-50 DE 12,5 MM - MONTAGEM. AF_12/2015","kg",479,9.5,11.88,5690.52]
["2.4.8",92764,"ARMAÇÃO DE PILAR OU VIGA DE UMA ESTRUTURA CONVENCIONAL DE CONCRETO ARMADO EM UM EDIFÍCIO DE MÚLTIPLOS PAVIMENTOS UTILIZANDO AÇO CA-50 DE 16,0 MM - MONTAGEM. AF_12/2015","kg",52,9.16,11.45,595.4]
["2.4.9",92264,"FABRICAÇÃO DE FÔRMA PARA PILARES E ESTRUTURAS SIMILARES, EM CHAPA DE MADEIRA COMPENSADA PLASTIFICADA, E = 18 MM. AF_12/2015","m²",43.2,211.39,264.24,{"$f":"ROUND(E37*G37,2)","v":11415.17}]
["2.4.10",92266,"FABRICAÇÃO DE FÔRMA PARA VIGAS, EM CHAPA DE MADEIRA COMPENSADA PLASTIFICADA, E = 18 MM. AF_12/2015","m²",111.3,157.4,196.75,21898.28]
["2.4.11",103669,"CONCRETAGEM DE PILARES, FCK = 25 MPA, COM USO DE BALDES EM EDIFICAÇÃO COM SEÇÃO MÉDIA DE PILARES MENOR OU IGUAL A 0,25 M² - LANÇAMENTO, ADENSAMENTO E ACABAMENTO. AF_12/2015","m³",11.1,961.83,1202.29,13345.42]
["2.4.12",103682,"CONCRETAGEM DE VIGAS E LAJES, FCK=25 MPA, PARA QUALQUER TIPO DE LAJE COM BALDES EM EDIFICAÇÃO TÉRREA, COM ÁREA MÉDIA DE LAJES MENOR OU IGUAL A 20 M² - LANÇAMENTO, ADENSAMENTO E ACABAMENTO. AF_12/2015","m³",5.9,978.93,1223.6600000000001,7219.59]
["2.5",null,"ALVENARIA / DIVISÓRIAS",{"$nulls":4},{"$f":"SUM(H42:H42)","v":47351.01}]
["2.5.1",103351,"(COMPOSIÇÃO REPRESENTATIVA) DO SERVIÇO DE ALVENARIA DE VEDAÇÃO DE BLOCOS VAZADOS DE CERÂMICA DE 9X19X19CM (ESPESSURA 9CM), PARA EDIFICAÇÃO HABITACIONAL UNIFAMILIAR (CASA) E EDIFICAÇÃO PÚBLICA PADRÃO. AF_11/2014 - (CAIXAS)","m²",208.88,181.35,{"$f":"F42*(1+($H$3))","v":226.69},{"$f":"ROUND(E42*G42,2)","v":47351.01}]
["2.6",null,"REVESTIMENTOS",{"$nulls":4},{"$f":"SUM(H44:H47)","v":35183.75}]
["2.6.1",87879,"CHAPISCO APLICADO EM ALVENARIAS E ESTRUTURAS DE CONCRETO INTERNAS, COM COLHER DE PEDREIRO. ARGAMASSA TRAÇO 1:3 COM PREPARO EM BETONEIRA 400L. AF_06/2014","m²",208.88,4.78,{"$f":"F44*(1+($H$3))","v":5.98},{"$f":"ROUND(E44*G44,2)","v":1249.0999999999999}]
["2.6.2",87894,"CHAPISCO APLICADO EM ALVENARIA (SEM PRESENÇA DE VÃOS) E ESTRUTURAS DE CONCRETO DE FACHADA, COM COLHER DE PEDREIRO. ARGAMASSA TRAÇO 1:3 COM PREPARO EM BETONEIRA 400L. AF_06/2014","m²",208.88,7.41,{"$f":"F45*(1+($H$3))","v":9.26},{"$f":"ROUND(E45*G45,2)","v":1934.23}]
["2.6.3",87529,"MASSA ÚNICA, PARA RECEBIMENTO DE PINTURA, EM ARGAMASSA TRAÇO 1:2:8, PREPARO MECÂNICO COM BETONEIRA 400L, APLICADA MANUALMENTE EM FACES INTERNAS DE PAREDES, ESPESSURA DE 20MM, COM EXECUÇÃO DE TALISCAS. AF_06/2014","m²",208.88,43.27,{"$f":"F46*(1+($H$3))","v":54.09},{"$f":"ROUND(E46*G46,2)","v":11298.32}]
["2.6.4",87781,"EMBOÇO OU MASSA ÚNICA EM ARGAMASSA TRAÇO 1:2:8, PREPARO MANUAL, APLICADA MANUALMENTE EM PANOS DE FACHADA COM PRESENÇA DE VÃOS, ESPESSURA DE\n35 MM. AF_06/2014","m²",208.88,79.290000000000006,{"$f":"F47*(1+($H$3))","v":99.11},{"$f":"ROUND(E47*G47,2)","v":20702.099999999999}]
["2.7",null,"PINTURA E EMASSAMENTO INTERNO",{"$nulls":4},{"$f":"SUM(H49:H51)","v":11764.12}]
["2.7.1","CPU 006","EMASSAMENTO COM MASSA A OLEO, UMA DEMAO","m²",208.88,{"$f":"CPU!I94","v":29.85},{"$f":"F49*(1+($H$3))","v":37.31},{"$f":"ROUND(E49*G49,2)","v":7793.31}]
["2.7.2",88411,"APLICAÇÃO MANUAL DE FUNDO SELADOR ACRÍLICO EM PANOS COM PRESENÇA DE VÃOS DE EDIFÍCIOS DE MÚLTIPLOS PAVIMENTOS. AF_06/2014P","m²",208.88,3.16,{"$f":"F50*(1+($H$3))","v":3.95},{"$f":"ROUND(E50*G50,2)","v":825.08}]
["2.7.3",88489,"APLICAÇÃO MANUAL DE PINTURA COM TINTA LÁTEX ACRÍLICA EM PAREDES, DUAS DEMÃOS. AF_06/2014","m²",208.88,12.05,{"$f":"F51*(1+($H$3))","v":15.06},{"$f":"ROUND(E51*G51,2)","v":3145.73}]
["2.8",null,"PINTURA E EMASSAMENTO EXTERNO",{"$nulls":4},{"$f":"SUM(H53:H55)","v":15053.98}]
["2.8.1","CPU 006","EMASSAMENTO COM MASSA A OLEO, UMA DEMAO","m²",208.88,{"$f":"CPU!I94","v":29.85},{"$f":"F53*(1+($H$3))","v":37.31},{"$f":"ROUND(E53*G53,2)","v":7793.31}]
["2.8.2",88411,"APLICAÇÃO MANUAL DE FUNDO SELADOR ACRÍLICO EM PANOS COM PRESENÇA DE VÃOS DE EDIFÍCIOS DE MÚLTIPLOS PAVIMENTOS. AF_06/2014P","m²",208.88,3.16,{"$f":"F54*(1+($H$3))","v":3.95},{"$f":"ROUND(E54*G54,2)","v":825.08}]
["2.8.3",95624,"APLICAÇÃO MANUAL DE TINTA LÁTEX ACRÍLICA EM SUPERFÍCIES EXTERNAS DE SACADA DE EDIFÍCIOS DE MÚLTIPLOS PAVIMENTOS, DUAS DEMÃOS. AF_11/2016","m²",208.88,24.65,{"$f":"F55*(1+($H$3))","v":30.81},{"$f":"ROUND(E55*G55,2)","v":6435.59}]
["2.9",null,"COBERTURAS E IMPERMEABILIZAÇÕES",{"$nulls":4},{"$f":"SUM(H57:H59)","v":4291.7700000000004}]
["2.9.1",92255,"INSTALAÇÃO DE TESOURA (INTEIRA OU MEIA), EM AÇO, PARA VÃOS MAIORES OU IGUAIS A 3,0 M E MENORES QUE 6,0 M, INCLUSO IÇAMENTO. AF_12/2015","UNID",2,240.88,{"$f":"F57*(1+($H$3))","v":301.10000000000002},{"$f":"ROUND(E57*G57,2)","v":602.20000000000005}]
["2.9.2",92580,"TRAMA DE AÇO COMPOSTA POR TERÇAS PARA TELHADOS DE ATÉ 2 ÁGUAS PARA TELHA ONDULADA DE FIBROCIMENTO, METÁLICA, PLÁSTICA OU TERMOACÚSTICA, INCLUSO TRANSPORTE VERTICAL. AF_12/2015","m²",21.72,63.3,{"$f":"F58*(1+($H$3))","v":79.13},{"$f":"ROUND(E58*G58,2)","v":1718.7}]
["2.9.3",94213,"TELHAMENTO COM TELHA DE AÇO/ALUMÍNIO E = 0,5 MM, COM ATÉ 2 ÁGUAS, INCLUSO IÇAMENTO. AF_06/2016","m²",21.72,72.59,{"$f":"F59*(1+($H$3))","v":90.74},{"$f":"ROUND(E59*G59,2)","v":1970.87}]
["2.10",null,"ESQUADRIAS E VIDROS",{"$nulls":4},{"$f":"SUM(H61:H62)","v":2153.46}]
["2.10.1",100701,"PORTA DE FERRO TIPO VENEZIANA, DE ABRIR, SEM BANDEIRA SEM FERRAGENS","m²",1.89,446.11,{"$f":"F61*(1+($H$3))","v":557.64},{"$f":"ROUND(E61*G61,2)","v":1053.94}]
["2.10.2",94570,"JANELA DE ALUMÍNIO DE CORRER, 2 FOLHAS, FIXAÇÃO COM PARAFUSO SOBRE CONTRAMARCO (EXCLUSIVE CONTRAMARCO), COM VIDROS PADRONIZADA. AF_07/2016","m²",4,219.9,{"$f":"F62*(1+($H$3))","v":274.88},1099.52]
[]
["3.0",null,"SUB - ESTAÇÃO AÉREA DE 112,5 KVA (SERVIÇO)",{"$nulls":4},{"$f":"H65","v":4110.05}]
["3.1","CPU 010","SUB-ESTAÇÃO AÉREA DE 112,5KVA (SERVIÇO)","unid.",1,{"$f":"CPU!I150","v":3288.04},{"$f":"F65*(1+($H$3))","v":4110.05},{"$f":"ROUND(E65*G65,2)","v":4110.05}]
[]
["4.0",null,"APOIO ADMISTRATIVO /  VESTIÁRIO / BANHEIROS",{"$nulls":4},{"$f":"H68+H70+H76+H85+H111+H117+H97+H115+H103+H107+H122+H126+H130+H133+H95","v":467682.36}]
["4.1",null,"LOCAÇÃO DA OBRA",{"$nulls":4},{"$f":"SUM(H69)","v":1819.69}]
["4.1.1","50/ORSE","LOCAÇÃO DE CONSTRUÇÃO DE EDIFICAÇÃO ATÉ 200M², INCLUSIVE EXECUÇÃO DE GABARITO","m²",153.69,9.4700000000000006,{"$f":"F69*(1+($H$3))","v":11.84},{"$f":"ROUND(E69*G69,2)","v":1819.69}]
["4.2",null,"MOVIMENTO DE TERRA",{"$nulls":4},{"$f":"SUM(H71:H75)","v":12767.3}]
["4.2.1","09897/ORSE","LIMPEZA SUPERFICIAL DA CAMADA VEGETAL EM JAZIDA","m²",232.22,1.78,{"$f":"F71*(1+($H$3))","v":2.23},{"$f":"ROUND(E71*G71,2)","v":517.85}]
["4.2.2",96526,"ESCAVAÇÃO MANUAL DE VALA PARA VIGA BALDRAME, COM PREVISÃO DE FÔRMA. AF_06/2017","m³",24.96,326.74,{"$f":"F72*(1+($H$3))","v":408.43},{"$f":"ROUND(E72*G72,2)","v":10194.41}]
["4.2.3",93382,"REATERRO MANUAL DE VALAS, COM COMPACTADOR DE SOLOS DE PERCUSSÃO. AF_08/2023","m³",24.96,27.69,{"$f":"F73*(1+($H$3))","v":34.61},{"$f":"ROUND(E73*G73,2)","v":863.87}]
["4.2.4",96385,"EXECUÇÃO E COMPACTAÇÃO DE ATERRO COM SOLO PREDOMINANTEMENTE ARGILOSO - \nEXCLUSIVE ESCAVAÇÃO, CARGA E TRANSPORTE E SOLO. AF_09/2017","m³",60.16,13,{"$f":"F74*(1+($H$3))","v":16.25},{"$f":"ROUND(E74*G74,2)","v":977.6}]
["4.2.5",100945,"TRANSPORTE COMERCIAL COM CAMINHAO CARROCERIA 9 T, RODOVIA EM LEITO NATURAL","TxKM",60.16,2.84,{"$f":"F75*(1+($H$3))","v":3.55},{"$f":"ROUND(E75*G75,2)","v":213.57}]
["4.3",null,"INFRA-ESTRUTURA / FUNDAÇÕES",{"$nulls":4},{"$f":"SUM(H77:H84)","v":17408.66}]
["4.3.1",96543,"ARMAÇÃO DE BLOCO, VIGA BALDRAME E SAPATA UTILIZANDO AÇO CA-60 DE 5 MM - MONTAGEM. AF_06/2017","kg",77,18.489999999999998,{"$f":"F77*(1+($H$3))","v":23.11},{"$f":"ROUND(E77*G77,2)","v":1779.47}]
["4.3.2",96544,"ARMAÇÃO DE BLOCO, VIGA BALDRAME OU SAPATA UTILIZANDO AÇO CA-50 DE 6,3 KG CR 9,62\nMM - MONTAGEM. AF_06/2017","kg",1,16.71,20.89,20.89]
["4.3.3",96545,"ARMAÇÃO DE BLOCO, VIGA BALDRAME OU SAPATA UTILIZANDO AÇO CA-50 DE 8 MM - MONTAGEM. AF_06/2017","kg",7,15.16,18.95,132.65]
["4.3.4",96546,"ARMAÇÃO DE BLOCO, VIGA BALDRAME OU SAPATA UTILIZANDO AÇO CA-50 DE 10 MM - MONTAGEM. AF_06/2017","kg",566,13.32,16.649999999999999,9423.9]
["4.3.5",96547,"ARMAÇÃO DE BLOCO, VIGA BALDRAME OU SAPATA UTILIZANDO AÇO CA-50 DE 12,5 MM - MONTAGEM. AF_06/2017","kg",3,11.15,13.94,41.82]
["4.3.6",97086,"FABRICAÇÃO, MONTAGEM E DESMONTAGEM DE FORMA PARA RADIER, EM MADEIRA SERRADA, 4 UTILIZAÇÕES. AF_09/2017","m²",15.1,135.44999999999999,169.31,2556.58]
["4.3.7","11488/ORSE","LANCAMENTO/APLICACAO MANUAL DE CONCRETO EM FUNDACOES","m³",5,27.98,34.979999999999997,174.9]
["4.3.8",94971,"CONCRETO FCK = 25MPA, TRAÇO 1:2,3:2,7 (CIMENTO/ AREIA MÉDIA/ BRITA 1) - PREPARO MECÂNICO COM BETONEIRA 600 L. AF_07/2016","m³",5,524.54999999999995,655.69,3278.45]
["4.4",null,"SUPERESTRUTURA ",{"$nulls":4},{"$f":"SUM(H86:H94)","v":112397.15}]
["4.4.1",101792,"ESCORAMENTO FORMAS H=3,50 A 4,00 M, COM MADEIRA DE 3A QUALIDADE, NAO APARELHADA, APROVEITAMENTO TABUAS 3X E PRUMOS 4X.","m³",9.9,18.350000000000001,{"$f":"F86*(1+($H$3))","v":22.94},{"$f":"ROUND(E86*G86,2)","v":227.11}]
["4.4.2",92759,"ARMAÇÃO DE PILAR OU VIGA DE UMA ESTRUTURA CONVENCIONAL DE CONCRETO ARMADO EM UM EDIFÍCIO DE MÚLTIPLOS PAVIMENTOS UTILIZANDO AÇO CA-60 DE 5,0 MM - MONTAGEM. AF_12/2015","kg",661,14.65,18.309999999999999,{"$f":"ROUND(E87*G87,2)","v":12102.91}]
["4.4.3",92761,"ARMAÇÃO DE PILAR OU VIGA DE UMA ESTRUTURA CONVENCIONAL DE CONCRETO ARMADO EM UM EDIFÍCIO DE MÚLTIPLOS PAVIMENTOS UTILIZANDO AÇO CA-50 DE 8,0MM - MONTAGEM. AF_12/2015","kg",35,12.75,15.94,557.9]
["4.4.4",92762,"ARMAÇÃO DE PILAR OU VIGA DE UMA ESTRUTURA CONVENCIONAL DE CONCRETO ARMADO EM UM EDIFÍCIO DE MÚLTIPLOS PAVIMENTOS UTILIZANDO AÇO CA-50 DE 10,0 MM - MONTAGEM. AF_12/2015","kg",1792,11.33,14.16,25374.720000000001]
["4.4.5",92763,"ARMAÇÃO DE PILAR OU VIGA DE UMA ESTRUTURA CONVENCIONAL DE CONCRETO ARMADO EM UM EDIFÍCIO DE MÚLTIPLOS PAVIMENTOS UTILIZANDO AÇO CA-50 DE 12,5 MM - MONTAGEM. AF_12/2015","kg",409,9.5,11.88,{"$f":"ROUND(E90*G90,2)","v":4858.92}]
["4.4.6",92264,"FABRICAÇÃO DE FÔRMA PARA PILARES E ESTRUTURAS SIMILARES, EM CHAPA DE MADEIRA COMPENSADA PLASTIFICADA, E = 18 MM. AF_12/2015","m²",62.7,211.39,264.24,16567.849999999999]
["4.4.7",92266,"FABRICAÇÃO DE FÔRMA PARA VIGAS, EM CHAPA DE MADEIRA COMPENSADA PLASTIFICADA, E = 18 MM. AF_12/2015","m²",184.9,157.4,196.75,36379.08]
["4.4.8",103669,"CONCRETAGEM DE PILARES, FCK = 25 MPA, COM USO DE BALDES EM EDIFICAÇÃO COM SEÇÃO MÉDIA DE PILARES MENOR OU IGUAL A 0,25 M² - LANÇAMENTO, ADENSAMENTO E ACABAMENTO. AF_12/2015","m³",3.2,961.83,1202.29,3847.33]
["4.4.9",103682,"CONCRETAGEM DE VIGAS E LAJES, FCK=25 MPA, PARA QUALQUER TIPO DE LAJE COM BALDES EM EDIFICAÇÃO TÉRREA, COM ÁREA MÉDIA DE LAJES MENOR OU IGUAL A 20 M² - LANÇAMENTO, ADENSAMENTO E ACABAMENTO. AF_12/2015","m³",10.199999999999999,978.93,1223.6600000000001,12481.33]
["4.5",null,"ALVENARIA / DIVISÓRIAS",{"$nulls":4},{"$f":"H96","v":44422.17}]
["4.5.1",103351,"(COMPOSIÇÃO REPRESENTATIVA) DO SERVIÇO DE ALVENARIA DE VEDAÇÃO DE BLOCOS VAZADOS DE CERÂMICA DE 9X19X19CM (ESPESSURA 9CM), PARA EDIFICAÇÃO HABITACIONAL UNIFAMILIAR (CASA) E EDIFICAÇÃO PÚBLICA PADRÃO. AF_11/2014","m²",195.96,181.35,{"$f":"F96*(1+($H$3))","v":226.69},44422.17]
["4.6",null,"REVESTIMENTOS",{"$nulls":4},{"$f":"SUM(H98:H102)","v":49493.72}]
["4.6.1",87879,"CHAPISCO APLICADO EM ALVENARIAS E ESTRUTURAS DE CONCRETO INTERNAS, COM COLHER DE PEDREIRO. ARGAMASSA TRAÇO 1:3 COM PREPARO EM BETONEIRA 400L. AF_06/2014","m²",422.9,4.78,{"$f":"F98*(1+($H$3))","v":5.98},{"$f":"ROUND(E98*G98,2)","v":2528.94}]
["4.6.2",87894,"CHAPISCO APLICADO EM ALVENARIA (SEM PRESENÇA DE VÃOS) E ESTRUTURAS DE CONCRETO DE FACHADA, COM COLHER DE PEDREIRO. ARGAMASSA TRAÇO 1:3 COM PREPARO EM BETONEIRA 400L. AF_06/2014","m²",228.63,7.41,{"$f":"F99*(1+($H$3))","v":9.26},{"$f":"ROUND(E99*G99,2)","v":2117.11}]
["4.6.3",87531,"EMBOÇO, PARA RECEBIMENTO DE CERÂMICA, EM ARGAMASSA TRAÇO 1:2:8, PREPARO MECÂNICO COM BETONEIRA 400L, APLICADO MANUALMENTE EM FACES INTERNAS DE PAREDES, PARA AMBIENTE COM ÁREA ENTRE 5M2 E 10M2, ESPESSURA DE 20MM, COM EXECUÇÃO DE TALISCAS. AF_06/2014","m²",291.89999999999998,41.76,{"$f":"F100*(1+($H$3))","v":52.2},{"$f":"ROUND(E100*G100,2)","v":15237.18}]
["4.6.4",87529,"MASSA ÚNICA, PARA RECEBIMENTO DE PINTURA, EM ARGAMASSA TRAÇO 1:2:8, PREPARO MECÂNICO COM BETONEIRA 400L, APLICADA MANUALMENTE EM FACES INTERNAS DE PAREDES, ESPESSURA DE 20MM, COM EXECUÇÃO DE TALISCAS. AF_06/2014","m²",120.4,43.27,{"$f":"F101*(1+($H$3))","v":54.09},{"$f":"ROUND(E101*G101,2)","v":6512.44}]
["4.6.5",87273,"REVESTIMENTO CERÂMICO PARA PAREDES INTERNAS COM PLACAS TIPO ESMALTADA EXTRA DE DIMENSÕES 33X45 CM APLICADAS EM AMBIENTES DE ÁREA MAIOR QUE 5 M² NA ALTURA INTEIRA DAS PAREDES. AF_06/2014","m²",291.89999999999998,63.3,{"$f":"F102*(1+($H$3))","v":79.13},{"$f":"ROUND(E102*G102,2)","v":23098.05}]
["4.7",null,"PINTURA E EMASSAMENTO INTERNO",{"$nulls":4},{"$f":"SUM(H104:H106)","v":6780.92}]
["4.7.1","CPU 006","EMASSAMENTO COM MASSA A OLEO, UMA DEMAO","m²",120.4,{"$f":"CPU!I94","v":29.85},{"$f":"F104*(1+($H$3))","v":37.31},{"$f":"ROUND(E104*G104,2)","v":4492.12}]
["4.7.2",88411,"APLICAÇÃO MANUAL DE FUNDO SELADOR ACRÍLICO EM PANOS COM PRESENÇA DE VÃOS DE EDIFÍCIOS DE MÚLTIPLOS PAVIMENTOS. AF_06/2014P","m²",120.4,3.16,{"$f":"F105*(1+($H$3))","v":3.95},{"$f":"ROUND(E105*G105,2)","v":475.58}]
["4.7.3",88489,"APLICAÇÃO MANUAL DE PINTURA COM TINTA LÁTEX ACRÍLICA EM PAREDES, DUAS DEMÃOS. AF_06/2014","m²",120.4,12.05,{"$f":"F106*(1+($H$3))","v":15.06},{"$f":"ROUND(E106*G106,2)","v":1813.22}]
["4.8",null,"PINTURA E EMASSAMENTO EXTERNO",{"$nulls":4},{"$f":"SUM(H108:H110)","v":17231.939999999999}]
["4.8.1","CPU 006","EMASSAMENTO COM MASSA A OLEO, UMA DEMAO","m²",239.1,{"$f":"CPU!I94","v":29.85},{"$f":"F108*(1+($H$3))","v":37.31},{"$f":"ROUND(E108*G108,2)","v":8920.82}]
["4.8.2",88411,"APLICAÇÃO MANUAL DE FUNDO SELADOR ACRÍLICO EM PANOS COM PRESENÇA DE VÃOS DE EDIFÍCIOS DE MÚLTIPLOS PAVIMENTOS. AF_06/2014P","m²",239.1,3.16,{"$f":"F109*(1+($H$3))","v":3.95},{"$f":"ROUND(E109*G109,2)","v":944.45}]
["4.8.3",95624,"APLICAÇÃO MANUAL DE TINTA LÁTEX ACRÍLICA EM SUPERFÍCIES EXTERNAS DE SACADA DE EDIFÍCIOS DE MÚLTIPLOS PAVIMENTOS, DUAS DEMÃOS. AF_11/2016","m²",239.1,24.65,{"$f":"F110*(1+($H$3))","v":30.81},{"$f":"ROUND(E110*G110,2)","v":7366.67}]
["4.9",null,"COBERTURAS E IMPERMEABILIZAÇÕES",{"$nulls":4},{"$f":"SUM(H112:H114)","v":31663.54}]
["4.9.1",92255,"INSTALAÇÃO DE TESOURA (INTEIRA OU MEIA), EM AÇO, PARA VÃOS MAIORES OU IGUAIS A 3,0 M E MENORES QUE 6,0 M, INCLUSO IÇAMENTO. AF_12/2015","UNID",7,240.88,{"$f":"F112*(1+($H$3))","v":301.10000000000002},2107.6999999999998]
["4.9.2",92580,"TRAMA DE AÇO COMPOSTA POR TERÇAS PARA TELHADOS DE ATÉ 2 ÁGUAS PARA TELHA ONDULADA DE FIBROCIMENTO, METÁLICA, PLÁSTICA OU TERMOACÚSTICA, INCLUSO TRANSPORTE VERTICAL. AF_12/2015","m²",153.5,63.3,{"$f":"F113*(1+($H$3))","v":79.13},12146.46]
["4.9.3",94213,"TELHAMENTO COM TELHA DE AÇO/ALUMÍNIO E = 0,5 MM, COM ATÉ 2 ÁGUAS, INCLUSO IÇAMENTO. AF_06/2016","m²",191.86,72.59,{"$f":"F114*(1+($H$3))","v":90.74},{"$f":"ROUND(E114*G114,2)","v":17409.38}]
["4.10",null,"FORRO",{"$nulls":4},{"$f":"SUM(H116)","v":16849.75}]
["4.10.1",96486,"FORRO DE PVC, LISO, PARA AMBIENTES COMERCIAIS, INCLUSIVE ESTRUTURA DE FIXAÇÃO. AF_05/2017_P","m²",142.12,94.85,{"$f":"F116*(1+($H$3))","v":118.56},{"$f":"ROUND(E116*G116,2)","v":16849.75}]
["4.11",null,"ESQUADRIAS E VIDROS",{"$nulls":4},{"$f":"SUM(H118:H121)","v":18489.349999999999}]
["4.11.1","05079/ORSE","PORTA EM PVC SANFONADA, INSTALADA","m²",15.12,130.25,{"$f":"F118*(1+($H$3))","v":162.81},{"$f":"ROUND(E118*G118,2)","v":2461.69}]
["4.11.2",94570,"JANELA DE ALUMÍNIO DE CORRER, 2 FOLHAS, FIXAÇÃO COM PARAFUSO SOBRE CONTRAMARCO (EXCLUSIVE CONTRAMARCO), COM VIDROS PADRONIZADA. AF_07/2016","m²",19.989999999999998,219.9,{"$f":"F119*(1+($H$3))","v":274.88},5494.85]
["4.11.3",91333,"KIT DE PORTA DE MADEIRA FRISADA, SEMI-OCA (LEVE OU MÉDIA), PADRÃO POPULAR, 80X210CM, ESPESSURA DE 3,5CM, ITENS INCLUSOS: DOBRADIÇAS, MONTAGEM E INSTALAÇÃO DO BATENTE, SEM FECHADURA - FORNECIMENTO E INSTALAÇÃO. AF_08/2015","UNID",2,905.96,{"$f":"F120*(1+($H$3))","v":1132.45},2264.9]
["4.11.4",91327,"KIT DE PORTA DE MADEIRA PARA VERNIZ, SEMI-OCA (LEVE OU MÉDIA), PADRÃO POPULAR, 90X210CM, ESPESSURA DE 3,5CM, ITENS INCLUSOS: DOBRADIÇAS, MONTAGEM E INSTALAÇÃO DO BATENTE, SEM FECHADURA - FORNECIMENTO E INSTALAÇÃO. AF_08/2015","UNID",7,944.9,{"$f":"F121*(1+($H$3))","v":1181.1300000000001},8267.91]
["4.12",null,"PINTURA EM ESQUADRIAS",{"$nulls":4},{"$f":"SUM(H123:H125)","v":4133.66}]
["4.12.1","2305/ORSE","FUNDO SINTETICO NIVELADOR BRANCO","m²",33.18,9.02,{"$f":"F123*(1+($H$3))","v":11.28},{"$f":"ROUND(E123*G123,2)","v":374.27}]
["4.12.2",102219,"PINTURA ESMALTE ACETINADO PARA MADEIRA, DUAS DEMAOS, SOBRE FUNDO NIVELADOR BRANCO","m²",33.18,17.55,{"$f":"F124*(1+($H$3))","v":21.94},{"$f":"ROUND(E124*G124,2)","v":727.97}]
["4.12.3",102218,"PINTURA ESMALTE FOSCO, DUAS DEMAOS, SOBRE SUPERFICIE METALICA, INCLUSO UMA DEMAO DE FUNDO ANTICORROSIVO. UTILIZACAO DE REVOLVER ( AR-COMPRIMIDO).","m²",142.12,17.059999999999999,{"$f":"F125*(1+($H$3))","v":21.33},{"$f":"ROUND(E125*G125,2)","v":3031.42}]
["4.13",null,"PISO",{"$nulls":4},{"$f":"SUM(H127:H129)","v":30922.58}]
["4.13.1",95240,"LASTRO DE CONCRETO MAGRO, APLICADO EM PISOS OU RADIERS, ESPESSURA DE 3CM. AF_07/2016","m²",153.5,20.13,{"$f":"F127*(1+($H$3))","v":25.16},{"$f":"ROUND(E127*G127,2)","v":3862.06}]
["4.13.2",87630,"CONTRAPISO EM ARGAMASSA TRAÇO 1:4 (CIMENTO E AREIA), PREPARO MECÂNICO COM BETONEIRA 400 L, APLICADO EM ÁREAS SECAS SOBRE LAJE, ADERIDO, ESPESSURA 3CM. AF_06/2014","m²",153.5,42.94,{"$f":"F128*(1+($H$3))","v":53.68},{"$f":"ROUND(E128*G128,2)","v":8239.8799999999992}]
["4.13.3",104162,"PISO EM GRANILITE, MARMORITE OU GRANITINA ESPESSURA 8 MM, INCLUSO JUNTAS DE DILATACAO PLASTICAS","m²",153.5,98.09,{"$f":"F129*(1+($H$3))","v":122.61},{"$f":"ROUND(E129*G129,2)","v":18820.64}]
["4.14",null,"INSTALAÇÕES HIDROSSANITÁRIAS",{"$nulls":4},{"$f":"SUM(H131:H132)","v":29180.45}]
["4.14.1","CPU  003 ","SERVIÇOS DE INSTALAÇÕES PREDIAIS DE ÁGUA FRIA ","unid.",1,{"$f":"CPU!I61","v":13637.92},{"$f":"F131*(1+($H$3))","v":17047.400000000001},{"$f":"ROUND(E131*G131,2)","v":17047.400000000001}]
["4.14.2","CPU 004","INSTALAÇÕES PREDIAIS DE ESGOTO E PLUVIAIS","unid.",1,{"$f":"CPU!I72","v":9706.44},{"$f":"F132*(1+($H$3))","v":12133.05},{"$f":"ROUND(E132*G132,2)","v":12133.05}]
["4.15",null,"INSTALAÇÕES ELÉTRICAS",{"$nulls":4},{"$f":"SUM(H134:H136)","v":74121.48}]
["4.15.1","CPU 005","SERVIÇOS PARA EXECUÇÃO DA INSTALAÇÃO ELÉTRICA, LÓGICA E TELEFONIA.","unid.",0.5,{"$f":"CPU!I84","v":96283.199999999997},{"$f":"F134*(1+($H$3))","v":120354},{"$f":"ROUND(E134*G134,2)","v":60177}]
["4.15.2","CPU 008","POSTE DE ACO CONICO CONTINUO RETO, ENGASTADO, H=9M - FORNECIMENTO E IN UN AS 1.144,87\nSTALACAO","unid.",4,{"$f":"CPU!I126","v":2503.67},{"$f":"F135*(1+($H$3))","v":3129.59},{"$f":"ROUND(E135*G135,2)","v":12518.36}]
["4.15.3",101653,"LUMINARIA ABERTA PARA ILUMINACAO PUBLICA, PARA LAMPADA A VAPOR DE MERCURIO ATE 400W E MISTA ATE 500W, COM BRACO EM TUBO DE ACO GALV D=50MM PROJ HOR=2.500MM E PROJ VERT= 2.200MM, FORNECIMENTO E INSTALACAO","unid.",4,285.22000000000003,{"$f":"F136*(1+($H$3))","v":356.53},{"$f":"ROUND(E136*G136,2)","v":1426.12}]
[]
["5.0",null,"ABATEDOURO FRIGORÍFICO",{"$nulls":4},{"$f":"H139+H141+H147+H161+H191+H196+H176+H200+H183+H187+H202+H204+H208+H211+H174","v":1635757}]
["5.1",null,"LOCAÇÃO DA OBRA",{"$nulls":4},{"$f":"SUM(H140)","v":4961.7299999999996}]
["5.1.1","4176/ORSE","LOCAÇÃO DE CONSTRUÇÃO DE EDIFICAÇÃO ENTRE 200 A 1000 M², INCLUSIVE EXECUÇÃO DE GABARITO DE MADEIRA","m²",585.11,6.78,{"$f":"F140*(1+($H$3))","v":8.48},{"$f":"ROUND(E140*G140,2)","v":4961.7299999999996}]
["5.2",null,"MOVIMENTO DE TERRA",{"$nulls":4},{"$f":"SUM(H142:H146)","v":48160.58}]
["5.2.1","09897/ORSE","LIMPEZA SUPERFICIAL DA CAMADA VEGETAL EM JAZIDA","m²",951.72,1.78,{"$f":"F142*(1+($H$3))","v":2.23},{"$f":"ROUND(E142*G142,2)","v":2122.34}]
["5.2.2",96526,"ESCAVAÇÃO MANUAL DE VALA PARA VIGA BALDRAME, COM PREVISÃO DE FÔRMA. AF_06/2017","m³",96.45,326.74,{"$f":"F143*(1+($H$3))","v":408.43},{"$f":"ROUND(E143*G143,2)","v":39393.07}]
["5.2.3",93382,"REATERRO MANUAL DE VALAS, COM COMPACTADOR DE SOLOS DE PERCUSSÃO","m³",24.86,27.69,{"$f":"F144*(1+($H$3))","v":34.61},{"$f":"ROUND(E144*G144,2)","v":860.4}]
["5.2.4",96385,"EXECUÇÃO E COMPACTAÇÃO DE ATERRO COM SOLO PREDOMINANTEMENTE ARGILOSO - \nEXCLUSIVE ESCAVAÇÃO, CARGA E TRANSPORTE E SOLO. AF_09/2017","m³",292.16000000000003,13,{"$f":"F145*(1+($H$3))","v":16.25},{"$f":"ROUND(E145*G145,2)","v":4747.6000000000004}]
["5.2.5",100945,"TRANSPORTE COMERCIAL COM CAMINHAO CARROCERIA 9 T, RODOVIA EM LEITO NATURAL","TxKM",292.16000000000003,2.84,{"$f":"F146*(1+($H$3))","v":3.55},{"$f":"ROUND(E146*G146,2)","v":1037.17}]
["5.3",null,"INFRA-ESTRUTURA / FUNDAÇÕES",{"$nulls":4},{"$f":"SUM(H148:H160)","v":76033.13}]
["5.3.1",96543,"ARMAÇÃO DE BLOCO, VIGA BALDRAME E SAPATA UTILIZANDO AÇO CA-60 DE 5 MM - MONTAGEM. AF_06/2017","kg",186,18.489999999999998,{"$f":"F148*(1+($H$3))","v":23.11},{"$f":"ROUND(E148*G148,2)","v":4298.46}]
["5.3.2",96544,"ARMAÇÃO DE BLOCO, VIGA BALDRAME OU SAPATA UTILIZANDO AÇO CA-50 DE 6,3 KG CR 9,62\nMM - MONTAGEM. AF_06/2017","kg",2,16.71,20.89,41.78]
["5.3.3",96545,"ARMAÇÃO DE BLOCO, VIGA BALDRAME OU SAPATA UTILIZANDO AÇO CA-50 DE 8 MM - MONTAGEM. AF_06/2017","kg",34,15.16,18.95,644.29999999999995]
["5.3.4",96546,"ARMAÇÃO DE BLOCO, VIGA BALDRAME OU SAPATA UTILIZANDO AÇO CA-50 DE 10 MM - MONTAGEM. AF_06/2017","kg",1262,13.32,16.649999999999999,21012.3]
["5.3.5",96547,"ARMAÇÃO DE BLOCO, VIGA BALDRAME OU SAPATA UTILIZANDO AÇO CA-50 DE 12,5 MM - MONTAGEM. AF_06/2017","kg",23,11.15,13.94,320.62]
["5.3.6",92759,"ARMAÇÃO DE PILAR OU VIGA DE UMA ESTRUTURA CONVENCIONAL DE CONCRETO ARMADO EM UM EDIFÍCIO DE MÚLTIPLOS PAVIMENTOS UTILIZANDO AÇO CA-60 DE 5,0 MM - MONTAGEM. AF_12/2015","kg",479,14.65,18.309999999999999,8770.49]
["5.3.7",92760,"ARMAÇÃO DE PILAR OU VIGA DE UMA ESTRUTURA CONVENCIONAL DE CONCRETO ARMADO EM UM EDIFÍCIO DE MÚLTIPLOS PAVIMENTOS UTILIZANDO AÇO CA-50 DE 6,3 MM - MONTAGEM. AF_12/2015","kg",45,13.69,17.11,769.95]
["5.3.8",92761,"ARMAÇÃO DE PILAR OU VIGA DE UMA ESTRUTURA CONVENCIONAL DE CONCRETO ARMADO EM UM EDIFÍCIO DE MÚLTIPLOS PAVIMENTOS UTILIZANDO AÇO CA-50 DE 8,0MM - MONTAGEM. AF_12/2015","kg",16,12.75,15.94,255.04]
["5.3.9",92762,"ARMAÇÃO DE PILAR OU VIGA DE UMA ESTRUTURA CONVENCIONAL DE CONCRETO ARMADO EM UM EDIFÍCIO DE MÚLTIPLOS PAVIMENTOS UTILIZANDO AÇO CA-50 DE 10,0 MM - MONTAGEM. AF_12/2015","kg",1196,11.33,14.16,16935.36]
["5.3.10",92763,"ARMAÇÃO DE PILAR OU VIGA DE UMA ESTRUTURA CONVENCIONAL DE CONCRETO ARMADO EM UM EDIFÍCIO DE MÚLTIPLOS PAVIMENTOS UTILIZANDO AÇO CA-50 DE 12,5 MM - MONTAGEM. AF_12/2015","kg",354,9.5,11.88,4205.5200000000004]
["5.3.11",97086,"FABRICAÇÃO, MONTAGEM E DESMONTAGEM DE FORMA PARA RADIER, EM MADEIRA SERRADA, 4 UTILIZAÇÕES. AF_09/2017","m²",43.2,135.44999999999999,169.31,7314.19]
["5.3.12","11488/ORSE","LANCAMENTO/APLICACAO MANUAL DE CONCRETO EM FUNDACOES","m³",16.600000000000001,27.98,34.979999999999997,580.66999999999996]
["5.3.13",94971,"CONCRETO FCK = 25MPA, TRAÇO 1:2,3:2,7 (CIMENTO/ AREIA MÉDIA/ BRITA 1) - PREPARO MECÂNICO COM BETONEIRA 600 L. AF_07/2016","m³",16.600000000000001,524.54999999999995,655.69,10884.45]
["5.4",null,"SUPERESTRUTURA ",{"$nulls":4},{"$f":"SUM(H162:H173)","v":273611.57}]
["5.4.1",101792,"ESCORAMENTO FORMAS H=3,50 A 4,00 M, COM MADEIRA DE 3A QUALIDADE, NAO APARELHADA, APROVEITAMENTO TABUAS 3X E PRUMOS 4X.","m³",9.9,18.350000000000001,{"$f":"F162*(1+($H$3))","v":22.94},{"$f":"ROUND(E162*G162,2)","v":227.11}]
["5.4.2",92759,"ARMAÇÃO DE PILAR OU VIGA DE UMA ESTRUTURA CONVENCIONAL DE CONCRETO ARMADO EM UM EDIFÍCIO DE MÚLTIPLOS PAVIMENTOS UTILIZANDO AÇO CA-60 DE 5,0 MM - MONTAGEM. AF_12/2015","kg",238,14.65,18.309999999999999,{"$f":"ROUND(E163*G163,2)","v":4357.78}]
["5.4.3",92760,"ARMAÇÃO DE PILAR OU VIGA DE UMA ESTRUTURA CONVENCIONAL DE CONCRETO ARMADO EM UM EDIFÍCIO DE MÚLTIPLOS PAVIMENTOS UTILIZANDO AÇO CA-50 DE 6,3 MM - MONTAGEM. AF_12/2015","m²",33,13.69,17.11,{"$f":"ROUND(E164*G164,2)","v":564.63}]
["5.4.4",92761,"ARMAÇÃO DE PILAR OU VIGA DE UMA ESTRUTURA CONVENCIONAL DE CONCRETO ARMADO EM UM EDIFÍCIO DE MÚLTIPLOS PAVIMENTOS UTILIZANDO AÇO CA-50 DE 8,0MM - MONTAGEM. AF_12/2015","kg",60,12.75,15.94,{"$f":"ROUND(E165*G165,2)","v":956.4}]
["5.4.5",92762,"ARMAÇÃO DE PILAR OU VIGA DE UMA ESTRUTURA CONVENCIONAL DE CONCRETO ARMADO EM UM EDIFÍCIO DE MÚLTIPLOS PAVIMENTOS UTILIZANDO AÇO CA-50 DE 10,0 MM - MONTAGEM. AF_12/2015","kg",783,11.33,14.16,11087.28]
["5.4.6",92763,"ARMAÇÃO DE PILAR OU VIGA DE UMA ESTRUTURA CONVENCIONAL DE CONCRETO ARMADO EM UM EDIFÍCIO DE MÚLTIPLOS PAVIMENTOS UTILIZANDO AÇO CA-50 DE 12,5 MM - MONTAGEM. AF_12/2015","kg",187,9.5,11.88,2221.56]
["5.4.7",92764,"ARMAÇÃO DE PILAR OU VIGA DE UMA ESTRUTURA CONVENCIONAL DE CONCRETO ARMADO EM UM EDIFÍCIO DE MÚLTIPLOS PAVIMENTOS UTILIZANDO AÇO CA-50 DE 16,0 MM - MONTAGEM. AF_12/2015","kg",138,9.16,11.45,1580.1]
["5.4.8",92264,"FABRICAÇÃO DE FÔRMA PARA PILARES E ESTRUTURAS SIMILARES, EM CHAPA DE MADEIRA COMPENSADA PLASTIFICADA, E = 18 MM. AF_12/2015","m²",253,211.39,264.24,{"$f":"ROUND(E169*G169,2)","v":66852.72}]
["5.4.9",92266,"FABRICAÇÃO DE FÔRMA PARA VIGAS, EM CHAPA DE MADEIRA COMPENSADA PLASTIFICADA, E = 18 MM. AF_12/2015","m²",585.70000000000005,157.4,196.75,115236.48]
["5.4.10",103669,"CONCRETAGEM DE PILARES, FCK = 25 MPA, COM USO DE BALDES EM EDIFICAÇÃO COM SEÇÃO MÉDIA DE PILARES MENOR OU IGUAL A 0,25 M² - LANÇAMENTO, ADENSAMENTO E ACABAMENTO. AF_12/2015","m³",13.7,961.83,1202.29,16471.37]
["5.4.11",103682,"CONCRETAGEM DE VIGAS E LAJES, FCK=20 MPA, PARA QUALQUER TIPO DE LAJE COM BALDES EM EDIFICAÇÃO TÉRREA, COM ÁREA MÉDIA DE LAJES MENOR OU IGUAL A 20 M² - LANÇAMENTO, ADENSAMENTO E ACABAMENTO. AF_12/2015","m³",41.8,978.93,1223.6600000000001,51148.99]
["5.4.12","CPU 007","LAJE PRE-MOLDADA P / FORRO, SOBRECARGA 100 KG / M2, VAOS ATE 3,50 M / E = 8CM, C / LAJOTAS E CAP.C / CONC FCK = 20MPA, 3CM, INTER-EIXO 38CM, C / ESCORAMENTO ( REAPR.3X ) E FERRAGEM NEGATIVA","m²",23.33,{"$f":"CPU!I112","v":99.69},124.61,{"$f":"G173*E173","v":2907.15}]
["5.5",null,"ALVENARIA / DIVISÓRIAS",{"$nulls":4},{"$f":"H175","v":306934.08}]
["5.5.1",103351,"(COMPOSIÇÃO REPRESENTATIVA) DO SERVIÇO DE ALVENARIA DE VEDAÇÃO DE BLOCOS VAZADOS DE CERÂMICA DE 9X19X19CM (ESPESSURA 9CM), PARA EDIFICAÇÃO HABITACIONAL UNIFAMILIAR (CASA) E EDIFICAÇÃO PÚBLICA PADRÃO. AF_11/2014","m²",1352.49,181.55,{"$f":"F175*(1+($H$3))","v":226.94},{"$f":"ROUND(E175*G175,2)","v":306934.08}]
["5.6",null,"REVESTIMENTOS",{"$nulls":4},{"$f":"SUM(H177:H182)","v":369835.34}]
["5.6.1",87879,"CHAPISCO APLICADO EM ALVENARIAS E ESTRUTURAS DE CONCRETO INTERNAS, COM COLHER DE PEDREIRO. ARGAMASSA TRAÇO 1:3 COM PREPARO EM BETONEIRA 400L. AF_06/2014","m²",1673.95,4.78,{"$f":"F177*(1+($H$3))","v":5.98},{"$f":"ROUND(E177*G177,2)","v":10010.219999999999}]
["5.6.2",87894,"CHAPISCO APLICADO EM ALVENARIA (SEM PRESENÇA DE VÃOS) E ESTRUTURAS DE CONCRETO DE FACHADA, COM COLHER DE PEDREIRO. ARGAMASSA TRAÇO 1:3 COM PREPARO EM BETONEIRA 400L. AF_06/2014","m²",1489.15,7.41,9.26,13789.53]
["5.6.3",87531,"EMBOÇO, PARA RECEBIMENTO DE CERÂMICA, EM ARGAMASSA TRAÇO 1:2:8, PREPARO MECÂNICO COM BETONEIRA 400L, APLICADO MANUALMENTE EM FACES INTERNAS DE PAREDES, PARA AMBIENTE COM ÁREA ENTRE 5M2 E 10M2, ESPESSURA DE 20MM, COM EXECUÇÃO DE TALISCAS. AF_06/2014","m²",1384.4,41.76,52.2,72265.679999999993]
["5.6.4",87529,"MASSA ÚNICA, PARA RECEBIMENTO DE PINTURA, EM ARGAMASSA TRAÇO 1:2:8, PREPARO MECÂNICO COM BETONEIRA 400L, APLICADA MANUALMENTE EM FACES INTERNAS DE PAREDES, ESPESSURA DE 20MM, COM EXECUÇÃO DE TALISCAS. AF_06/2014","m²",307.5,43.27,54.09,16632.68]
["5.6.5",87781,"EMBOÇO OU MASSA ÚNICA EM ARGAMASSA TRAÇO 1:2:8, PREPARO MANUAL, APLICADA MANUALMENTE EM PANOS DE FACHADA COM PRESENÇA DE VÃOS, ESPESSURA DE\n35 MM. AF_06/2014","m²",1489.15,79.290000000000006,99.11,147589.66]
["5.6.6",87273,"REVESTIMENTO CERÂMICO PARA PAREDES INTERNAS COM PLACAS TIPO ESMALTADA EXTRA DE DIMENSÕES 33X45 CM APLICADAS EM AMBIENTES DE ÁREA MAIOR QUE 5 M² NA ALTURA INTEIRA DAS PAREDES. AF_06/2014","m²",1384.4,63.3,79.13,109547.57]
["5.7",null,"PINTURA E EMASSAMENTO INTERNO",{"$nulls":4},{"$f":"SUM(H184:H186)","v":17318.41}]
["5.7.1","CPU 006","EMASSAMENTO COM MASSA A OLEO, UMA DEMAO","m²",307.5,{"$f":"CPU!I94","v":29.85},{"$f":"F184*(1+($H$3))","v":37.31},{"$f":"ROUND(E184*G184,2)","v":11472.83}]
["5.7.2",88411,"APLICAÇÃO MANUAL DE FUNDO SELADOR ACRÍLICO EM PANOS COM PRESENÇA DE VÃOS DE EDIFÍCIOS DE MÚLTIPLOS PAVIMENTOS. AF_06/2014P","m²",307.5,3.16,{"$f":"F185*(1+($H$3))","v":3.95},{"$f":"ROUND(E185*G185,2)","v":1214.6300000000001}]
["5.7.3",88489,"APLICAÇÃO MANUAL DE PINTURA COM TINTA LÁTEX ACRÍLICA EM PAREDES, DUAS DEMÃOS. AF_06/2014","m²",307.5,12.05,{"$f":"F186*(1+($H$3))","v":15.06},{"$f":"ROUND(E186*G186,2)","v":4630.95}]
["5.8",null,"PINTURA E EMASSAMENTO EXTERNO",{"$nulls":4},{"$f":"SUM(H188:H190)","v":107323.04}]
["5.8.1","CPU 006","EMASSAMENTO COM MASSA A OLEO, UMA DEMAO","m²",1489.15,{"$f":"CPU!I95","v":29.85},{"$f":"F188*(1+($H$3))","v":37.31},{"$f":"ROUND(E188*G188,2)","v":55560.19}]
["5.8.2",88411,"APLICAÇÃO MANUAL DE FUNDO SELADOR ACRÍLICO EM PANOS COM PRESENÇA DE VÃOS DE EDIFÍCIOS DE MÚLTIPLOS PAVIMENTOS. AF_06/2014P","m²",1489.15,3.16,{"$f":"F189*(1+($H$3))","v":3.95},{"$f":"ROUND(E189*G189,2)","v":5882.14}]
["5.8.3",95624,"APLICAÇÃO MANUAL DE TINTA LÁTEX ACRÍLICA EM SUPERFÍCIES EXTERNAS DE SACADA DE EDIFÍCIOS DE MÚLTIPLOS PAVIMENTOS, DUAS DEMÃOS. AF_11/2016","m²",1489.15,24.65,{"$f":"F190*(1+($H$3))","v":30.81},{"$f":"ROUND(E190*G190,2)","v":45880.71}]
["5.9",null,"COBERTURAS E IMPERMEABILIZAÇÕES",{"$nulls":4},{"$f":"SUM(H192:H195)","v":120810.31}]
["5.9.1",92255,"INSTALAÇÃO DE TESOURA (INTEIRA OU MEIA), EM AÇO, PARA VÃOS MAIORES OU IGUAIS A 3,0 M E MENORES QUE 6,0 M, INCLUSO IÇAMENTO. AF_12/2015","UNID",3,240.88,{"$f":"F192*(1+($H$3))","v":301.10000000000002},{"$f":"ROUND(E192*G192,2)","v":903.3}]
["5.9.3",92564,"FABRICAÇÃO E INSTALAÇÃO DE TESOURA INTEIRA EM MADEIRA NÃO APARELHADA, VÃO DE 12 M, PARA TELHA ONDULADA DE FIBROCIMENTO, METÁLICA, PLÁSTICA OU TERMOACÚSTICA, INCLUSO IÇAMENTO. AF_12/2015","UNID",4,3075.16,{"$f":"F193*(1+($H$3))","v":3843.95},{"$f":"ROUND(E193*G193,2)","v":15375.8}]
["5.9.4",92580,"TRAMA DE AÇO COMPOSTA POR TERÇAS PARA TELHADOS DE ATÉ 2 ÁGUAS PARA TELHA ONDULADA DE FIBROCIMENTO, METÁLICA, PLÁSTICA OU TERMOACÚSTICA, INCLUSO TRANSPORTE VERTICAL. AF_12/2015","m²",615.36,63.3,{"$f":"F194*(1+($H$3))","v":79.13},{"$f":"ROUND(E194*G194,2)","v":48693.440000000002}]
["5.9.5",94213,"TELHAMENTO COM TELHA DE AÇO/ALUMÍNIO E = 0,5 MM, COM ATÉ 2 ÁGUAS, INCLUSO IÇAMENTO. AF_06/2016","m²",615.36,72.59,{"$f":"F195*(1+($H$3))","v":90.74},{"$f":"ROUND(E195*G195,2)","v":55837.77}]
["5.10",null,"ESQUADRIAS E VIDROS",{"$nulls":4},{"$f":"SUM(H197:H199)","v":32886.11}]
["5.10.1",100702,"PORTA DE CORRER EM ALUMINIO, COM DUAS FOLHAS PARA VIDRO, INCLUSO VIDRO LISO INCOLOR, FECHADURA E PUXADOR, SEM GUARNICAO / ALIZAR / VISTA","m²",20.49,310.48,{"$f":"F197*(1+($H$3))","v":388.1},{"$f":"ROUND(E197*G197,2)","v":7952.17}]
["5.10.2",91341,"PORTA EM ALUMÍNIO DE ABRIR TIPO VENEZIANA COM GUARNIÇÃO, FIXAÇÃO COM PARAFUSOS - FORNECIMENTO E INSTALAÇÃO. AF_08/2015","m²",34.65,436.75,{"$f":"F198*(1+($H$3))","v":545.94000000000005},18916.82]
["5.10.3",94570,"JANELA DE ALUMÍNIO DE CORRER, 2 FOLHAS, FIXAÇÃO COM PARAFUSO SOBRE CONTRAMARCO (EXCLUSIVE CONTRAMARCO), COM VIDROS PADRONIZADA. AF_07/2016","m²",21.89,219.9,{"$f":"F199*(1+($H$3))","v":274.88},6017.12]
["5.11",null,"FORRO",{"$nulls":4},{"$f":"SUM(H201)","v":61301.45}]
["5.11.1",96486,"FORRO DE PVC, LISO, PARA AMBIENTES COMERCIAIS, INCLUSIVE ESTRUTURA DE FIXAÇÃO. AF_05/2017_P","m²",517.04999999999995,94.85,{"$f":"F201*(1+($H$3))","v":118.56},{"$f":"ROUND(E201*G201,2)","v":61301.45}]
["5.12",null,"PINTURA EM ESQUADRIAS",{"$nulls":4},{"$f":"SUM(H203:H203)","v":11028.68}]
["5.12.1",102218,"PINTURA ESMALTE FOSCO, DUAS DEMAOS, SOBRE SUPERFICIE METALICA, INCLUSO UMA DEMAO DE FUNDO ANTICORROSIVO. UTILIZACAO DE REVOLVER ( AR-COMPRIMIDO).","m²",517.04999999999995,17.059999999999999,{"$f":"F203*(1+($H$3))","v":21.33},{"$f":"ROUND(E203*G203,2)","v":11028.68}]
["5.13",null,"PISO",{"$nulls":4},{"$f":"SUM(H205:H207)","v":104159.72}]
["5.13.1",95240,"LASTRO DE CONCRETO MAGRO, APLICADO EM PISOS OU RADIERS, ESPESSURA DE 3CM. AF_07/2016","m²",517.04999999999995,20.13,{"$f":"F205*(1+($H$3))","v":25.16},{"$f":"ROUND(E205*G205,2)","v":13008.98}]
["5.13.2",87630,"CONTRAPISO EM ARGAMASSA TRAÇO 1:4 (CIMENTO E AREIA), PREPARO MECÂNICO COM BETONEIRA 400 L, APLICADO EM ÁREAS SECAS SOBRE LAJE, ADERIDO, ESPESSURA 3CM. AF_06/2014","m²",517.04999999999995,42.94,{"$f":"F206*(1+($H$3))","v":53.68},{"$f":"ROUND(E206*G206,2)","v":27755.24}]
["5.13.3",104162,"PISO EM GRANILITE, MARMORITE OU GRANITINA ESPESSURA 8 MM, INCLUSO JUNTAS DE DILATACAO PLASTICAS","m²",517.04999999999995,98.09,{"$f":"F207*(1+($H$3))","v":122.61},{"$f":"ROUND(E207*G207,2)","v":63395.5}]
["5.14",null,"INSTALAÇÕES HIDROSSANITÁRIAS",{"$nulls":4},{"$f":"SUM(H209:H210)","v":29180.45}]
["5.14.1","CPU 003","SERVIÇOS DE INSTALAÇÕES PREDIAIS DE ÁGUA FRIA ","unid.",1,{"$f":"CPU!I61","v":13637.92},{"$f":"F209*(1+($H$3))","v":17047.400000000001},{"$f":"ROUND(E209*G209,2)","v":17047.400000000001}]
["5.14.2","CPU 004","INSTALAÇÕES PREDIAIS DE ESGOTO E PLUVIAIS","unid.",1,{"$f":"CPU!I72","v":9706.44},{"$f":"F210*(1+($H$3))","v":12133.05},{"$f":"ROUND(E210*G210,2)","v":12133.05}]
["5.15",null,"INSTALAÇÕES ELÉTRICAS",{"$nulls":4},{"$f":"SUM(H212)","v":72212.399999999994}]
["5.15.1","CPU 005 ","SERVIÇOS PARA EXECUÇÃO DA INSTALAÇÃO ELÉTRICA, LÓGICA E TELEFONIA.","unid.",0.6,{"$f":"CPU!I84","v":96283.199999999997},{"$f":"F212*(1+($H$3))","v":120354},{"$f":"ROUND(E212*G212,2)","v":72212.399999999994}]
[]
["6.0",null,"CORREDOR DE MATANÇA ",{"$nulls":4},{"$f":"H215+H217+H225+H232+H236+H240+H245+H248+H223","v":117005.64}]
["6.1",null,"LOCAÇÃO DA OBRA",{"$nulls":4},{"$f":"SUM(H216)","v":1278.72}]
["6.1.1","50/ORSE","LOCAÇÃO DE CONSTRUÇÃO DE EDIFICAÇÃO ATÉ 200M², INCLUSIVE EXECUÇÃO DE GABARITO","m²",108,9.4700000000000006,{"$f":"F216*(1+($H$3))","v":11.84},{"$f":"ROUND(E216*G216,2)","v":1278.72}]
["6.2",null,"MOVIMENTO DE TERRA",{"$nulls":4},{"$f":"SUM(H218:H222)","v":13964.15}]
["6.2.1","09897/ORSE","LIMPEZA SUPERFICIAL DA CAMADA VEGETAL EM JAZIDA","m²",504,1.78,{"$f":"F218*(1+($H$3))","v":2.23},{"$f":"ROUND(E218*G218,2)","v":1123.92}]
["6.2.2",96526,"ESCAVAÇÃO MANUAL DE VALA PARA VIGA BALDRAME, COM PREVISÃO DE FÔRMA. AF_06/2017","m³",22.19,326.74,{"$f":"F219*(1+($H$3))","v":408.43},{"$f":"ROUND(E219*G219,2)","v":9063.06}]
["6.2.3",93382,"REATERRO MANUAL DE VALAS, COM COMPACTADOR DE SOLOS DE PERCUSSÃO","m³",13.31,27.69,{"$f":"F220*(1+($H$3))","v":34.61},{"$f":"ROUND(E220*G220,2)","v":460.66}]
["6.2.4",96385,"EXECUÇÃO E COMPACTAÇÃO DE ATERRO COM SOLO PREDOMINANTEMENTE ARGILOSO - \nEXCLUSIVE ESCAVAÇÃO, CARGA E TRANSPORTE E SOLO. AF_09/2017","m³",167.5,13,{"$f":"F221*(1+($H$3))","v":16.25},{"$f":"ROUND(E221*G221,2)","v":2721.88}]
["6.2.5",100945,"TRANSPORTE COMERCIAL COM CAMINHAO CARROCERIA 9 T, RODOVIA EM LEITO NATURAL","TxKM",167.5,2.84,{"$f":"F222*(1+($H$3))","v":3.55},{"$f":"ROUND(E222*G222,2)","v":594.63}]
["6.3",null,"ALVENARIA / DIVISÓRIAS",{"$nulls":4},{"$f":"H224","v":28864.44}]
["6.3.1",103351,"(COMPOSIÇÃO REPRESENTATIVA) DO SERVIÇO DE ALVENARIA DE VEDAÇÃO DE BLOCOS VAZADOS DE CERÂMICA DE 9X19X19CM (ESPESSURA 9CM), PARA EDIFICAÇÃO HABITACIONAL UNIFAMILIAR (CASA) E EDIFICAÇÃO PÚBLICA PADRÃO. AF_11/2014","m²",127.33,181.35,{"$f":"F224*(1+($H$3))","v":226.69},{"$f":"ROUND(E224*G224,2)","v":28864.44}]
["6.4",null,"REVESTIMENTOS",{"$nulls":4},{"$f":"SUM(H226:H231)","v":26271.11}]
["6.4.1",87879,"CHAPISCO APLICADO EM ALVENARIAS E ESTRUTURAS DE CONCRETO INTERNAS, COM COLHER DE PEDREIRO. ARGAMASSA TRAÇO 1:3 COM PREPARO EM BETONEIRA 400L. AF_06/2014","m²",127.33,4.78,{"$f":"F226*(1+($H$3))","v":5.98},{"$f":"ROUND(E226*G226,2)","v":761.43}]
["6.4.2",87894,"CHAPISCO APLICADO EM ALVENARIA (SEM PRESENÇA DE VÃOS) E ESTRUTURAS DE CONCRETO DE FACHADA, COM COLHER DE PEDREIRO. ARGAMASSA TRAÇO 1:3 COM PREPARO EM BETONEIRA 400L. AF_06/2014","m²",127.33,7.41,9.26,1179.08]
["6.4.3",87531,"EMBOÇO, PARA RECEBIMENTO DE CERÂMICA, EM ARGAMASSA TRAÇO 1:2:8, PREPARO MECÂNICO COM BETONEIRA 400L, APLICADO MANUALMENTE EM FACES INTERNAS DE PAREDES, PARA AMBIENTE COM ÁREA ENTRE 5M2 E 10M2, ESPESSURA DE 20MM, COM EXECUÇÃO DE TALISCAS. AF_06/2014","m²",62.45,41.76,52.2,3259.89]
["6.4.4",87529,"MASSA ÚNICA, PARA RECEBIMENTO DE PINTURA, EM ARGAMASSA TRAÇO 1:2:8, PREPARO MECÂNICO COM BETONEIRA 400L, APLICADA MANUALMENTE EM FACES INTERNAS DE PAREDES, ESPESSURA DE 20MM, COM EXECUÇÃO DE TALISCAS. AF_06/2014","m²",64.88,43.27,54.09,3509.36]
["6.4.5",87781,"EMBOÇO OU MASSA ÚNICA EM ARGAMASSA TRAÇO 1:2:8, PREPARO MANUAL, APLICADA MANUALMENTE EM PANOS DE FACHADA COM PRESENÇA DE VÃOS, ESPESSURA DE\n35 MM. AF_06/2014","m²",127.33,79.290000000000006,99.11,12619.68]
["6.4.6",87273,"REVESTIMENTO CERÂMICO PARA PAREDES INTERNAS COM PLACAS TIPO ESMALTADA EXTRA DE DIMENSÕES 33X45 CM APLICADAS EM AMBIENTES DE ÁREA MAIOR QUE 5 M² NA ALTURA INTEIRA DAS PAREDES. AF_06/2014","m²",62.45,63.3,79.13,4941.67]
["6.5",null,"PINTURA E EMASSAMENTO INTERNO",{"$nulls":4},{"$f":"SUM(H233:H235)","v":3654.04}]
["6.5.1","CPU 006","EMASSAMENTO COM MASSA A OLEO, UMA DEMAO","m²",64.88,{"$f":"CPU!I94","v":29.85},{"$f":"F233*(1+($H$3))","v":37.31},{"$f":"ROUND(E233*G233,2)","v":2420.67}]
["6.5.2",88411,"APLICAÇÃO MANUAL DE FUNDO SELADOR ACRÍLICO EM PANOS COM PRESENÇA DE VÃOS DE EDIFÍCIOS DE MÚLTIPLOS PAVIMENTOS. AF_06/2014P","m²",64.88,3.16,{"$f":"F234*(1+($H$3))","v":3.95},{"$f":"ROUND(E234*G234,2)","v":256.27999999999997}]
["6.5.3",88489,"APLICAÇÃO MANUAL DE PINTURA COM TINTA LÁTEX ACRÍLICA EM PAREDES, DUAS DEMÃOS. AF_06/2014","m²",64.88,12.05,{"$f":"F235*(1+($H$3))","v":15.06},{"$f":"ROUND(E235*G235,2)","v":977.09}]
["6.6",null,"PINTURA E EMASSAMENTO EXTERNO",{"$nulls":4},{"$f":"SUM(H237:H239)","v":9176.67}]
["6.6.1","CPU 006","EMASSAMENTO COM MASSA A OLEO, UMA DEMAO","m²",127.33,{"$f":"CPU!I95","v":29.85},{"$f":"F237*(1+($H$3))","v":37.31},{"$f":"ROUND(E237*G237,2)","v":4750.68}]
["6.6.2",88411,"APLICAÇÃO MANUAL DE FUNDO SELADOR ACRÍLICO EM PANOS COM PRESENÇA DE VÃOS DE EDIFÍCIOS DE MÚLTIPLOS PAVIMENTOS. AF_06/2014P","m²",127.33,3.16,{"$f":"F238*(1+($H$3))","v":3.95},{"$f":"ROUND(E238*G238,2)","v":502.95}]
["6.6.3",95624,"APLICAÇÃO MANUAL DE TINTA LÁTEX ACRÍLICA EM SUPERFÍCIES EXTERNAS DE SACADA DE EDIFÍCIOS DE MÚLTIPLOS PAVIMENTOS, DUAS DEMÃOS. AF_11/2016","m²",127.33,24.65,{"$f":"F239*(1+($H$3))","v":30.81},{"$f":"ROUND(E239*G239,2)","v":3923.04}]
["6.7",null,"PISO",{"$nulls":4},{"$f":"SUM(H241:H244)","v":26064.3}]
["6.7.1",95240,"LASTRO DE CONCRETO MAGRO, APLICADO EM PISOS OU RADIERS, ESPESSURA DE 3CM. AF_07/2016","m²",74.790000000000006,20.13,{"$f":"F241*(1+($H$3))","v":25.16},{"$f":"ROUND(E241*G241,2)","v":1881.72}]
["6.7.2",87630,"CONTRAPISO EM ARGAMASSA TRAÇO 1:4 (CIMENTO E AREIA), PREPARO MECÂNICO COM BETONEIRA 400 L, APLICADO EM ÁREAS SECAS SOBRE LAJE, ADERIDO, ESPESSURA 3CM. AF_06/2014","m²",74.790000000000006,42.94,{"$f":"F242*(1+($H$3))","v":53.68},{"$f":"ROUND(E242*G242,2)","v":4014.73}]
["6.7.3",104162,"PISO EM GRANILITE, MARMORITE OU GRANITINA ESPESSURA 8 MM, INCLUSO JUNTAS DE DILATACAO PLASTICAS","m²",74.790000000000006,98.09,{"$f":"F243*(1+($H$3))","v":122.61},{"$f":"ROUND(E243*G243,2)","v":9170}]
["6.7.4",94993,"EXECUÇÃO DE PASSEIO (CALÇADA) OU PISO DE CONCRETO COM CONCRETO MOLDADO IN LOCO, USINADO, ACABAMENTO CONVENCIONAL, ESPESSURA 6 CM, ARMADO. AF_07/2016","m²",117.75,74.72,{"$f":"F244*(1+($H$3))","v":93.4},{"$f":"ROUND(E244*G244,2)","v":10997.85}]
["6.8",null,"INSTALAÇÕES HIDROSSANITÁRIAS",{"$nulls":4},{"$f":"SUM(H246:H247)","v":2918.05}]
["6.8.1","CPU 003","SERVIÇOS DE INSTALAÇÕES PREDIAIS DE ÁGUA FRIA ","unid.",0.1,{"$f":"CPU!I61","v":13637.92},{"$f":"F246*(1+($H$3))","v":17047.400000000001},{"$f":"ROUND(E246*G246,2)","v":1704.74}]
["6.8.2","CPU 004","INSTALAÇÕES PREDIAIS DE ESGOTO E PLUVIAIS","unid.",0.1,{"$f":"CPU!I72","v":9706.44},{"$f":"F247*(1+($H$3))","v":12133.05},{"$f":"ROUND(E247*G247,2)","v":1213.31}]
["6.9",null,"INSTALAÇÕES ELÉTRICAS",{"$nulls":4},{"$f":"SUM(H249)","v":4814.16}]
["6.9.1","CPU 005","SERVIÇOS PARA EXECUÇÃO DA INSTALAÇÃO ELÉTRICA, LÓGICA E TELEFONIA.","unid.",0.04,{"$f":"CPU!I84","v":96283.199999999997},{"$f":"F249*(1+($H$3))","v":120354},{"$f":"ROUND(E249*G249,2)","v":4814.16}]
[]
["7.0",null,"CURRAIS",{"$nulls":4},{"$f":"H252+H254+H260+H268+H290+H299+H279+H282+H286+H301+H303+H312+H315+H277+H307","v":572075.12}]
["7.1",null,"LOCAÇÃO DA OBRA",{"$nulls":4},{"$f":"SUM(H253)","v":4898.05}]
["7.1.1","4176/ORSE","LOCAÇÃO DE CONSTRUÇÃO DE EDIFICAÇÃO ENTRE 200 E 1000M², INCLUSIVE EXECUÇÃO DE GABARITO DE MADEIRA","m²",577.6,6.78,{"$f":"F253*(1+($H$3))","v":8.48},{"$f":"ROUND(E253*G253,2)","v":4898.05}]
["7.2",null,"MOVIMENTO DE TERRA",{"$nulls":4},{"$f":"SUM(H255:H259)","v":25736.38}]
["7.2.1","09897/ORSE","LIMPEZA SUPERFICIAL DA CAMADA VEGETAL EM JAZIDA","m²",560,1.78,{"$f":"F255*(1+($H$3))","v":2.23},{"$f":"ROUND(E255*G255,2)","v":1248.8}]
["7.2.2",96526,"ESCAVAÇÃO MANUAL DE VALA PARA VIGA BALDRAME, COM PREVISÃO DE FÔRMA. AF_06/2017","m³",47.1,326.74,{"$f":"F256*(1+($H$3))","v":408.43},{"$f":"ROUND(E256*G256,2)","v":19237.05}]
["7.2.3",93382,"REATERRO MANUAL DE VALAS, COM COMPACTADOR DE SOLOS DE PERCUSSÃO","m³",28.26,27.69,{"$f":"F257*(1+($H$3))","v":34.61},{"$f":"ROUND(E257*G257,2)","v":978.08}]
["7.2.4",96385,"EXECUÇÃO E COMPACTAÇÃO DE ATERRO COM SOLO PREDOMINANTEMENTE ARGILOSO - \nEXCLUSIVE ESCAVAÇÃO, CARGA E TRANSPORTE E SOLO. AF_09/2017","m³",215.78,13,{"$f":"F258*(1+($H$3))","v":16.25},{"$f":"ROUND(E258*G258,2)","v":3506.43}]
["7.2.5",100945,"TRANSPORTE COMERCIAL COM CAMINHAO CARROCERIA 9 T, RODOVIA EM LEITO NATURAL","TxKM",215.78,2.84,{"$f":"F259*(1+($H$3))","v":3.55},{"$f":"ROUND(E259*G259,2)","v":766.02}]
["7.3",null,"INFRA-ESTRUTURA / FUNDAÇÕES",{"$nulls":4},{"$f":"SUM(H261:H267)","v":35312.89}]
["7.3.1",96543,"ARMAÇÃO DE BLOCO, VIGA BALDRAME E SAPATA UTILIZANDO AÇO CA-60 DE 5 MM - MONTAGEM. AF_06/2017","kg",151,18.489999999999998,{"$f":"F261*(1+($H$3))","v":23.11},{"$f":"ROUND(E261*G261,2)","v":3489.61}]
["7.3.2",96545,"ARMAÇÃO DE BLOCO, VIGA BALDRAME OU SAPATA UTILIZANDO AÇO CA-50 DE 8 MM - MONTAGEM. AF_06/2017","kg",203,15.16,18.95,3846.85]
["7.3.3",96546,"ARMAÇÃO DE BLOCO, VIGA BALDRAME OU SAPATA UTILIZANDO AÇO CA-50 DE 10 MM - MONTAGEM. AF_06/2017","kg",905,13.32,16.649999999999999,15068.25]
["7.3.4",96547,"ARMAÇÃO DE BLOCO, VIGA BALDRAME OU SAPATA UTILIZANDO AÇO CA-50 DE 12,5 MM - MONTAGEM. AF_06/2017","kg",20,11.15,13.94,278.8]
["7.3.5",97086,"FABRICAÇÃO, MONTAGEM E DESMONTAGEM DE FORMA PARA RADIER, EM MADEIRA SERRADA, 4 UTILIZAÇÕES. AF_09/2017","m²",33.799999999999997,135.44999999999999,169.31,5722.68]
["7.3.6","11488/ORSE","LANCAMENTO/APLICACAO MANUAL DE CONCRETO EM FUNDACOES","m³",10,27.98,34.979999999999997,349.8]
["7.3.7",94971,"CONCRETO FCK = 25MPA, TRAÇO 1:2,3:2,7 (CIMENTO/ AREIA MÉDIA/ BRITA 1) - PREPARO MECÂNICO COM BETONEIRA 600 L. AF_07/2016","m³",10,524.54999999999995,655.69,6556.9]
["7.4",null,"SUPERESTRUTURA ",{"$nulls":4},{"$f":"SUM(H269:H276)","v":125922.5}]
["7.4.1",101792,"ESCORAMENTO FORMAS H=3,50 A 4,00 M, COM MADEIRA DE 3A QUALIDADE, NAO APARELHADA, APROVEITAMENTO TABUAS 3X E PRUMOS 4X.","m³",38.25,18.350000000000001,{"$f":"F269*(1+($H$3))","v":22.94},{"$f":"ROUND(E269*G269,2)","v":877.46}]
["7.4.2",92759,"ARMAÇÃO DE PILAR OU VIGA DE UMA ESTRUTURA CONVENCIONAL DE CONCRETO ARMADO EM UM EDIFÍCIO DE MÚLTIPLOS PAVIMENTOS UTILIZANDO AÇO CA-60 DE 5,0 MM - MONTAGEM. AF_12/2015","kg",393,14.65,18.309999999999999,{"$f":"ROUND(E270*G270,2)","v":7195.83}]
["7.4.3",92761,"ARMAÇÃO DE PILAR OU VIGA DE UMA ESTRUTURA CONVENCIONAL DE CONCRETO ARMADO EM UM EDIFÍCIO DE MÚLTIPLOS PAVIMENTOS UTILIZANDO AÇO CA-50 DE 8,0MM - MONTAGEM. AF_12/2015","kg",143,12.75,15.94,{"$f":"ROUND(E271*G271,2)","v":2279.42}]
["7.4.4",92762,"ARMAÇÃO DE PILAR OU VIGA DE UMA ESTRUTURA CONVENCIONAL DE CONCRETO ARMADO EM UM EDIFÍCIO DE MÚLTIPLOS PAVIMENTOS UTILIZANDO AÇO CA-50 DE 10,0 MM - MONTAGEM. AF_12/2015","kg",1396,11.33,14.16,19767.36]
["7.4.5",92264,"FABRICAÇÃO DE FÔRMA PARA PILARES E ESTRUTURAS SIMILARES, EM CHAPA DE MADEIRA COMPENSADA PLASTIFICADA, E = 18 MM. AF_12/2015","m²",150,211.39,264.24,{"$f":"ROUND(E273*G273,2)","v":39636}]
["7.4.6",92266,"FABRICAÇÃO DE FÔRMA PARA VIGAS, EM CHAPA DE MADEIRA COMPENSADA PLASTIFICADA, E = 18 MM. AF_12/2015","m²",187.3,157.4,196.75,36851.279999999999]
["7.4.7",103669,"CONCRETAGEM DE PILARES, FCK = 25 MPA, COM USO DE BALDES EM EDIFICAÇÃO COM SEÇÃO MÉDIA DE PILARES MENOR OU IGUAL A 0,25 M² - LANÇAMENTO, ADENSAMENTO E ACABAMENTO. AF_12/2015","m³",6.6,961.83,1202.29,7935.11]
["7.4.8",103682,"CONCRETAGEM DE VIGAS E LAJES, FCK=25 MPA, PARA QUALQUER TIPO DE LAJE COM BALDES EM EDIFICAÇÃO TÉRREA, COM ÁREA MÉDIA DE LAJES MENOR OU IGUAL A 20 M² - LANÇAMENTO, ADENSAMENTO E ACABAMENTO. AF_12/2015","m³",9.3000000000000007,978.93,1223.6600000000001,11380.04]
["7.5",null,"ALVENARIA / DIVISÓRIAS",{"$nulls":4},{"$f":"H278","v":43748.9}]
["7.5.1",103351,"(COMPOSIÇÃO REPRESENTATIVA) DO SERVIÇO DE ALVENARIA DE VEDAÇÃO DE BLOCOS VAZADOS DE CERÂMICA DE 9X19X19CM (ESPESSURA 9CM), PARA EDIFICAÇÃO HABITACIONAL UNIFAMILIAR (CASA) E EDIFICAÇÃO PÚBLICA PADRÃO. AF_11/2014","m²",192.99,181.35,{"$f":"F278*(1+($H$3))","v":226.69},{"$f":"ROUND(E278*G278,2)","v":43748.9}]
["7.6",null,"REVESTIMENTOS",{"$nulls":4},{"$f":"SUM(H280:H281)","v":24452.47}]
["7.6.1",87894,"CHAPISCO APLICADO EM ALVENARIA (SEM PRESENÇA DE VÃOS) E ESTRUTURAS DE CONCRETO DE FACHADA, COM COLHER DE PEDREIRO. ARGAMASSA TRAÇO 1:3 COM PREPARO EM BETONEIRA 400L. AF_06/2014","m²",385.99,7.41,{"$f":"F280*(1+($H$3))","v":9.26},{"$f":"ROUND(E280*G280,2)","v":3574.27}]
["7.6.2",87529,"MASSA ÚNICA, PARA RECEBIMENTO DE PINTURA, EM ARGAMASSA TRAÇO 1:2:8, PREPARO MECÂNICO COM BETONEIRA 400L, APLICADA MANUALMENTE EM FACES INTERNAS DE PAREDES, ESPESSURA DE 20MM, COM EXECUÇÃO DE TALISCAS. AF_06/2014","m²",385.99,43.27,{"$f":"F281*(1+($H$3))","v":54.09},{"$f":"ROUND(E281*G281,2)","v":20878.2}]
["7.7",null,"PINTURA E EMASSAMENTO INTERNO",{"$nulls":4},{"$f":"SUM(H283:H285)","v":6284.75}]
["7.7.1","CPU 006","EMASSAMENTO COM MASSA A OLEO, UMA DEMAO","m²",111.59,{"$f":"CPU!I94","v":29.85},{"$f":"F283*(1+($H$3))","v":37.31},{"$f":"ROUND(E283*G283,2)","v":4163.42}]
["7.7.2",88411,"APLICAÇÃO MANUAL DE FUNDO SELADOR ACRÍLICO EM PANOS COM PRESENÇA DE VÃOS DE EDIFÍCIOS DE MÚLTIPLOS PAVIMENTOS. AF_06/2014P","m²",111.59,3.16,{"$f":"F284*(1+($H$3))","v":3.95},{"$f":"ROUND(E284*G284,2)","v":440.78}]
["7.7.3",88489,"APLICAÇÃO MANUAL DE PINTURA COM TINTA LÁTEX ACRÍLICA EM PAREDES, DUAS DEMÃOS. AF_06/2014","m²",111.59,12.05,{"$f":"F285*(1+($H$3))","v":15.06},{"$f":"ROUND(E285*G285,2)","v":1680.55}]
["7.8",null,"PINTURA E EMASSAMENTO EXTERNO",{"$nulls":4},{"$f":"SUM(H287:H289)","v":8042.29}]
["7.8.1","CPU 006","EMASSAMENTO COM MASSA A OLEO, UMA DEMAO","m²",111.59,{"$f":"CPU!I94","v":29.85},{"$f":"F287*(1+($H$3))","v":37.31},{"$f":"ROUND(E287*G287,2)","v":4163.42}]
["7.8.2",88411,"APLICAÇÃO MANUAL DE FUNDO SELADOR ACRÍLICO EM PANOS COM PRESENÇA DE VÃOS DE EDIFÍCIOS DE MÚLTIPLOS PAVIMENTOS. AF_06/2014P","m²",111.59,3.16,{"$f":"F288*(1+($H$3))","v":3.95},{"$f":"ROUND(E288*G288,2)","v":440.78}]
["7.8.3",95624,"APLICAÇÃO MANUAL DE TINTA LÁTEX ACRÍLICA EM SUPERFÍCIES EXTERNAS DE SACADA DE EDIFÍCIOS DE MÚLTIPLOS PAVIMENTOS, DUAS DEMÃOS. AF_11/2016","m²",111.59,24.65,{"$f":"F289*(1+($H$3))","v":30.81},{"$f":"ROUND(E289*G289,2)","v":3438.09}]
["7.9",null,"COBERTURAS E IMPERMEABILIZAÇÕES",{"$nulls":4},{"$f":"SUM(H291:H298)","v":167762.49}]
["7.9.1",92255,"INSTALAÇÃO DE TESOURA (INTEIRA OU MEIA), EM AÇO, PARA VÃOS MAIORES OU IGUAIS A 3,0 M E MENORES QUE 6,0 M, INCLUSO IÇAMENTO. AF_12/2015","UNID",9,240.88,{"$f":"F291*(1+($H$3))","v":301.10000000000002},{"$f":"ROUND(E291*G291,2)","v":2709.9}]
["7.9.2",92256,"INSTALAÇÃO DE TESOURA (INTEIRA OU MEIA), EM AÇO, PARA VÃOS MAIORES OU IGUAIS A 6,0 M E MENORES QUE 8,0 M, INCLUSO IÇAMENTO. AF_12/2015","UNID",4,314.07,392.59,1570.36]
["7.9.3",92257,"INSTALAÇÃO DE TESOURA (INTEIRA OU MEIA), EM AÇO, PARA VÃOS MAIORES OU IGUAIS A 8,0 M E MENORES QUE 10,0 M, INCLUSO IÇAMENTO. AF_12/2015","UNID",11,385.89,482.36,5305.96]
["7.9.4",92258,"INSTALAÇÃO DE TESOURA (INTEIRA OU MEIA), EM AÇO, PARA VÃOS MAIORES OU IGUAIS A 10,0 M E MENORES QUE 12,0 M, INCLUSO IÇAMENTO. AF_12/2015","UNID",4,501.42,626.78,2507.12]
["7.9.5",92574,"TRAMA DE AÇO COMPOSTA POR RIPAS, CAIBROS E TERÇAS PARA TELHADOS DE ATÉ 2 ÁGUAS PARA TELHA CERÂMICA CAPA-CANAL, INCLUSO TRANSPORTE VERTICAL.AF_12/2015","m²",401.42,166.38,207.98,83487.33]
["7.9.6",92577,"TRAMA DE AÇO COMPOSTA POR RIPAS, CAIBROS E TERÇAS PARA TELHADOS DE MAIS DE 2 ÁGUAS PARA TELHA CERÂMICA CAPA-CANAL, INCLUSO TRANSPORTE VERTICAL. AF_12/2015","m²",169.8,180.43,225.54,38296.69]
["7.9.7",94445,"TELHAMENTO COM TELHA CERÂMICA CAPA-CANAL, TIPO PLAN, COM ATÉ 2 ÁGUAS, INCLUSO TRANSPORTE VERTICAL. AF_06/2016","m²",401.42,42.37,52.96,21259.200000000001]
["7.9.8",94446,"TELHAMENTO COM TELHA CERÂMICA CAPA-CANAL, TIPO PLAN, COM MAIS DE 2 ÁGUAS, INCLUSO TRANSPORTE VERTICAL. AF_06/2016","m²",207.8,48.61,60.76,12625.93]
["7.10",null,"ESQUADRIAS E VIDROS",{"$nulls":4},{"$f":"SUM(H300:H300)","v":10595.16}]
["7.10.1",100701,"PORTA DE FERRO TIPO VENEZIANA, DE ABRIR, SEM BANDEIRA SEM FERRAGENS","m²",19,446.11,{"$f":"F300*(1+($H$3))","v":557.64},{"$f":"ROUND(E300*G300,2)","v":10595.16}]
["7.11",null,"PINTURA EM ESQUADRIAS",{"$nulls":4},{"$f":"SUM(H302:H302)","v":810.54}]
["7.11.1",102218,"PINTURA ESMALTE FOSCO, DUAS DEMAOS, SOBRE SUPERFICIE METALICA, INCLUSO UMA DEMAO DE FUNDO ANTICORROSIVO. UTILIZACAO DE REVOLVER ( AR-COMPRIMIDO).","m²",38,17.059999999999999,{"$f":"F302*(1+($H$3))","v":21.33},{"$f":"ROUND(E302*G302,2)","v":810.54}]
["7.12",null,"PISO",{"$nulls":4},{"$f":"SUM(H304:H306)","v":90730.74}]
["7.12.1",95240,"LASTRO DE CONCRETO MAGRO, APLICADO EM PISOS OU RADIERS, ESPESSURA DE 3CM. AF_07/2016","m²",703.23,20.13,{"$f":"F304*(1+($H$3))","v":25.16},{"$f":"ROUND(E304*G304,2)","v":17693.27}]
["7.12.2",87630,"CONTRAPISO EM ARGAMASSA TRAÇO 1:4 (CIMENTO E AREIA), PREPARO MECÂNICO COM BETONEIRA 400 L, APLICADO EM ÁREAS SECAS SOBRE LAJE, ADERIDO, ESPESSURA 3CM. AF_06/2014","m²",703.23,42.94,{"$f":"F305*(1+($H$3))","v":53.68},{"$f":"ROUND(E305*G305,2)","v":37749.39}]
["7.12.3",98679,"PISO CIMENTADO, TRAÇO 1:3 (CIMENTO E AREIA), ACABAMENTO LISO, ESPESSURA 2,0 CM, PREPARO MECÂNICO DA ARGAMASSA. AF_06/2018","m²",703.23,40.14,{"$f":"F306*(1+($H$3))","v":50.18},{"$f":"ROUND(E306*G306,2)","v":35288.080000000002}]
["7.13",null,"BEBEDOURO",{"$nulls":4},{"$f":"SUM(H308:H311)","v":9906.4699999999993}]
["7.13.1",103351,"(COMPOSIÇÃO REPRESENTATIVA) DO SERVIÇO DE ALVENARIA DE VEDAÇÃO DE BLOCOS VAZADOS DE CERÂMICA DE 9X19X19CM (ESPESSURA 9CM), PARA EDIFICAÇÃO HABITACIONAL UNIFAMILIAR (CASA) E EDIFICAÇÃO PÚBLICA PADRÃO. AF_11/2014","m²",24,181.35,{"$f":"F308*(1+($H$3))","v":226.69},{"$f":"ROUND(E308*G308,2)","v":5440.56}]
["7.13.2",87894,"CHAPISCO APLICADO EM ALVENARIA (SEM PRESENÇA DE VÃOS) E ESTRUTURAS DE CONCRETO DE FACHADA, COM COLHER DE PEDREIRO. ARGAMASSA TRAÇO 1:3 COM PREPARO EM BETONEIRA 400L. AF_06/2014","m²",48,7.41,{"$f":"F309*(1+($H$3))","v":9.26},{"$f":"ROUND(E309*G309,2)","v":444.48}]
["7.13.3",87529,"MASSA ÚNICA, PARA RECEBIMENTO DE PINTURA, EM ARGAMASSA TRAÇO 1:2:8, PREPARO MECÂNICO COM BETONEIRA 400L, APLICADA MANUALMENTE EM FACES INTERNAS DE PAREDES, ESPESSURA DE 20MM, COM EXECUÇÃO DE TALISCAS. AF_06/2014","m²",48,43.27,{"$f":"F310*(1+($H$3))","v":54.09},{"$f":"ROUND(E310*G310,2)","v":2596.3200000000002}]
["7.13.4",98679,"PISO CIMENTADO, TRAÇO 1:3 (CIMENTO E AREIA), ACABAMENTO LISO, ESPESSURA 2,0 CM, PREPARO MECÂNICO DA ARGAMASSA. AF_06/2018","m²",28.4,40.14,{"$f":"F311*(1+($H$3))","v":50.18},{"$f":"ROUND(E311*G311,2)","v":1425.11}]
["7.14",null,"INSTALAÇÕES HIDROSSANITÁRIAS",{"$nulls":4},{"$f":"SUM(H313:H314)","v":5836.09}]
["7.14.1","CPU 003","SERVIÇOS DE INSTALAÇÕES PREDIAIS DE ÁGUA FRIA ","unid.",0.2,{"$f":"CPU!I61","v":13637.92},{"$f":"F313*(1+($H$3))","v":17047.400000000001},{"$f":"ROUND(E313*G313,2)","v":3409.48}]
["7.14.2","CPU 004","INSTALAÇÕES PREDIAIS DE ESGOTO E PLUVIAIS","unid.",0.2,{"$f":"CPU!I72","v":9706.44},{"$f":"F314*(1+($H$3))","v":12133.05},{"$f":"ROUND(E314*G314,2)","v":2426.61}]
["7.15",null,"INSTALAÇÕES ELÉTRICAS",{"$nulls":4},{"$f":"SUM(H316)","v":12035.4}]
["7.15.1","CPU 005","SERVIÇOS PARA EXECUÇÃO DA INSTALAÇÃO ELÉTRICA, LÓGICA E TELEFONIA.","unid.",0.1,{"$f":"CPU!I84","v":96283.199999999997},{"$f":"F316*(1+($H$3))","v":120354},{"$f":"ROUND(E316*G316,2)","v":12035.4}]
["8.0",null,"GUARITA",{"$nulls":4},{"$f":"H318+H320+H326+H333+H356+H360+H344+H363+H348+H352+H365+H367+H371+H342","v":37855.129999999997}]
["8.1",null,"LOCAÇÃO DA OBRA",{"$nulls":4},{"$f":"SUM(H319)","v":125.27}]
["8.1.1","50/ORSE","LOCAÇÃO DE CONSTRUÇÃO DE EDIFICAÇÃO ATÉ 200M², INCLUSIVE EXECUÇÃO DE GABARITO","M",10.58,9.4700000000000006,{"$f":"F319*(1+($H$3))","v":11.84},{"$f":"ROUND(E319*G319,2)","v":125.27}]
["8.2",null,"MOVIMENTO DE TERRA",{"$nulls":4},{"$f":"SUM(H321:H325)","v":1356.72}]
["8.2.1","09897/ORSE","LIMPEZA SUPERFICIAL DA CAMADA VEGETAL EM JAZIDA","m²",15.44,1.78,{"$f":"F321*(1+($H$3))","v":2.23},{"$f":"ROUND(E321*G321,2)","v":34.43}]
["8.2.2",96526,"ESCAVAÇÃO MANUAL DE VALA PARA VIGA BALDRAME, COM PREVISÃO DE FÔRMA. AF_06/2017","m³",2.92,326.74,{"$f":"F322*(1+($H$3))","v":408.43},{"$f":"ROUND(E322*G322,2)","v":1192.6199999999999}]
["8.2.3",93382,"REATERRO MANUAL DE VALAS, COM COMPACTADOR DE SOLOS DE PERCUSSÃO","m³",1.75,27.69,{"$f":"F323*(1+($H$3))","v":34.61},{"$f":"ROUND(E323*G323,2)","v":60.57}]
["8.2.4",96385,"EXECUÇÃO E COMPACTAÇÃO DE ATERRO COM SOLO PREDOMINANTEMENTE ARGILOSO - \nEXCLUSIVE ESCAVAÇÃO, CARGA E TRANSPORTE E SOLO. AF_09/2017","m³",3.49,13,{"$f":"F324*(1+($H$3))","v":16.25},{"$f":"ROUND(E324*G324,2)","v":56.71}]
["8.2.5",100945,"TRANSPORTE COMERCIAL COM CAMINHAO CARROCERIA 9 T, RODOVIA EM LEITO NATURAL","TxKM",3.49,2.84,{"$f":"F325*(1+($H$3))","v":3.55},{"$f":"ROUND(E325*G325,2)","v":12.39}]
["8.3",null,"INFRA-ESTRUTURA / FUNDAÇÕES",{"$nulls":4},{"$f":"SUM(H327:H332)","v":2182.9899999999998}]
["8.3.1",96543,"ARMAÇÃO DE BLOCO, VIGA BALDRAME E SAPATA UTILIZANDO AÇO CA-60 DE 5 MM - MONTAGEM. AF_06/2017","kg",5,18.489999999999998,{"$f":"F327*(1+($H$3))","v":23.11},{"$f":"ROUND(E327*G327,2)","v":115.55}]
["8.3.2",96544,"ARMAÇÃO DE BLOCO, VIGA BALDRAME OU SAPATA UTILIZANDO AÇO CA-50 DE 6,3 KG CR 9,62 MM - MONTAGEM. AF_06/2017","kg",8,16.71,20.89,167.12]
["8.3.3",96545,"ARMAÇÃO DE BLOCO, VIGA BALDRAME OU SAPATA UTILIZANDO AÇO CA-50 DE 8 MM - MONTAGEM. AF_06/2017","kg",47,15.16,18.95,890.65]
["8.3.4",97086,"FABRICAÇÃO, MONTAGEM E DESMONTAGEM DE FORMA PARA RADIER, EM MADEIRA SERRADA, 4 UTILIZAÇÕES. AF_09/2017","m²",2.7,135.44999999999999,169.31,457.14]
["8.3.5","11488/ORSE","LANCAMENTO/APLICACAO MANUAL DE CONCRETO EM FUNDACOES","m³",0.8,27.98,34.979999999999997,27.98]
["8.3.6",94971,"CONCRETO FCK = 25MPA, TRAÇO 1:2,3:2,7 (CIMENTO/ AREIA MÉDIA/ BRITA 1) - PREPARO MECÂNICO COM BETONEIRA 600 L. AF_07/2016","m³",0.8,524.54999999999995,655.69,524.54999999999995]
["8.4",null,"SUPERESTRUTURA ",{"$nulls":4},{"$f":"SUM(H334:H341)","v":8950.2800000000007}]
["8.4.1",101792,"ESCORAMENTO FORMAS H=3,50 A 4,00 M, COM MADEIRA DE 3A QUALIDADE, NAO APARELHADA, APROVEITAMENTO TABUAS 3X E PRUMOS 4X.","m³",0.64,18.350000000000001,{"$f":"F334*(1+($H$3))","v":22.94},{"$f":"ROUND(E334*G334,2)","v":14.68}]
["8.4.2",92759,"ARMAÇÃO DE PILAR OU VIGA DE UMA ESTRUTURA CONVENCIONAL DE CONCRETO ARMADO EM UM EDIFÍCIO DE MÚLTIPLOS PAVIMENTOS UTILIZANDO AÇO CA-60 DE 5,0 MM - MONTAGEM. AF_12/2015","kg",32,14.65,18.309999999999999,{"$f":"ROUND(E335*G335,2)","v":585.91999999999996}]
["8.4.3",92761,"ARMAÇÃO DE PILAR OU VIGA DE UMA ESTRUTURA CONVENCIONAL DE CONCRETO ARMADO EM UM EDIFÍCIO DE MÚLTIPLOS PAVIMENTOS UTILIZANDO AÇO CA-50 DE 8,0MM - MONTAGEM. AF_12/2015","kg",5,12.75,15.94,{"$f":"ROUND(E336*G336,2)","v":79.7}]
["8.4.4",92762,"ARMAÇÃO DE PILAR OU VIGA DE UMA ESTRUTURA CONVENCIONAL DE CONCRETO ARMADO EM UM EDIFÍCIO DE MÚLTIPLOS PAVIMENTOS UTILIZANDO AÇO CA-50 DE 10,0 MM - MONTAGEM. AF_12/2015","kg",104,11.33,14.16,1472.64]
["8.4.5",92264,"FABRICAÇÃO DE FÔRMA PARA PILARES E ESTRUTURAS SIMILARES, EM CHAPA DE MADEIRA COMPENSADA PLASTIFICADA, E = 18 MM. AF_12/2015","m²",15.4,211.39,264.24,{"$f":"ROUND(E338*G338,2)","v":4069.3}]
["8.4.6",92266,"FABRICAÇÃO DE FÔRMA PARA VIGAS, EM CHAPA DE MADEIRA COMPENSADA PLASTIFICADA, E = 18 MM. AF_12/2015","m²",6.5,157.4,196.75,1278.8800000000001]
["8.4.7",103669,"CONCRETAGEM DE PILARES, FCK = 25 MPA, COM USO DE BALDES EM EDIFICAÇÃO COM SEÇÃO MÉDIA DE PILARES MENOR OU IGUAL A 0,25 M² - LANÇAMENTO, ADENSAMENTO E ACABAMENTO. AF_12/2015","m³",0.9,961.83,1202.29,1082.06]
["8.4.8",103682,"CONCRETAGEM DE VIGAS E LAJES, FCK=25 MPA, PARA QUALQUER TIPO DE LAJE COM BALDES EM EDIFICAÇÃO TÉRREA, COM ÁREA MÉDIA DE LAJES MENOR OU IGUAL A 20 M² - LANÇAMENTO, ADENSAMENTO E ACABAMENTO. AF_12/2015","m³",0.3,978.93,1223.6600000000001,367.1]
["8.5",null,"ALVENARIA / DIVISÓRIAS",{"$nulls":4},{"$f":"H343","v":7721.06}]
["8.5.1",103351,"(COMPOSIÇÃO REPRESENTATIVA) DO SERVIÇO DE ALVENARIA DE VEDAÇÃO DE BLOCOS VAZADOS DE CERÂMICA DE 9X19X19CM (ESPESSURA 9CM), PARA EDIFICAÇÃO HABITACIONAL UNIFAMILIAR (CASA) E EDIFICAÇÃO PÚBLICA PADRÃO. AF_11/2014","m²",34.06,181.35,{"$f":"F343*(1+($H$3))","v":226.69},{"$f":"ROUND(E343*G343,2)","v":7721.06}]
["8.6",null,"REVESTIMENTOS",{"$nulls":4},{"$f":"SUM(H345:H347)","v":2361.39}]
["8.6.1",87879,"CHAPISCO APLICADO EM ALVENARIAS E ESTRUTURAS DE CONCRETO INTERNAS, COM COLHER DE PEDREIRO. ARGAMASSA TRAÇO 1:3 COM PREPARO EM BETONEIRA 400L. AF_06/2014","m²",34.06,4.78,{"$f":"F345*(1+($H$3))","v":5.98},{"$f":"ROUND(E345*G345,2)","v":203.68}]
["8.6.2",87894,"CHAPISCO APLICADO EM ALVENARIA (SEM PRESENÇA DE VÃOS) E ESTRUTURAS DE CONCRETO DE FACHADA, COM COLHER DE PEDREIRO. ARGAMASSA TRAÇO 1:3 COM PREPARO EM BETONEIRA 400L. AF_06/2014","m²",34.06,7.41,{"$f":"F346*(1+($H$3))","v":9.26},{"$f":"ROUND(E346*G346,2)","v":315.39999999999998}]
["8.6.3",87529,"MASSA ÚNICA, PARA RECEBIMENTO DE PINTURA, EM ARGAMASSA TRAÇO 1:2:8, PREPARO MECÂNICO COM BETONEIRA 400L, APLICADA MANUALMENTE EM FACES INTERNAS DE PAREDES, ESPESSURA DE 20MM, COM EXECUÇÃO DE TALISCAS. AF_06/2014","m²",34.06,43.27,{"$f":"F347*(1+($H$3))","v":54.09},{"$f":"ROUND(E347*G347,2)","v":1842.31}]
["8.7",null,"PINTURA E EMASSAMENTO INTERNO",{"$nulls":4},{"$f":"SUM(H349:H351)","v":1918.26}]
["8.7.1","CPU 006","EMASSAMENTO COM MASSA A OLEO, UMA DEMAO","m²",34.06,{"$f":"CPU!I94","v":29.85},{"$f":"F349*(1+($H$3))","v":37.31},{"$f":"ROUND(E349*G349,2)","v":1270.78}]
["8.7.2",88411,"APLICAÇÃO MANUAL DE FUNDO SELADOR ACRÍLICO EM PANOS COM PRESENÇA DE VÃOS DE EDIFÍCIOS DE MÚLTIPLOS PAVIMENTOS. AF_06/2014P","m²",34.06,3.16,{"$f":"F350*(1+($H$3))","v":3.95},{"$f":"ROUND(E350*G350,2)","v":134.54}]
["8.7.3",88489,"APLICAÇÃO MANUAL DE PINTURA COM TINTA LÁTEX ACRÍLICA EM PAREDES, DUAS DEMÃOS. AF_06/2014","m²",34.06,12.05,{"$f":"F351*(1+($H$3))","v":15.06},{"$f":"ROUND(E351*G351,2)","v":512.94000000000005}]
["8.8",null,"PINTURA E EMASSAMENTO EXETRNO",{"$nulls":4},{"$f":"SUM(H353:H355)","v":2454.71}]
["8.8.1","CPU 006","EMASSAMENTO COM MASSA A OLEO, UMA DEMAO","m²",34.06,{"$f":"CPU!I95","v":29.85},{"$f":"F353*(1+($H$3))","v":37.31},{"$f":"ROUND(E353*G353,2)","v":1270.78}]
["8.8.2",88411,"APLICAÇÃO MANUAL DE FUNDO SELADOR ACRÍLICO EM PANOS COM PRESENÇA DE VÃOS DE EDIFÍCIOS DE MÚLTIPLOS PAVIMENTOS. AF_06/2014P","m²",34.06,3.16,{"$f":"F354*(1+($H$3))","v":3.95},{"$f":"ROUND(E354*G354,2)","v":134.54}]
["8.8.3",95624,"APLICAÇÃO MANUAL DE TINTA LÁTEX ACRÍLICA EM SUPERFÍCIES EXTERNAS DE SACADA DE EDIFÍCIOS DE MÚLTIPLOS PAVIMENTOS, DUAS DEMÃOS. AF_11/2016","m²",34.06,24.65,{"$f":"F355*(1+($H$3))","v":30.81},{"$f":"ROUND(E355*G355,2)","v":1049.3900000000001}]
["8.9",null,"COBERTURAS E IMPERMEABILIZAÇÕES",{"$nulls":4},{"$f":"SUM(H357:H359)","v":4040.93}]
["8.9.1",92255,"INSTALAÇÃO DE TESOURA (INTEIRA OU MEIA), EM AÇO, PARA VÃOS MAIORES OU IGUAIS A 3,0 M E MENORES QUE 6,0 M, INCLUSO IÇAMENTO. AF_12/2015","UNID",8.58,240.88,{"$f":"F357*(1+($H$3))","v":301.10000000000002},{"$f":"ROUND(E357*G357,2)","v":2583.44}]
["8.9.2",92580,"TRAMA DE AÇO COMPOSTA POR TERÇAS PARA TELHADOS DE ATÉ 2 ÁGUAS PARA TELHA ONDULADA DE FIBROCIMENTO, METÁLICA, PLÁSTICA OU TERMOACÚSTICA, INCLUSO TRANSPORTE VERTICAL. AF_12/2015","m²",8.58,63.3,{"$f":"F358*(1+($H$3))","v":79.13},{"$f":"ROUND(E358*G358,2)","v":678.94}]
["8.9.3",94213,"TELHAMENTO COM TELHA DE AÇO/ALUMÍNIO E = 0,5 MM, COM ATÉ 2 ÁGUAS, INCLUSO IÇAMENTO. AF_06/2016","m²",8.58,72.59,{"$f":"F359*(1+($H$3))","v":90.74},{"$f":"ROUND(E359*G359,2)","v":778.55}]
["8.10",null,"ESQUADRIAS E VIDROS",{"$nulls":4},{"$f":"SUM(H361:H362)","v":1777.97}]
["8.10.1",100701,"PORTA DE FERRO TIPO VENEZIANA, DE ABRIR, SEM BANDEIRA SEM FERRAGENS","m²",1.68,446.11,{"$f":"F361*(1+($H$3))","v":557.64},{"$f":"ROUND(E361*G361,2)","v":936.84}]
["8.10.2",94570,"JANELA DE ALUMÍNIO DE CORRER, 2 FOLHAS, FIXAÇÃO COM PARAFUSO SOBRE CONTRAMARCO (EXCLUSIVE CONTRAMARCO), COM VIDROS PADRONIZADA. AF_07/2016","m²",3.06,219.9,{"$f":"F362*(1+($H$3))","v":274.88},841.13]
["8.11",null,"FORRO",{"$nulls":4},{"$f":"SUM(H364)","v":699.5}]
["8.11.1",96486,"FORRO DE PVC, LISO, PARA AMBIENTES COMERCIAIS, INCLUSIVE ESTRUTURA DE FIXAÇÃO. AF_05/2017_P","m²",5.9,94.85,{"$f":"F364*(1+($H$3))","v":118.56},{"$f":"ROUND(E364*G364,2)","v":699.5}]
["8.12",null,"PINTURA EM ESQUADRIAS",{"$nulls":4},{"$f":"SUM(H366:H366)","v":130.54}]
["8.12.1",102218,"PINTURA ESMALTE FOSCO, DUAS DEMAOS, SOBRE SUPERFICIE METALICA, INCLUSO UMA DEMAO DE FUNDO ANTICORROSIVO. UTILIZACAO DE REVOLVER ( AR-COMPRIMIDO).","m²",6.12,17.059999999999999,{"$f":"F366*(1+($H$3))","v":21.33},{"$f":"ROUND(E366*G366,2)","v":130.54}]
["8.13",null,"PISO",{"$nulls":4},{"$f":"SUM(H368:H370)","v":1728.43}]
["8.13.1",95240,"LASTRO DE CONCRETO MAGRO, APLICADO EM PISOS OU RADIERS, ESPESSURA DE 3CM. AF_07/2016","m²",8.58,20.13,{"$f":"F368*(1+($H$3))","v":25.16},{"$f":"ROUND(E368*G368,2)","v":215.87}]
["8.13.2",87630,"CONTRAPISO EM ARGAMASSA TRAÇO 1:4 (CIMENTO E AREIA), PREPARO MECÂNICO COM BETONEIRA 400 L, APLICADO EM ÁREAS SECAS SOBRE LAJE, ADERIDO, ESPESSURA 3CM. AF_06/2014","m²",8.58,42.94,{"$f":"F369*(1+($H$3))","v":53.68},{"$f":"ROUND(E369*G369,2)","v":460.57}]
["8.13.3",104162,"PISO EM GRANILITE, MARMORITE OU GRANITINA ESPESSURA 8 MM, INCLUSO JUNTAS DE DILATACAO PLASTICAS","m²",8.58,98.09,{"$f":"F370*(1+($H$3))","v":122.61},{"$f":"ROUND(E370*G370,2)","v":1051.99}]
["8.14",null,"INSTALAÇÕES ELÉTRICAS",{"$nulls":4},{"$f":"SUM(H372)","v":2407.08}]
["8.14.1","CPU 005","SERVIÇOS PARA EXECUÇÃO DA INSTALAÇÃO ELÉTRICA, LÓGICA E TELEFONIA.","unid.",0.02,{"$f":"CPU!I84","v":96283.199999999997},{"$f":"F372*(1+($H$3))","v":120354},{"$f":"ROUND(E372*G372,2)","v":2407.08}]
["9.0",null,"INCINERADOR",{"$nulls":4},{"$f":"H374+H376+H382+H389+H414+H418+H402+H421+H406+H410+H423+H427+H431+H398","v":140937.16}]
["9.1",null,"LOCAÇÃO DA OBRA",{"$nulls":4},{"$f":"SUM(H375)","v":610.47}]
["9.1.1","50/ORSE","LOCAÇÃO DE CONSTRUÇÃO DE EDIFICAÇÃO ATÉ 200M², INCLUSIVE EXECUÇÃO DE GABARITO","m²",51.56,9.4700000000000006,{"$f":"F375*(1+($H$3))","v":11.84},{"$f":"ROUND(E375*G375,2)","v":610.47}]
["9.2",null,"MOVIMENTO DE TERRA",{"$nulls":4},{"$f":"SUM(H377:H381)","v":5459.67}]
["9.2.1","09897/ORSE","LIMPEZA SUPERFICIAL DA CAMADA VEGETAL EM JAZIDA","m²",206.8,1.78,{"$f":"F377*(1+($H$3))","v":2.23},{"$f":"ROUND(E377*G377,2)","v":461.16}]
["9.2.2",96526,"ESCAVAÇÃO MANUAL DE VALA PARA VIGA BALDRAME, COM PREVISÃO DE FÔRMA. AF_06/2017","m³",7.07,326.74,{"$f":"F378*(1+($H$3))","v":408.43},{"$f":"ROUND(E378*G378,2)","v":2887.6}]
["9.2.3",93382,"REATERRO MANUAL DE VALAS, COM COMPACTADOR DE SOLOS DE PERCUSSÃO","m³",4.24,27.69,{"$f":"F379*(1+($H$3))","v":34.61},{"$f":"ROUND(E379*G379,2)","v":146.75}]
["9.2.4",96385,"EXECUÇÃO E COMPACTAÇÃO DE ATERRO COM SOLO PREDOMINANTEMENTE ARGILOSO - \nEXCLUSIVE ESCAVAÇÃO, CARGA E TRANSPORTE E SOLO. AF_09/2017","m³",99.2,13,{"$f":"F380*(1+($H$3))","v":16.25},{"$f":"ROUND(E380*G380,2)","v":1612}]
["9.2.5",100945,"TRANSPORTE COMERCIAL COM CAMINHAO CARROCERIA 9 T, RODOVIA EM LEITO NATURAL","TxKM",99.2,2.84,{"$f":"F381*(1+($H$3))","v":3.55},{"$f":"ROUND(E381*G381,2)","v":352.16}]
["9.3",null,"INFRA-ESTRUTURA / FUNDAÇÕES",{"$nulls":4},{"$f":"SUM(H383:H388)","v":4560.8500000000004}]
["9.3.1",96543,"ARMAÇÃO DE BLOCO, VIGA BALDRAME E SAPATA UTILIZANDO AÇO CA-60 DE 5 MM - MONTAGEM. AF_06/2017","kg",18,18.489999999999998,{"$f":"F383*(1+($H$3))","v":23.11},{"$f":"ROUND(E383*G383,2)","v":415.98}]
["9.3.2",96545,"ARMAÇÃO DE BLOCO, VIGA BALDRAME OU SAPATA UTILIZANDO AÇO CA-50 DE 8 MM - MONTAGEM. AF_06/2017","kg",29,15.16,18.95,549.54999999999995]
["9.3.3",96546,"ARMAÇÃO DE BLOCO, VIGA BALDRAME OU SAPATA UTILIZANDO AÇO CA-50 DE 10 MM - MONTAGEM. AF_06/2017","kg",106,13.32,16.649999999999999,1764.9]
["9.3.4",97086,"FABRICAÇÃO, MONTAGEM E DESMONTAGEM DE FORMA PARA RADIER, EM MADEIRA SERRADA, 4 UTILIZAÇÕES. AF_09/2017","m²",5.0999999999999996,135.44999999999999,169.31,863.48]
["9.3.5","11488/ORSE","LANCAMENTO/APLICACAO MANUAL DE CONCRETO EM FUNDACOES","m³",1.4,27.98,34.979999999999997,48.97]
["9.3.6",94971,"CONCRETO FCK = 25MPA, TRAÇO 1:2,3:2,7 (CIMENTO/ AREIA MÉDIA/ BRITA 1) - PREPARO MECÂNICO COM BETONEIRA 600 L. AF_07/2016","m³",1.4,524.54999999999995,655.69,917.97]
["9.4",null,"SUPERESTRUTURA ",{"$nulls":4},{"$f":"SUM(H390:H397)","v":20018.97}]
["9.4.1",101792,"ESCORAMENTO FORMAS H=3,50 A 4,00 M, COM MADEIRA DE 3A QUALIDADE, NAO APARELHADA, APROVEITAMENTO TABUAS 3X E PRUMOS 4X.","m³",13.23,18.350000000000001,{"$f":"F390*(1+($H$3))","v":22.94},{"$f":"ROUND(E390*G390,2)","v":303.5}]
["9.4.2",92759,"ARMAÇÃO DE PILAR OU VIGA DE UMA ESTRUTURA CONVENCIONAL DE CONCRETO ARMADO EM UM EDIFÍCIO DE MÚLTIPLOS PAVIMENTOS UTILIZANDO AÇO CA-60 DE 5,0 MM - MONTAGEM. AF_12/2015","kg",73,14.65,18.309999999999999,{"$f":"ROUND(E391*G391,2)","v":1336.63}]
["9.4.3",92761,"ARMAÇÃO DE PILAR OU VIGA DE UMA ESTRUTURA CONVENCIONAL DE CONCRETO ARMADO EM UM EDIFÍCIO DE MÚLTIPLOS PAVIMENTOS UTILIZANDO AÇO CA-50 DE 8,0MM - MONTAGEM. AF_12/2015","kg",24,12.75,15.94,{"$f":"ROUND(E392*G392,2)","v":382.56}]
["9.4.4",92762,"ARMAÇÃO DE PILAR OU VIGA DE UMA ESTRUTURA CONVENCIONAL DE CONCRETO ARMADO EM UM EDIFÍCIO DE MÚLTIPLOS PAVIMENTOS UTILIZANDO AÇO CA-50 DE 10,0 MM - MONTAGEM. AF_12/2015","kg",238,11.33,14.16,3370.08]
["9.4.5",92264,"FABRICAÇÃO DE FÔRMA PARA PILARES E ESTRUTURAS SIMILARES, EM CHAPA DE MADEIRA COMPENSADA PLASTIFICADA, E = 18 MM. AF_12/2015","m²",29.6,211.39,264.24,{"$f":"ROUND(E394*G394,2)","v":7821.5}]
["9.4.6",92266,"FABRICAÇÃO DE FÔRMA PARA VIGAS, EM CHAPA DE MADEIRA COMPENSADA PLASTIFICADA, E = 18 MM. AF_12/2015","m²",19.2,157.4,196.75,3777.6]
["9.4.7",103669,"CONCRETAGEM DE PILARES, FCK = 25 MPA, COM USO DE BALDES EM EDIFICAÇÃO COM SEÇÃO MÉDIA DE PILARES MENOR OU IGUAL A 0,25 M² - LANÇAMENTO, ADENSAMENTO E ACABAMENTO. AF_12/2015","m³",1.5,961.83,1202.29,1803.44]
["9.4.8",103682,"CONCRETAGEM DE VIGAS E LAJES, FCK=25 MPA, PARA QUALQUER TIPO DE LAJE COM BALDES EM EDIFICAÇÃO TÉRREA, COM ÁREA MÉDIA DE LAJES MENOR OU IGUAL A 20 M² - LANÇAMENTO, ADENSAMENTO E ACABAMENTO. AF_12/2015","m³",1,978.93,1223.6600000000001,1223.6600000000001]
["9.5",null,"ALVENARIA / DIVISÓRIAS",{"$nulls":4},{"$f":"SUM(H399:H401)","v":41155.31}]
["9.5.1",103351,"(COMPOSIÇÃO REPRESENTATIVA) DO SERVIÇO DE ALVENARIA DE VEDAÇÃO DE BLOCOS VAZADOS DE CERÂMICA DE 9X19X19CM (ESPESSURA 9CM), PARA EDIFICAÇÃO HABITACIONAL UNIFAMILIAR (CASA) E EDIFICAÇÃO PÚBLICA PADRÃO. AF_11/2014","m²",146.58000000000001,181.35,{"$f":"F399*(1+($H$3))","v":226.69},{"$f":"ROUND(E399*G399,2)","v":33228.22}]
["9.5.2",101162,"ALVENARIA DE VEDAÇÃO COM ELEMENTO VAZADO DE CERÂMICA (COBOGÓ) DE 7X20X20CM E ARGAMASSA DE ASSENTAMENTO COM PREPARO EM BETONEIRA\nTRACO 1:4 DE CIMENTO E AREIA","m²",13.5,154.78,{"$f":"F400*(1+($H$3))","v":193.48},{"$f":"ROUND(E400*G400,2)","v":2611.98}]
["9.5.3",92540,"CERCADO DE PROTEÇÃO EM TRAMA DE MADEIRA COMPOSTA POR RIPAS, CAIBROS E TERÇAS","m²",47.52,89.48,{"$f":"F401*(1+($H$3))","v":111.85},{"$f":"ROUND(E401*G401,2)","v":5315.11}]
["9.6",null,"REVESTIMENTOS",{"$nulls":4},{"$f":"SUM(H403:H405)","v":18090.900000000001}]
["9.6.1",87879,"CHAPISCO APLICADO EM ALVENARIAS E ESTRUTURAS DE CONCRETO INTERNAS, COM COLHER DE PEDREIRO. ARGAMASSA TRAÇO 1:3 COM PREPARO EM BETONEIRA 400L. AF_06/2014","m²",146.58000000000001,4.78,{"$f":"F403*(1+($H$3))","v":5.98},{"$f":"ROUND(E403*G403,2)","v":876.55}]
["9.6.2",87894,"CHAPISCO APLICADO EM ALVENARIA (SEM PRESENÇA DE VÃOS) E ESTRUTURAS DE CONCRETO DE FACHADA, COM COLHER DE PEDREIRO. ARGAMASSA TRAÇO 1:3 COM PREPARO EM BETONEIRA 400L. AF_06/2014","m²",146.58000000000001,7.41,{"$f":"F404*(1+($H$3))","v":9.26},{"$f":"ROUND(E404*G404,2)","v":1357.33}]
["9.6.3",87529,"MASSA ÚNICA, PARA RECEBIMENTO DE PINTURA, EM ARGAMASSA TRAÇO 1:2:8, PREPARO MECÂNICO COM BETONEIRA 400L, APLICADA MANUALMENTE EM FACES INTERNAS DE PAREDES, ESPESSURA DE 20MM, COM EXECUÇÃO DE TALISCAS. AF_06/2014","m²",293.16000000000003,43.27,{"$f":"F405*(1+($H$3))","v":54.09},{"$f":"ROUND(E405*G405,2)","v":15857.02}]
["9.7",null,"PINTURA E EMASSAMENTO INTERNO",{"$nulls":4},{"$f":"SUM(H407:H409)","v":1965.57}]
["9.7.1","CPU 006","EMASSAMENTO COM MASSA A OLEO, UMA DEMAO","m²",34.9,{"$f":"CPU!I94","v":29.85},{"$f":"F407*(1+($H$3))","v":37.31},{"$f":"ROUND(E407*G407,2)","v":1302.1199999999999}]
["9.7.2",88411,"APLICAÇÃO MANUAL DE FUNDO SELADOR ACRÍLICO EM PANOS COM PRESENÇA DE VÃOS DE EDIFÍCIOS DE MÚLTIPLOS PAVIMENTOS. AF_06/2014P","m²",34.9,3.16,{"$f":"F408*(1+($H$3))","v":3.95},{"$f":"ROUND(E408*G408,2)","v":137.86000000000001}]
["9.7.3",88489,"APLICAÇÃO MANUAL DE PINTURA COM TINTA LÁTEX ACRÍLICA EM PAREDES, DUAS DEMÃOS. AF_06/2014","m²",34.9,12.05,{"$f":"F409*(1+($H$3))","v":15.06},{"$f":"ROUND(E409*G409,2)","v":525.59}]
["9.8",null,"PINTURA E EMASSAMENTO EXETRNO",{"$nulls":4},{"$f":"SUM(H411:H413)","v":2515.25}]
["9.8.1","CPU 006","EMASSAMENTO COM MASSA A OLEO, UMA DEMAO","m²",34.9,{"$f":"CPU!I94","v":29.85},{"$f":"F411*(1+($H$3))","v":37.31},{"$f":"ROUND(E411*G411,2)","v":1302.1199999999999}]
["9.8.2",88411,"APLICAÇÃO MANUAL DE FUNDO SELADOR ACRÍLICO EM PANOS COM PRESENÇA DE VÃOS DE EDIFÍCIOS DE MÚLTIPLOS PAVIMENTOS. AF_06/2014P","m²",34.9,3.16,{"$f":"F412*(1+($H$3))","v":3.95},{"$f":"ROUND(E412*G412,2)","v":137.86000000000001}]
["9.8.3",95624,"APLICAÇÃO MANUAL DE TINTA LÁTEX ACRÍLICA EM SUPERFÍCIES EXTERNAS DE SACADA DE EDIFÍCIOS DE MÚLTIPLOS PAVIMENTOS, DUAS DEMÃOS. AF_11/2016","m²",34.9,24.65,{"$f":"F413*(1+($H$3))","v":30.81},{"$f":"ROUND(E413*G413,2)","v":1075.27}]
["9.9",null,"COBERTURAS E IMPERMEABILIZAÇÕES",{"$nulls":4},{"$f":"SUM(H415:H417)","v":12277.79}]
["9.9.1",92255,"INSTALAÇÃO DE TESOURA (INTEIRA OU MEIA), EM AÇO, PARA VÃOS MAIORES OU IGUAIS A 3,0 M E MENORES QUE 6,0 M, INCLUSO IÇAMENTO. AF_12/2015","UNID",3,240.88,{"$f":"F415*(1+($H$3))","v":301.10000000000002},{"$f":"ROUND(E415*G415,2)","v":903.3}]
["9.9.2",92580,"TRAMA DE AÇO COMPOSTA POR TERÇAS PARA TELHADOS DE ATÉ 2 ÁGUAS PARA TELHA ONDULADA DE FIBROCIMENTO, METÁLICA, PLÁSTICA OU TERMOACÚSTICA, INCLUSO TRANSPORTE VERTICAL. AF_12/2015","m²",66.959999999999994,63.3,{"$f":"F416*(1+($H$3))","v":79.13},{"$f":"ROUND(E416*G416,2)","v":5298.54}]
["9.9.3",94213,"TELHAMENTO COM TELHA DE AÇO/ALUMÍNIO E = 0,5 MM, COM ATÉ 2 ÁGUAS, INCLUSO IÇAMENTO. AF_06/2016","m²",66.959999999999994,72.59,{"$f":"F417*(1+($H$3))","v":90.74},{"$f":"ROUND(E417*G417,2)","v":6075.95}]
["9.10",null,"ESQUADRIAS E VIDROS",{"$nulls":4},{"$f":"SUM(H419:H420)","v":2069.29}]
["9.10.1",100701,"PORTA DE FERRO TIPO VENEZIANA, DE ABRIR, SEM BANDEIRA SEM FERRAGENS","m²",1.68,446.11,{"$f":"F419*(1+($H$3))","v":557.64},{"$f":"ROUND(E419*G419,2)","v":936.84}]
["9.10.2",91333,"KIT DE PORTA DE MADEIRA FRISADA, SEMI-OCA (LEVE OU MÉDIA), PADRÃO POPULAR, 80X210CM, ESPESSURA DE 3,5CM, ITENS INCLUSOS: DOBRADIÇAS, MONTAGEM E INSTALAÇÃO DO BATENTE, SEM FECHADURA - FORNECIMENTO E INSTALAÇÃO. AF_08/2015","UNID",1,905.96,{"$f":"F420*(1+($H$3))","v":1132.45},1132.45]
["9.11",null,"FORRO",{"$nulls":4},{"$f":"SUM(H422)","v":1123.95}]
["9.11.1",96486,"FORRO DE PVC, LISO, PARA AMBIENTES COMERCIAIS, INCLUSIVE ESTRUTURA DE FIXAÇÃO. AF_05/2017_P","m²",9.48,94.85,{"$f":"F422*(1+($H$3))","v":118.56},{"$f":"ROUND(E422*G422,2)","v":1123.95}]
["9.12",null,"PINTURA EM ESQUADRIAS",{"$nulls":4},{"$f":"SUM(H424:H426)","v":91.64}]
["9.12.1","2305/ORSE","FUNDO SINTETICO NIVELADOR BRANCO","m²",1.68,9.02,{"$f":"F424*(1+($H$3))","v":11.28},{"$f":"ROUND(E424*G424,2)","v":18.95}]
["9.12.2",102219,"PINTURA ESMALTE ACETINADO PARA MADEIRA, DUAS DEMAOS, SOBRE FUNDO NIVELADOR BRANCO","m²",1.68,17.55,{"$f":"F425*(1+($H$3))","v":21.94},{"$f":"ROUND(E425*G425,2)","v":36.86}]
["9.12.3",102218,"PINTURA ESMALTE FOSCO, DUAS DEMAOS, SOBRE SUPERFICIE METALICA, INCLUSO UMA DEMAO DE FUNDO ANTICORROSIVO. UTILIZACAO DE REVOLVER ( AR-COMPRIMIDO).","m²",1.68,17.059999999999999,{"$f":"F426*(1+($H$3))","v":21.33},{"$f":"ROUND(E426*G426,2)","v":35.83}]
["9.13",null,"PISO",{"$nulls":4},{"$f":"SUM(H428:H430)","v":24979.8}]
["9.13.1",95240,"LASTRO DE CONCRETO MAGRO, APLICADO EM PISOS OU RADIERS, ESPESSURA DE 3CM. AF_07/2016","m²",124,20.13,{"$f":"F428*(1+($H$3))","v":25.16},{"$f":"ROUND(E428*G428,2)","v":3119.84}]
["9.13.2",87630,"CONTRAPISO EM ARGAMASSA TRAÇO 1:4 (CIMENTO E AREIA), PREPARO MECÂNICO COM BETONEIRA 400 L, APLICADO EM ÁREAS SECAS SOBRE LAJE, ADERIDO, ESPESSURA 3CM. AF_06/2014","m²",124,42.94,{"$f":"F429*(1+($H$3))","v":53.68},{"$f":"ROUND(E429*G429,2)","v":6656.32}]
["9.13.3",104162,"PISO EM GRANILITE, MARMORITE OU GRANITINA ESPESSURA 8 MM, INCLUSO JUNTAS DE DILATACAO PLASTICAS","m²",124,98.09,{"$f":"F430*(1+($H$3))","v":122.61},{"$f":"ROUND(E430*G430,2)","v":15203.64}]
["9.14",null,"INSTALAÇÕES ELÉTRICAS",{"$nulls":4},{"$f":"SUM(H432)","v":6017.7}]
["9.14.1","CPU 005 ","SERVIÇOS PARA EXECUÇÃO DA INSTALAÇÃO ELÉTRICA, LÓGICA E TELEFONIA.","unid.",0.05,{"$f":"CPU!I84","v":96283.199999999997},{"$f":"F432*(1+($H$3))","v":120354},{"$f":"ROUND(E432*G432,2)","v":6017.7}]
["10.0",null,"CENTRAL DE RESIDUOS",{"$nulls":4},{"$f":"H434+H436+H442+H448+H472+H475+H458+H477+H464+H468+H479+H481+H485+H456","v":56089.06}]
["10.1",null,"LOCAÇÃO DA OBRA",{"$nulls":4},{"$f":"SUM(H435)","v":266.27999999999997}]
["10.1.1","50/ORSE","LOCAÇÃO DE CONSTRUÇÃO DE EDIFICAÇÃO ATÉ 200M², INCLUSIVE EXECUÇÃO DE GABARITO","m²",22.49,9.4700000000000006,{"$f":"F435*(1+($H$3))","v":11.84},{"$f":"ROUND(E435*G435,2)","v":266.27999999999997}]
["10.2",null,"MOVIMENTO DE TERRA",{"$nulls":4},{"$f":"SUM(H437:H441)","v":2034.77}]
["10.2.1","09897/ORSE","LIMPEZA SUPERFICIAL DA CAMADA VEGETAL EM JAZIDA","m²",21.78,1.78,{"$f":"F437*(1+($H$3))","v":2.23},{"$f":"ROUND(E437*G437,2)","v":48.57}]
["10.2.2",96526,"ESCAVAÇÃO MANUAL DE VALA PARA VIGA BALDRAME, COM PREVISÃO DE FÔRMA. AF_06/2017","m³",4.08,326.74,{"$f":"F438*(1+($H$3))","v":408.43},{"$f":"ROUND(E438*G438,2)","v":1666.39}]
["10.2.3",93382,"REATERRO MANUAL DE VALAS, COM COMPACTADOR DE SOLOS DE PERCUSSÃO","m³",4.08,27.69,{"$f":"F439*(1+($H$3))","v":34.61},{"$f":"ROUND(E439*G439,2)","v":141.21}]
["10.2.4",96385,"EXECUÇÃO E COMPACTAÇÃO DE ATERRO COM SOLO PREDOMINANTEMENTE ARGILOSO - \nEXCLUSIVE ESCAVAÇÃO, CARGA E TRANSPORTE E SOLO. AF_09/2017","m³",9.02,13,{"$f":"F440*(1+($H$3))","v":16.25},{"$f":"ROUND(E440*G440,2)","v":146.58000000000001}]
["10.2.5",100945,"TRANSPORTE COMERCIAL COM CAMINHAO CARROCERIA 9 T, RODOVIA EM LEITO NATURAL","TxKM",9.02,2.84,{"$f":"F441*(1+($H$3))","v":3.55},{"$f":"ROUND(E441*G441,2)","v":32.020000000000003}]
["10.3",null,"INFRA-ESTRUTURA / FUNDAÇÕES",{"$nulls":4},{"$f":"SUM(H443:H447)","v":2296.3000000000002}]
["10.3.1",96543,"ARMAÇÃO DE BLOCO, VIGA BALDRAME E SAPATA UTILIZANDO AÇO CA-60 DE 5 MM - MONTAGEM. AF_06/2017","kg",9,18.489999999999998,{"$f":"F443*(1+($H$3))","v":23.11},{"$f":"ROUND(E443*G443,2)","v":207.99}]
["10.3.2",96545,"ARMAÇÃO DE BLOCO, VIGA BALDRAME OU SAPATA UTILIZANDO AÇO CA-50 DE 8 MM - MONTAGEM. AF_06/2017","kg",15,15.16,{"$f":"F444*(1+($H$3))","v":18.95},284.25]
["10.3.3",96546,"ARMAÇÃO DE BLOCO, VIGA BALDRAME OU SAPATA UTILIZANDO AÇO CA-50 DE 10 MM - MONTAGEM. AF_06/2017","kg",54,13.32,{"$f":"F445*(1+($H$3))","v":16.649999999999999},899.1]
["10.3.4",97086,"FABRICAÇÃO, MONTAGEM E DESMONTAGEM DE FORMA PARA RADIER, EM MADEIRA SERRADA, 4 UTILIZAÇÕES. AF_09/2017","m²",2.6,135.41999999999999,{"$f":"F446*(1+($H$3))","v":169.28},440.13]
["10.3.5",34494,"CONCRETO USINADO BOMBEAVEL, CLASSE DE RESISTENCIA C30, COM BRITA 0 E 1, SLUMP = 100 +/- 20 MM, EXCLUI SERVICO DE BOMBEAMENTO (NBR 8953)","m³",0.7,531.23,{"$f":"F447*(1+($H$3))","v":664.04},464.83]
["10.4",null,"SUPERESTRUTURA ",{"$nulls":4},{"$f":"SUM(H449:H455)","v":8085.22}]
["10.4.1",101792,"ESCORAMENTO FORMAS H=3,50 A 4,00 M, COM MADEIRA DE 3A QUALIDADE, NAO APARELHADA, APROVEITAMENTO TABUAS 3X E PRUMOS 4X.","m³",0.97,18.350000000000001,{"$f":"F449*(1+($H$3))","v":22.94},{"$f":"ROUND(E449*G449,2)","v":22.25}]
["10.4.2",92759,"ARMAÇÃO DE PILAR OU VIGA DE UMA ESTRUTURA CONVENCIONAL DE CONCRETO ARMADO EM UM EDIFÍCIO DE MÚLTIPLOS PAVIMENTOS UTILIZANDO AÇO CA-60 DE 5,0 MM - MONTAGEM. AF_12/2015","kg",30,14.65,18.309999999999999,{"$f":"ROUND(E450*G450,2)","v":549.29999999999995}]
["10.4.3",92761,"ARMAÇÃO DE PILAR OU VIGA DE UMA ESTRUTURA CONVENCIONAL DE CONCRETO ARMADO EM UM EDIFÍCIO DE MÚLTIPLOS PAVIMENTOS UTILIZANDO AÇO CA-50 DE 8,0MM - MONTAGEM. AF_12/2015","kg",16,12.75,15.94,{"$f":"ROUND(E451*G451,2)","v":255.04}]
["10.4.4",92762,"ARMAÇÃO DE PILAR OU VIGA DE UMA ESTRUTURA CONVENCIONAL DE CONCRETO ARMADO EM UM EDIFÍCIO DE MÚLTIPLOS PAVIMENTOS UTILIZANDO AÇO CA-50 DE 10,0 MM - MONTAGEM. AF_12/2015","kg",96,11.33,14.16,1359.36]
["10.4.5",92264,"FABRICAÇÃO DE FÔRMA PARA PILARES E ESTRUTURAS SIMILARES, EM CHAPA DE MADEIRA COMPENSADA PLASTIFICADA, E = 18 MM. AF_12/2015","m²",8.8000000000000007,211.39,264.24,2325.31]
["10.4.6",92266,"FABRICAÇÃO DE FÔRMA PARA VIGAS, EM CHAPA DE MADEIRA COMPENSADA PLASTIFICADA, E = 18 MM. AF_12/2015","m²",11.6,157.4,196.75,2282.3000000000002]
["10.4.7",1525,"CONCRETO USINADO BOMBEAVEL, CLASSE DE RESISTENCIA C30, COM BRITA 0 E 1, SLUMP = 100 +/- 20 MM, INCLUI SERVICO DE BOMBEAMENTO (NBR 8953)","m³",1.8,574.07000000000005,717.59,{"$f":"ROUND(E455*G455,2)","v":1291.6600000000001}]
["10.5",null,"ALVENARIA / DIVISÓRIAS",{"$nulls":4},{"$f":"H457","v":9802.08}]
["10.5.1",103351,"(COMPOSIÇÃO REPRESENTATIVA) DO SERVIÇO DE ALVENARIA DE VEDAÇÃO DE BLOCOS VAZADOS DE CERÂMICA DE 9X19X19CM (ESPESSURA 9CM), PARA EDIFICAÇÃO HABITACIONAL UNIFAMILIAR (CASA) E EDIFICAÇÃO PÚBLICA PADRÃO. AF_11/2014","m²",43.24,181.35,{"$f":"F457*(1+($H$3))","v":226.69},{"$f":"ROUND(E457*G457,2)","v":9802.08}]
["10.6",null,"REVESTIMENTOS",{"$nulls":4},{"$f":"SUM(H459:H463)","v":8676.5400000000009}]
["10.6.1",87879,"CHAPISCO APLICADO EM ALVENARIAS E ESTRUTURAS DE CONCRETO INTERNAS, COM COLHER DE PEDREIRO. ARGAMASSA TRAÇO 1:3 COM PREPARO EM BETONEIRA 400L. AF_06/2014","m²",43.24,4.78,{"$f":"F459*(1+($H$3))","v":5.98},{"$f":"ROUND(E459*G459,2)","v":258.58}]
["10.6.2",87894,"CHAPISCO APLICADO EM ALVENARIA (SEM PRESENÇA DE VÃOS) E ESTRUTURAS DE CONCRETO DE FACHADA, COM COLHER DE PEDREIRO. ARGAMASSA TRAÇO 1:3 COM PREPARO EM BETONEIRA 400L. AF_06/2014","m²",43.24,7.41,{"$f":"F460*(1+($H$3))","v":9.26},{"$f":"ROUND(E460*G460,2)","v":400.4}]
["10.6.3",87531,"EMBOÇO, PARA RECEBIMENTO DE CERÂMICA, EM ARGAMASSA TRAÇO 1:2:8, PREPARO MECÂNICO COM BETONEIRA 400L, APLICADO MANUALMENTE EM FACES INTERNAS DE PAREDES, PARA AMBIENTE COM ÁREA ENTRE 5M2 E 10M2, ESPESSURA DE 20MM, COM EXECUÇÃO DE TALISCAS. AF_06/2014","m²",43.24,41.76,{"$f":"F461*(1+($H$3))","v":52.2},{"$f":"ROUND(E461*G461,2)","v":2257.13}]
["10.6.4",87529,"MASSA ÚNICA, PARA RECEBIMENTO DE PINTURA, EM ARGAMASSA TRAÇO 1:2:8, PREPARO MECÂNICO COM BETONEIRA 400L, APLICADA MANUALMENTE EM FACES INTERNAS DE PAREDES, ESPESSURA DE 20MM, COM EXECUÇÃO DE TALISCAS. AF_06/2014","m²",43.24,43.27,{"$f":"F462*(1+($H$3))","v":54.09},{"$f":"ROUND(E462*G462,2)","v":2338.85}]
["10.6.5",87273,"REVESTIMENTO CERÂMICO PARA PAREDES INTERNAS COM PLACAS TIPO ESMALTADA EXTRA DE DIMENSÕES 33X45 CM APLICADAS EM AMBIENTES DE ÁREA MAIOR QUE 5 M² NA ALTURA INTEIRA DAS PAREDES. AF_06/2014","m²",43.24,63.3,{"$f":"F463*(1+($H$3))","v":79.13},{"$f":"ROUND(E463*G463,2)","v":3421.58}]
["10.7",null,"PINTURA E EMASSAMENTO INTERNO",{"$nulls":4},{"$f":"SUM(H465:H467)","v":2435.27}]
["10.7.1","CPU 006","EMASSAMENTO COM MASSA A OLEO, UMA DEMAO","m²",43.24,{"$f":"CPU!I95","v":29.85},{"$f":"F465*(1+($H$3))","v":37.31},{"$f":"ROUND(E465*G465,2)","v":1613.28}]
["10.7.2",88411,"APLICAÇÃO MANUAL DE FUNDO SELADOR ACRÍLICO EM PANOS COM PRESENÇA DE VÃOS DE EDIFÍCIOS DE MÚLTIPLOS PAVIMENTOS. AF_06/2014P","m²",43.24,3.16,{"$f":"F466*(1+($H$3))","v":3.95},{"$f":"ROUND(E466*G466,2)","v":170.8}]
["10.7.3",88489,"APLICAÇÃO MANUAL DE PINTURA COM TINTA LÁTEX ACRÍLICA EM PAREDES, DUAS DEMÃOS. AF_06/2014","m²",43.24,12.05,{"$f":"F467*(1+($H$3))","v":15.06},{"$f":"ROUND(E467*G467,2)","v":651.19000000000005}]
["10.8",null,"PINTURA E EMASSAMENTO EXETRNO",{"$nulls":4},{"$f":"SUM(H469:H471)","v":3116.3}]
["10.8.1","CPU 006","EMASSAMENTO COM MASSA A OLEO, UMA DEMAO","m²",43.24,{"$f":"CPU!I94","v":29.85},{"$f":"F469*(1+($H$3))","v":37.31},{"$f":"ROUND(E469*G469,2)","v":1613.28}]
["10.8.2",88411,"APLICAÇÃO MANUAL DE FUNDO SELADOR ACRÍLICO EM PANOS COM PRESENÇA DE VÃOS DE EDIFÍCIOS DE MÚLTIPLOS PAVIMENTOS. AF_06/2014P","m²",43.24,3.16,{"$f":"F470*(1+($H$3))","v":3.95},{"$f":"ROUND(E470*G470,2)","v":170.8}]
["10.8.3",95624,"APLICAÇÃO MANUAL DE TINTA LÁTEX ACRÍLICA EM SUPERFÍCIES EXTERNAS DE SACADA DE EDIFÍCIOS DE MÚLTIPLOS PAVIMENTOS, DUAS DEMÃOS. AF_11/2016","m²",43.24,24.65,{"$f":"F471*(1+($H$3))","v":30.81},{"$f":"ROUND(E471*G471,2)","v":1332.22}]
["10.9",null,"COBERTURAS E IMPERMEABILIZAÇÕES",{"$nulls":4},{"$f":"SUM(H473:H474)","v":3699.77}]
["10.9.1",92580,"TRAMA DE AÇO COMPOSTA POR TERÇAS PARA TELHADOS DE ATÉ 2 ÁGUAS PARA TELHA ONDULADA DE FIBROCIMENTO, METÁLICA, PLÁSTICA OU TERMOACÚSTICA, INCLUSO TRANSPORTE VERTICAL. AF_12/2015","m²",21.78,63.3,{"$f":"F473*(1+($H$3))","v":79.13},{"$f":"ROUND(E473*G473,2)","v":1723.45}]
["10.9.2",94213,"TELHAMENTO COM TELHA DE AÇO/ALUMÍNIO E = 0,5 MM, COM ATÉ 2 ÁGUAS, INCLUSO IÇAMENTO. AF_06/2016","m²",21.78,72.59,{"$f":"F474*(1+($H$3))","v":90.74},{"$f":"ROUND(E474*G474,2)","v":1976.32}]
["10.10",null,"ESQUADRIAS E VIDROS",{"$nulls":4},{"$f":"SUM(H476:H476)","v":8245.0400000000009}]
["10.10.2","08899/ORSE","PORTAO DE FERRO COM VARA 1/2\", COM REQUADRO","m²",10.08,654.37,{"$f":"F476*(1+($H$3))","v":817.96},{"$f":"ROUND(E476*G476,2)","v":8245.0400000000009}]
["10.11",null,"FORRO",{"$nulls":4},{"$f":"SUM(H478)","v":1351.58}]
["10.11.1",96486,"FORRO DE PVC, LISO, PARA AMBIENTES COMERCIAIS, INCLUSIVE ESTRUTURA DE FIXAÇÃO. AF_05/2017_P","m²",11.4,94.85,{"$f":"F478*(1+($H$3))","v":118.56},{"$f":"ROUND(E478*G478,2)","v":1351.58}]
["10.12",null,"PINTURA EM ESQUADRIAS",{"$nulls":4},{"$f":"SUM(H480:H480)","v":172.77}]
["10.12.1",102218,"PINTURA ESMALTE FOSCO, DUAS DEMAOS, SOBRE SUPERFICIE METALICA, INCLUSO UMA DEMAO DE FUNDO ANTICORROSIVO. UTILIZACAO DE REVOLVER ( AR-COMPRIMIDO).","m²",8.1,17.059999999999999,{"$f":"F480*(1+($H$3))","v":21.33},{"$f":"ROUND(E480*G480,2)","v":172.77}]
["10.13",null,"PISO",{"$nulls":4},{"$f":"SUM(H482:H484)","v":2296.52}]
["10.13.1",95240,"LASTRO DE CONCRETO MAGRO, APLICADO EM PISOS OU RADIERS, ESPESSURA DE 3CM. AF_07/2016","m²",11.4,20.13,{"$f":"F482*(1+($H$3))","v":25.16},{"$f":"ROUND(E482*G482,2)","v":286.82}]
["10.13.2",87630,"CONTRAPISO EM ARGAMASSA TRAÇO 1:4 (CIMENTO E AREIA), PREPARO MECÂNICO COM BETONEIRA 400 L, APLICADO EM ÁREAS SECAS SOBRE LAJE, ADERIDO, ESPESSURA 3CM. AF_06/2014","m²",11.4,42.94,{"$f":"F483*(1+($H$3))","v":53.68},{"$f":"ROUND(E483*G483,2)","v":611.95000000000005}]
["10.13.3",104162,"PISO EM GRANILITE, MARMORITE OU GRANITINA ESPESSURA 8 MM, INCLUSO JUNTAS DE DILATACAO PLASTICAS","m²",11.4,98.09,{"$f":"F484*(1+($H$3))","v":122.61},{"$f":"ROUND(E484*G484,2)","v":1397.75}]
["10.14",null,"INSTALAÇÕES ELÉTRICAS",{"$nulls":4},{"$f":"SUM(H486)","v":3610.62}]
["10.14.1","CPU 005 ","SERVIÇOS PARA EXECUÇÃO DA INSTALAÇÃO ELÉTRICA, LÓGICA E TELEFONIA.","unid.",0.03,{"$f":"CPU!I84","v":96283.199999999997},{"$f":"F486*(1+($H$3))","v":120354},{"$f":"ROUND(E486*G486,2)","v":3610.62}]
[]
["11.0",null,"ESTERQUEIRA / COMPOSTEIRA",{"$nulls":4},{"$f":"H489+H491+H497+H504+H528+H516+H520+H524+H532+H534+H538+H513","v":71395.08}]
["11.1",null,"LOCAÇÃO DA OBRA",{"$nulls":4},{"$f":"SUM(H490)","v":498.11}]
["11.1.1","50/ORSE","LOCAÇÃO DE CONSTRUÇÃO DE EDIFICAÇÃO ATÉ 200M², INCLUSIVE EXECUÇÃO DE GABARITO","m²",42.07,9.4700000000000006,{"$f":"F490*(1+($H$3))","v":11.84},{"$f":"ROUND(E490*G490,2)","v":498.11}]
["11.2",null,"MOVIMENTO DE TERRA",{"$nulls":4},{"$f":"SUM(H492:H496)","v":5139.05}]
["11.2.1","09897/ORSE","LIMPEZA SUPERFICIAL DA CAMADA VEGETAL EM JAZIDA","m²",147.9,1.78,{"$f":"F492*(1+($H$3))","v":2.23},{"$f":"ROUND(E492*G492,2)","v":329.82}]
["11.2.2",96526,"ESCAVAÇÃO MANUAL DE VALA PARA VIGA BALDRAME, COM PREVISÃO DE FÔRMA. AF_06/2017","m³",8.08,326.74,{"$f":"F493*(1+($H$3))","v":408.43},{"$f":"ROUND(E493*G493,2)","v":3300.11}]
["11.2.3",93382,"REATERRO MANUAL DE VALAS, COM COMPACTADOR DE SOLOS DE PERCUSSÃO","m³",4.8499999999999996,27.69,{"$f":"F494*(1+($H$3))","v":34.61},{"$f":"ROUND(E494*G494,2)","v":167.86}]
["11.2.4",96385,"EXECUÇÃO E COMPACTAÇÃO DE ATERRO COM SOLO PREDOMINANTEMENTE ARGILOSO - \nEXCLUSIVE ESCAVAÇÃO, CARGA E TRANSPORTE E SOLO. AF_09/2017","m³",67.739999999999995,13,{"$f":"F495*(1+($H$3))","v":16.25},{"$f":"ROUND(E495*G495,2)","v":1100.78}]
["11.2.5",100945,"TRANSPORTE COMERCIAL COM CAMINHAO CARROCERIA 9 T, RODOVIA EM LEITO NATURAL","TxKM",67.739999999999995,2.84,{"$f":"F496*(1+($H$3))","v":3.55},{"$f":"ROUND(E496*G496,2)","v":240.48}]
["11.3",null,"INFRA-ESTRUTURA / FUNDAÇÕES",{"$nulls":4},{"$f":"SUM(H498:H503)","v":3451.89}]
["11.3.1",96543,"ARMAÇÃO DE BLOCO, VIGA BALDRAME E SAPATA UTILIZANDO AÇO CA-60 DE 5 MM - MONTAGEM. AF_06/2017","kg",21,18.489999999999998,{"$f":"F498*(1+($H$3))","v":23.11},{"$f":"ROUND(E498*G498,2)","v":485.31}]
["11.3.2",96545,"ARMAÇÃO DE BLOCO, VIGA BALDRAME OU SAPATA UTILIZANDO AÇO CA-50 DE 8 MM - MONTAGEM. AF_06/2017","kg",34,15.16,18.95,644.29999999999995]
["11.3.3",96546,"ARMAÇÃO DE BLOCO, VIGA BALDRAME OU SAPATA UTILIZANDO AÇO CA-50 DE 10 MM - MONTAGEM. AF_06/2017","kg",84,13.32,16.649999999999999,1398.6]
["11.3.4",97086,"FABRICAÇÃO, MONTAGEM E DESMONTAGEM DE FORMA PARA RADIER, EM MADEIRA SERRADA, 4 UTILIZAÇÕES. AF_09/2017","m²",2.6,135.44999999999999,169.31,440.21]
["11.3.5","11488/ORSE","LANCAMENTO/APLICACAO MANUAL DE CONCRETO EM FUNDACOES","m³",0.7,27.98,34.979999999999997,24.49]
["11.3.6",94971,"CONCRETO FCK = 25MPA, TRAÇO 1:2,3:2,7 (CIMENTO/ AREIA MÉDIA/ BRITA 1) - PREPARO MECÂNICO COM BETONEIRA 600 L. AF_07/2016","m³",0.7,524.54999999999995,655.69,458.98]
["11.4",null,"SUPERESTRUTURA ",{"$nulls":4},{"$f":"SUM(H505:H512)","v":8461.52}]
["11.4.1",101792,"ESCORAMENTO FORMAS H=3,50 A 4,00 M, COM MADEIRA DE 3A QUALIDADE, NAO APARELHADA, APROVEITAMENTO TABUAS 3X E PRUMOS 4X.","m³",3.6,18.350000000000001,{"$f":"F505*(1+($H$3))","v":22.94},{"$f":"ROUND(E505*G505,2)","v":82.58}]
["11.4.2",92759,"ARMAÇÃO DE PILAR OU VIGA DE UMA ESTRUTURA CONVENCIONAL DE CONCRETO ARMADO EM UM EDIFÍCIO DE MÚLTIPLOS PAVIMENTOS UTILIZANDO AÇO CA-60 DE 5,0 MM - MONTAGEM. AF_12/2015","kg",30,14.65,18.309999999999999,{"$f":"ROUND(E506*G506,2)","v":549.29999999999995}]
["11.4.3",92761,"ARMAÇÃO DE PILAR OU VIGA DE UMA ESTRUTURA CONVENCIONAL DE CONCRETO ARMADO EM UM EDIFÍCIO DE MÚLTIPLOS PAVIMENTOS UTILIZANDO AÇO CA-50 DE 8,0MM - MONTAGEM. AF_12/2015","kg",14,12.75,15.94,{"$f":"ROUND(E507*G507,2)","v":223.16}]
["11.4.4",92762,"ARMAÇÃO DE PILAR OU VIGA DE UMA ESTRUTURA CONVENCIONAL DE CONCRETO ARMADO EM UM EDIFÍCIO DE MÚLTIPLOS PAVIMENTOS UTILIZANDO AÇO CA-50 DE 10,0 MM - MONTAGEM. AF_12/2015","kg",96,11.33,14.16,1359.36]
["11.4.5",92264,"FABRICAÇÃO DE FÔRMA PARA PILARES E ESTRUTURAS SIMILARES, EM CHAPA DE MADEIRA COMPENSADA PLASTIFICADA, E = 18 MM. AF_12/2015","m²",10.1,211.39,264.24,{"$f":"ROUND(E509*G509,2)","v":2668.82}]
["11.4.6",92266,"FABRICAÇÃO DE FÔRMA PARA VIGAS, EM CHAPA DE MADEIRA COMPENSADA PLASTIFICADA, E = 18 MM. AF_12/2015","m²",11.4,157.4,196.75,2242.9499999999998]
["11.4.7",103669,"CONCRETAGEM DE PILARES, FCK = 25 MPA, COM USO DE BALDES EM EDIFICAÇÃO COM SEÇÃO MÉDIA DE PILARES MENOR OU IGUAL A 0,25 M² - LANÇAMENTO, ADENSAMENTO E ACABAMENTO. AF_12/2015","m³",0.5,961.83,1202.29,601.15]
["11.4.8",103682,"CONCRETAGEM DE VIGAS E LAJES, FCK=20 MPA, PARA QUALQUER TIPO DE LAJE COM BALDES EM EDIFICAÇÃO TÉRREA, COM ÁREA MÉDIA DE LAJES MENOR OU IGUAL A 20 M² - LANÇAMENTO, ADENSAMENTO E ACABAMENTO. AF_12/2015","m³",0.6,978.93,1223.6600000000001,734.2]
["11.5",null,"ALVENARIA / DIVISÓRIAS",{"$nulls":4},{"$f":"SUM(H514:H515)","v":15068.4}]
["11.5.1",103351,"(COMPOSIÇÃO REPRESENTATIVA) DO SERVIÇO DE ALVENARIA DE VEDAÇÃO DE BLOCOS VAZADOS DE CERÂMICA DE 9X19X19CM (ESPESSURA 9CM), PARA EDIFICAÇÃO HABITACIONAL UNIFAMILIAR (CASA) E EDIFICAÇÃO PÚBLICA PADRÃO. AF_11/2014","m²",50.4,181.35,{"$f":"F514*(1+($H$3))","v":226.69},{"$f":"ROUND(E514*G514,2)","v":11425.18}]
["11.5.2","04345/ORSE","DIVISORIA COMPENSADO NAVAL 20mm, FIXADA SOBRE ESTRUTURA METÁLICA","m²",5.34,545.79999999999995,{"$f":"F515*(1+($H$3))","v":682.25},{"$f":"ROUND(E515*G515,2)","v":3643.22}]
["11.6",null,"REVESTIMENTOS",{"$nulls":4},{"$f":"SUM(H517:H519)","v":6220.36}]
["11.6.1",87879,"CHAPISCO APLICADO EM ALVENARIAS E ESTRUTURAS DE CONCRETO INTERNAS, COM COLHER DE PEDREIRO. ARGAMASSA TRAÇO 1:3 COM PREPARO EM BETONEIRA 400L. AF_06/2014","m²",50.4,4.78,{"$f":"F517*(1+($H$3))","v":5.98},{"$f":"ROUND(E517*G517,2)","v":301.39}]
["11.6.2",87894,"CHAPISCO APLICADO EM ALVENARIA (SEM PRESENÇA DE VÃOS) E ESTRUTURAS DE CONCRETO DE FACHADA, COM COLHER DE PEDREIRO. ARGAMASSA TRAÇO 1:3 COM PREPARO EM BETONEIRA 400L. AF_06/2014","m²",50.4,7.41,{"$f":"F518*(1+($H$3))","v":9.26},{"$f":"ROUND(E518*G518,2)","v":466.7}]
["11.6.3",87529,"MASSA ÚNICA, PARA RECEBIMENTO DE PINTURA, EM ARGAMASSA TRAÇO 1:2:8, PREPARO MECÂNICO COM BETONEIRA 400L, APLICADA MANUALMENTE EM FACES INTERNAS DE PAREDES, ESPESSURA DE 20MM, COM EXECUÇÃO DE TALISCAS. AF_06/2014","m²",100.8,43.27,{"$f":"F519*(1+($H$3))","v":54.09},{"$f":"ROUND(E519*G519,2)","v":5452.27}]
["11.7",null,"PINTURA E EMASSAMENTO INTERNO",{"$nulls":4},{"$f":"SUM(H521:H523)","v":2838.52}]
["11.7.1","CPU 006","EMASSAMENTO COM MASSA A OLEO, UMA DEMAO","m²",50.4,{"$f":"CPU!I95","v":29.85},{"$f":"F521*(1+($H$3))","v":37.31},{"$f":"ROUND(E521*G521,2)","v":1880.42}]
["11.7.2",88411,"APLICAÇÃO MANUAL DE FUNDO SELADOR ACRÍLICO EM PANOS COM PRESENÇA DE VÃOS DE EDIFÍCIOS DE MÚLTIPLOS PAVIMENTOS. AF_06/2014P","m²",50.4,3.16,{"$f":"F522*(1+($H$3))","v":3.95},{"$f":"ROUND(E522*G522,2)","v":199.08}]
["11.7.3",88489,"APLICAÇÃO MANUAL DE PINTURA COM TINTA LÁTEX ACRÍLICA EM PAREDES, DUAS DEMÃOS. AF_06/2014","m²",50.4,12.05,{"$f":"F523*(1+($H$3))","v":15.06},{"$f":"ROUND(E523*G523,2)","v":759.02}]
["11.8",null,"PINTURA E EMASSAMENTO EXTERNO",{"$nulls":4},{"$f":"SUM(H525:H527)","v":3632.32}]
["11.8.1","CPU 006","EMASSAMENTO COM MASSA A OLEO, UMA DEMAO","m²",50.4,{"$f":"CPU!I94","v":29.85},{"$f":"F525*(1+($H$3))","v":37.31},{"$f":"ROUND(E525*G525,2)","v":1880.42}]
["11.8.2",88411,"APLICAÇÃO MANUAL DE FUNDO SELADOR ACRÍLICO EM PANOS COM PRESENÇA DE VÃOS DE EDIFÍCIOS DE MÚLTIPLOS PAVIMENTOS. AF_06/2014P","m²",50.4,3.16,{"$f":"F526*(1+($H$3))","v":3.95},{"$f":"ROUND(E526*G526,2)","v":199.08}]
["11.8.3",95624,"APLICAÇÃO MANUAL DE TINTA LÁTEX ACRÍLICA EM SUPERFÍCIES EXTERNAS DE SACADA DE EDIFÍCIOS DE MÚLTIPLOS PAVIMENTOS, DUAS DEMÃOS. AF_11/2016","m²",50.4,24.65,{"$f":"F527*(1+($H$3))","v":30.81},{"$f":"ROUND(E527*G527,2)","v":1552.82}]
["11.9",null,"COBERTURAS E IMPERMEABILIZAÇÕES",{"$nulls":4},{"$f":"SUM(H529:H531)","v":4885.0600000000004}]
["11.9.1",92255,"INSTALAÇÃO DE TESOURA (INTEIRA OU MEIA), EM AÇO, PARA VÃOS MAIORES OU IGUAIS A 3,0 M E MENORES QUE 6,0 M, INCLUSO IÇAMENTO. AF_12/2015","UNID",3,240.88,{"$f":"F529*(1+($H$3))","v":301.10000000000002},{"$f":"ROUND(E529*G529,2)","v":903.3}]
["11.9.2",92580,"TRAMA DE AÇO COMPOSTA POR TERÇAS PARA TELHADOS DE ATÉ 2 ÁGUAS PARA TELHA ONDULADA DE FIBROCIMENTO, METÁLICA, PLÁSTICA OU TERMOACÚSTICA, INCLUSO TRANSPORTE VERTICAL. AF_12/2015","m²",23.44,63.3,{"$f":"F530*(1+($H$3))","v":79.13},{"$f":"ROUND(E530*G530,2)","v":1854.81}]
["11.9.3",94213,"TELHAMENTO COM TELHA DE AÇO/ALUMÍNIO E = 0,5 MM, COM ATÉ 2 ÁGUAS, INCLUSO IÇAMENTO. AF_06/2016","m²",23.44,72.59,{"$f":"F531*(1+($H$3))","v":90.74},{"$f":"ROUND(E531*G531,2)","v":2126.9499999999998}]
["11.10",null,"PINTURA EM ESTRUTURA METÁLICA",{"$nulls":4},{"$f":"SUM(H533:H533)","v":499.98}]
["11.10.1",102218,"PINTURA ESMALTE FOSCO, DUAS DEMAOS, SOBRE SUPERFICIE METALICA, INCLUSO UMA DEMAO DE FUNDO ANTICORROSIVO. UTILIZACAO DE REVOLVER ( AR-COMPRIMIDO).","m²",23.44,17.059999999999999,{"$f":"F533*(1+($H$3))","v":21.33},{"$f":"ROUND(E533*G533,2)","v":499.98}]
["11.11",null,"PISO",{"$nulls":4},{"$f":"SUM(H535:H537)","v":19496.330000000002}]
["11.11.1",95240,"LASTRO DE CONCRETO MAGRO, APLICADO EM PISOS OU RADIERS, ESPESSURA DE 3CM. AF_07/2016","m²",96.78,20.13,{"$f":"F535*(1+($H$3))","v":25.16},{"$f":"ROUND(E535*G535,2)","v":2434.98}]
["11.11.2",87630,"CONTRAPISO EM ARGAMASSA TRAÇO 1:4 (CIMENTO E AREIA), PREPARO MECÂNICO COM BETONEIRA 400 L, APLICADO EM ÁREAS SECAS SOBRE LAJE, ADERIDO, ESPESSURA 3CM. AF_06/2014","m²",96.78,42.94,{"$f":"F536*(1+($H$3))","v":53.68},{"$f":"ROUND(E536*G536,2)","v":5195.1499999999996}]
["11.11.3",104162,"PISO EM GRANILITE, MARMORITE OU GRANITINA ESPESSURA 8 MM, INCLUSO JUNTAS DE DILATACAO PLASTICAS","m²",96.78,98.09,{"$f":"F537*(1+($H$3))","v":122.61},{"$f":"ROUND(E537*G537,2)","v":11866.2}]
["11.12",null,"INSTALAÇÕES ELÉTRICAS",{"$nulls":4},{"$f":"SUM(H539)","v":1203.54}]
["11.12.1","CPU 005 ","SERVIÇOS PARA EXECUÇÃO DA INSTALAÇÃO ELÉTRICA, LÓGICA E TELEFONIA.","unid.",0.01,{"$f":"CPU!I84","v":96283.199999999997},{"$f":"F539*(1+($H$3))","v":120354},{"$f":"ROUND(E539*G539,2)","v":1203.54}]
["12.0",null,"CAIXA DE AREIA",{"$nulls":4},{"$f":"H541+H543+H547+H550+H552","v":14771.82}]
["12.1",null,"LOCAÇÃO DA OBRA",{"$nulls":4},{"$f":"SUM(H542)","v":291.26}]
["12.1.1","50/ORSE","LOCACAO CONVENCIONAL DE OBRA, ATRAVÉS DE GABARITO DE TABUAS CORRIDAS PONTALETADAS, COM REAPROVEITAMENTO DE 2VEZES.","m²",24.6,9.4700000000000006,{"$f":"F542*(1+($H$3))","v":11.84},{"$f":"ROUND(E542*G542,2)","v":291.26}]
["12.2",null,"MOVIMENTO DE TERRA",{"$nulls":4},{"$f":"SUM(H544:H546)","v":1275.07}]
["12.2.1","09897/ORSE","LIMPEZA SUPERFICIAL DA CAMADA VEGETAL EM JAZIDA","m²",33.200000000000003,1.78,{"$f":"F544*(1+($H$3))","v":2.23},{"$f":"ROUND(E544*G544,2)","v":74.040000000000006}]
["12.2.2",101208,"ESCAVAÇÃO VERTICAL A CÉU ABERTO, INCLUINDO CARGA, DESCARGA E TRANSPORTE, EM SOLO DE 1ª CATEGORIA COM ESCAVADEIRA HIDRÁULICA (CAÇAMBA: 1,2 M³ / 155 HP), FROTA DE 3 CAMINHÕES BASCULANTES DE 14 M³, DMT DE 1 KM E VELOCIDADE MÉDIA 15 KM/H. AF_12/2013","m³",39.840000000000003,10.44,{"$f":"F545*(1+($H$3))","v":13.05},{"$f":"ROUND(E545*G545,2)","v":519.91}]
["12.2.3",93382,"REATERRO MANUAL DE VALAS, COM COMPACTADOR DE SOLOS DE PERCUSSÃO","m³",19.68,27.69,{"$f":"F546*(1+($H$3))","v":34.61},{"$f":"ROUND(E546*G546,2)","v":681.12}]
["12.3",null,"INFRA-ESTRUTURA / FUNDAÇÕES",{"$nulls":4},{"$f":"SUM(H548:H549)","v":4512.63}]
["12.3.1",91601,"ARMAÇÃO DO SISTEMA DE PAREDES DE CONCRETO, EXECUTADA COMO REFORÇO, VERGALHÃO DE 6,3 MM DE DIÂMETRO. AF_06/2015","kg",64.38,12.67,{"$f":"F548*(1+($H$3))","v":15.84},{"$f":"ROUND(E548*G548,2)","v":1019.78}]
["12.3.2",34494,"CONCRETO USINADO BOMBEAVEL, CLASSE DE RESISTENCIA C30, COM BRITA 0 E 1, SLUMP = 100 +/- 20 MM, EXCLUI SERVICO DE BOMBEAMENTO (NBR 8953)","m³",5.26,531.23,{"$f":"F549*(1+($H$3))","v":664.04},{"$f":"ROUND(E549*G549,2)","v":3492.85}]
["12.4",null,"ALVENARIA / DIVISÓRIAS",{"$nulls":4},{"$f":"SUM(H551:H551)","v":4987.18}]
["12.4.1",103351,"(COMPOSIÇÃO REPRESENTATIVA) DO SERVIÇO DE ALVENARIA DE VEDAÇÃO DE BLOCOS VAZADOS DE CERÂMICA DE 9X19X19CM (ESPESSURA 9CM), PARA EDIFICAÇÃO HABITACIONAL UNIFAMILIAR (CASA) E EDIFICAÇÃO PÚBLICA PADRÃO. AF_11/2014 - (CAIXAS)","m²",22,181.35,{"$f":"F551*(1+($H$3))","v":226.69},{"$f":"ROUND(E551*G551,2)","v":4987.18}]
["12.5",null,"REVESTIMENTOS",{"$nulls":4},{"$f":"SUM(H553:H556)","v":3705.68}]
["12.5.1",87879,"CHAPISCO APLICADO EM ALVENARIAS E ESTRUTURAS DE CONCRETO INTERNAS, COM COLHER DE PEDREIRO. ARGAMASSA TRAÇO 1:3 COM PREPARO EM BETONEIRA 400L. AF_06/2014","m²",22,4.78,{"$f":"F553*(1+($H$3))","v":5.98},{"$f":"ROUND(E553*G553,2)","v":131.56}]
["12.5.2",87894,"CHAPISCO APLICADO EM ALVENARIA (SEM PRESENÇA DE VÃOS) E ESTRUTURAS DE CONCRETO DE FACHADA, COM COLHER DE PEDREIRO. ARGAMASSA TRAÇO 1:3 COM PREPARO EM BETONEIRA 400L. AF_06/2014","m²",22,7.41,{"$f":"F554*(1+($H$3))","v":9.26},{"$f":"ROUND(E554*G554,2)","v":203.72}]
["12.5.3",87529,"MASSA ÚNICA, PARA RECEBIMENTO DE PINTURA, EM ARGAMASSA TRAÇO 1:2:8, PREPARO MECÂNICO COM BETONEIRA 400L, APLICADA MANUALMENTE EM FACES INTERNAS DE PAREDES, ESPESSURA DE 20MM, COM EXECUÇÃO DE TALISCAS. AF_06/2014","m²",22,43.27,{"$f":"F555*(1+($H$3))","v":54.09},{"$f":"ROUND(E555*G555,2)","v":1189.98}]
["12.5.4",87781,"EMBOÇO OU MASSA ÚNICA EM ARGAMASSA TRAÇO 1:2:8, PREPARO MANUAL, APLICADA MANUALMENTE EM PANOS DE FACHADA COM PRESENÇA DE VÃOS, ESPESSURA DE\n35 MM. AF_06/2014","m²",22,79.290000000000006,{"$f":"F556*(1+($H$3))","v":99.11},{"$f":"ROUND(E556*G556,2)","v":2180.42}]
["13.0",null,"LAGOA DE TRATAMENTO DO ESGOTO - ETE",{"$nulls":4},{"$f":"H558+H560+H566+H570+H575+H580","v":192179.4}]
["13.1",null,"LOCAÇÃO DA OBRA",{"$nulls":4},{"$f":"SUM(H559)","v":2277.7800000000002}]
["13.1.1","50/ORSE","LOCAÇÃO DE CONSTRUÇÃO DE EDIFICAÇÃO ATÉ 200M², INCLUSIVE EXECUÇÃO DE GABARITO","m²",192.38,9.4700000000000006,{"$f":"F559*(1+($H$3))","v":11.84},{"$f":"ROUND(E559*G559,2)","v":2277.7800000000002}]
["13.2",null,"MOVIMENTO DE TERRA",{"$nulls":4},{"$f":"SUM(H561:H564)","v":49778.48}]
["13.2.1","09897/ORSE","LIMPEZA SUPERFICIAL DA CAMADA VEGETAL EM JAZIDA","m²",3320,1.78,{"$f":"F561*(1+($H$3))","v":2.23},{"$f":"ROUND(E561*G561,2)","v":7403.6}]
["13.2.2",101208,"ESCAVAÇÃO VERTICAL A CÉU ABERTO, INCLUINDO CARGA, DESCARGA E TRANSPORTE, EM SOLO DE 1ª CATEGORIA COM ESCAVADEIRA HIDRÁULICA (CAÇAMBA: 0,8 M³/ 111 HP), FROTA DE 3 CAMINHÕES BASCULANTES DE 14 M³, DMT DE 1 KM E VELOCIDADE MÉDIA 15 KM/H. AF_12/2013","m³",2192.75,10.44,{"$f":"F562*(1+($H$3))","v":13.05},28615.39]
["13.2.3",100577,"REGULARIZAÇÃO E COMPACTAÇÃO DE SUBLEITO DE SOLO PREDOMINANTEMENTE ARENOSO\nEXCLUSIVE ESCAVAÇÃO, CARGA E TRANSPORTE E SOLO. AF_09/2017","m³",2192.75,1.33,{"$f":"F563*(1+($H$3))","v":1.66},3639.97]
["13.2.4",100945,"TRANSPORTE COMERCIAL COM CAMINHAO CARROCERIA 9 T, RODOVIA EM LEITO NATURAL","TxKM",2850.57,2.84,{"$f":"F564*(1+($H$3))","v":3.55},10119.52]
[]
["13.3",null,"INFRA-ESTRUTURA / FUNDAÇÕES",{"$nulls":4},{"$f":"SUM(H567:H569)","v":56496.800000000003}]
["13.3.1",91601,"ARMAÇÃO DO SISTEMA DE PAREDES DE CONCRETO, EXECUTADA COMO REFORÇO, VERGALHÃO DE 6,3 MM DE DIÂMETRO. AF_06/2015","kg",44.12,12.67,{"$f":"F567*(1+($H$3))","v":15.84},{"$f":"ROUND(E567*G567,2)","v":698.86}]
["13.3.2",34494,"CONCRETO USINADO BOMBEAVEL, CLASSE DE RESISTENCIA C30, COM BRITA 0 E 1, SLUMP = 100 +/- 20 MM, EXCLUI SERVICO DE BOMBEAMENTO (NBR 8953)","m³",44.12,531.23,{"$f":"F568*(1+($H$3))","v":664.04},{"$f":"ROUND(E568*G568,2)","v":29297.439999999999}]
["13.3.3","CPU 009","IMPERMEABILIZAÇÃO COM MANTA PEAD, GEOMEMBRANA LISA, E=2,00 MM - EXCETO MANTA","m³",1950,{"$f":"CPU!I138","v":10.87},{"$f":"F569*(1+($H$3))","v":13.59},{"$f":"ROUND(E569*G569,2)","v":26500.5}]
["13.4",null,"ALVENARIA / DIVISÓRIAS",{"$nulls":4},{"$f":"SUM(H571:H574)","v":55931.61}]
["13.4.1",103351,"(COMPOSIÇÃO REPRESENTATIVA) DO SERVIÇO DE ALVENARIA DE VEDAÇÃO DE BLOCOS VAZADOS DE CERÂMICA DE 9X19X19CM (ESPESSURA 9CM), PARA EDIFICAÇÃO HABITACIONAL UNIFAMILIAR (CASA) E EDIFICAÇÃO PÚBLICA PADRÃO. AF_11/2014 - (CAIXAS)","m²",101.12,181.35,{"$f":"F571*(1+($H$3))","v":226.69},{"$f":"ROUND(E571*G571,2)","v":22922.89}]
["13.4.2",94273,"ASSENTAMENTO DE GUIA (MEIO-FIO) EM TRECHO RETO, CONFECCIONADA EM CONCRETO PRÉ-FABRICADO, DIMENSÕES 100X15X13X30 CM (COMPRIMENTO X BASE INFERIOR X BASE SUPERIOR X ALTURA), PARA VIAS URBANAS (USO VIÁRIO). AF_06/2016 - PAVIMENTAÇÃO","m",407,48.3,{"$f":"F572*(1+($H$3))","v":60.38},{"$f":"ROUND(E572*G572,2)","v":24574.66}]
["13.4.3",102719,"CAMADA DRENANTE COM BRITA NUM 3","m³",34.46,157.63,{"$f":"F573*(1+($H$3))","v":197.04},{"$f":"ROUND(E573*G573,2)","v":6790}]
["13.4.4",103928,"DISSIPADOR DE ENERGIA EM PEDRA ARGAMASSADA ESPESSURA 6CM INCL MATERIAIS E COLOCACAO MEDIDO P/ VOLUME DE PEDRA ARGAMASSADA","m³",2.4700000000000002,532.49,{"$f":"F574*(1+($H$3))","v":665.61},{"$f":"ROUND(E574*G574,2)","v":1644.06}]
["13.5",null,"REVESTIMENTOS",{"$nulls":4},{"$f":"SUM(H576:H579)","v":15763.97}]
["13.5.1",87879,"CHAPISCO APLICADO EM ALVENARIAS E ESTRUTURAS DE CONCRETO INTERNAS, COM COLHER DE PEDREIRO. ARGAMASSA TRAÇO 1:3 COM PREPARO EM BETONEIRA 400L. AF_06/2014","m²",80,4.78,{"$f":"F576*(1+($H$3))","v":5.98},{"$f":"ROUND(E576*G576,2)","v":478.4}]
["13.5.2",87894,"CHAPISCO APLICADO EM ALVENARIA (SEM PRESENÇA DE VÃOS) E ESTRUTURAS DE CONCRETO DE FACHADA, COM COLHER DE PEDREIRO. ARGAMASSA TRAÇO 1:3 COM PREPARO EM BETONEIRA 400L. AF_06/2014","m²",101.12,7.41,{"$f":"F577*(1+($H$3))","v":9.26},{"$f":"ROUND(E577*G577,2)","v":936.37}]
["13.5.3",87529,"MASSA ÚNICA, PARA RECEBIMENTO DE PINTURA, EM ARGAMASSA TRAÇO 1:2:8, PREPARO MECÂNICO COM BETONEIRA 400L, APLICADA MANUALMENTE EM FACES INTERNAS DE PAREDES, ESPESSURA DE 20MM, COM EXECUÇÃO DE TALISCAS. AF_06/2014","m²",80,43.27,{"$f":"F578*(1+($H$3))","v":54.09},{"$f":"ROUND(E578*G578,2)","v":4327.2}]
["13.5.4",87781,"EMBOÇO OU MASSA ÚNICA EM ARGAMASSA TRAÇO 1:2:8, PREPARO MANUAL, APLICADA MANUALMENTE EM PANOS DE FACHADA COM PRESENÇA DE VÃOS, ESPESSURA DE\n35 MM. AF_06/2014","m²",101.12,79.290000000000006,{"$f":"F579*(1+($H$3))","v":99.11},{"$f":"ROUND(E579*G579,2)","v":10022}]
["13.6",null,"INSTALAÇÕES HIDRÁULICAS",{"$nulls":4},{"$f":"SUM(H581:H584)","v":11930.76}]
["13.6.1",90696,"TUBO DE PVC PARA REDE COLETORA DE ESGOTO DE PAREDE MACIÇA, DN 200 MM, JUNTA ELÁSTICA, INSTALADO EM LOCAL COM NÍVEL BAIXO DE INTERFERÊNCIAS - FORNECIMENTO E ASSENTAMENTO. AF_06/2015","m²",60,140.37,{"$f":"F581*(1+($H$3))","v":175.46},{"$f":"ROUND(E581*G581,2)","v":10527.6}]
["13.6.2",1865,"CURVA PARA REDE COLETOR ESGOTO, EB 644, 90GR, DN=200MM, COM JUNTA ELASTICA","unid",3,143.63,{"$f":"F582*(1+($H$3))","v":179.54},{"$f":"ROUND(E582*G582,2)","v":538.62}]
["13.6.3",42695,"CURVA PVC, BB, JE, 90 GRAUS, DN 200 MM, PARA TUBO CORRUGADO E/OU LISO, REDE COLETORA DE ESGOTO","unid",2,281.89999999999998,{"$f":"F583*(1+($H$3))","v":352.38},{"$f":"ROUND(E583*G583,2)","v":704.76}]
["13.6.4",103140,"INSTALAÇÃO DE VÁLVULAS OU REGISTROS COM JUNTA FLANGEADA - DN 200","unid",2,63.91,{"$f":"F584*(1+($H$3))","v":79.89},{"$f":"ROUND(E584*G584,2)","v":159.78}]
["14.0",null,"PAVIMENTAÇÃO / CERCAS / AREA VERDE / RAMPA DE LAVAGEM DE CAMINHÕES/ SALA DE NECROPSIA",{"$nulls":4},{"$f":"H586+H588+H593+H613+H600+H602+H605+H609+H618+H627","v":715597.87}]
["14.1",null,"LOCAÇÃO DA OBRA",{"$nulls":4},{"$f":"SUM(H587)","v":29520}]
["14.1.1","4177/ORSE","LOCAÇÃO DE CONSTRUÇÃO DE EDIFICAÇÃO ACIMA DE 1000M², INCLUSIVE EXECUÇÃO DE GABARITO DE MADEIRA","m²",4000,5.9,{"$f":"F587*(1+($H$3))","v":7.38},{"$f":"ROUND(E587*G587,2)","v":29520}]
["14.2",null,"MOVIMENTO DE TERRA",{"$nulls":4},{"$f":"SUM(H589:H592)","v":39000}]
["14.2.1","09897/ORSE","LIMPEZA SUPERFICIAL DA CAMADA VEGETAL EM JAZIDA","m²",4000,1.78,{"$f":"F589*(1+($H$3))","v":2.23},{"$f":"ROUND(E589*G589,2)","v":8920}]
["14.2.2",100576,"REGULARIZACAO E COMPACTACAO DE SUBLEITO ATE 20 CM DE ESPESSURA","m³",4000,2.85,{"$f":"F590*(1+($H$3))","v":3.56},{"$f":"ROUND(E590*G590,2)","v":14240}]
["14.2.3",96385,"EXECUÇÃO E COMPACTAÇÃO DE ATERRO COM SOLO PREDOMINANTEMENTE ARGILOSO - \nEXCLUSIVE ESCAVAÇÃO, CARGA E TRANSPORTE E SOLO. AF_09/2017","m³",800,13,{"$f":"F591*(1+($H$3))","v":16.25},{"$f":"ROUND(E591*G591,2)","v":13000}]
["14.2.4",100945,"TRANSPORTE COMERCIAL COM CAMINHAO CARROCERIA 9 T, RODOVIA EM LEITO NATURAL","TxKM",800,2.84,{"$f":"F592*(1+($H$3))","v":3.55},{"$f":"ROUND(E592*G592,2)","v":2840}]
["14.3",null,"INFRA-ESTRUTURA / PAVIMENTAÇÃO",{"$nulls":4},{"$f":"SUM(H594:H599)","v":477635.24}]
["14.3.1",94993,"EXECUÇÃO DE PASSEIO (CALÇADA) OU PISO DE CONCRETO COM CONCRETO MOLDADO IN LOCO, USINADO, ACABAMENTO CONVENCIONAL, ESPESSURA 6 CM, ARMADO. AF_07/2016","m²",487.26,74.72,{"$f":"F594*(1+($H$3))","v":93.4},{"$f":"ROUND(E594*G594,2)","v":45510.080000000002}]
["14.3.2",92400,"EXECUÇÃO DE VIA EM PISO INTERTRAVADO, COM BLOCO RETANGULAR DE 20 X 10 CM, ESPESSURA 10 CM. AF_12/2015","m²",3042.32,92.53,115.66,351874.73]
["14.3.3",103946,"PLANTIO DE GRAMA ESMERALDA EM PLACA","m²",584.92999999999995,18.440000000000001,23.05,13482.64]
["14.3.4",98520,"APLICAÇÃO DE ADUBO EM SOLO. AF_05/2018","m²",584.92999999999995,5.49,6.86,4012.62]
["14.3.5",94273,"ASSENTAMENTO DE GUIA (MEIO-FIO) EM TRECHO RETO, CONFECCIONADA EM CONCRETO PRÉ-FABRICADO, DIMENSÕES 100X15X13X30 CM (COMPRIMENTO X BASE INFERIOR X BASE SUPERIOR X ALTURA), PARA VIAS URBANAS (USO VIÁRIO). AF_06/2016 - PAVIMENTAÇÃO","m",839.4,48.3,60.38,50682.97]
["14.3.6",94279,"ASSENTAMENTO DE GUIA (MEIO-FIO) EM TRECHO RETO, CONFECCIONADA EM CONCRETO ETO PRÉ-FABRICADO, DIMENSÕES 39X6,5X6,5X19 CM (COMPRIMENTO X BASE INFERIOR X BASE SUPERIOR X ALTURA), PARA DELIMITAÇÃO DE JARDINS, PRAÇAS OUPASSEIOS. ","m",222.57,43.39,54.24,12072.2]
["14.4",null,"ALVENARIA / DIVISÓRIAS",{"$nulls":4},{"$f":"SUM(H601:H601)","v":6438}]
["14.4.1",103351,"(COMPOSIÇÃO REPRESENTATIVA) DO SERVIÇO DE ALVENARIA DE VEDAÇÃO DE BLOCOS VAZADOS DE CERÂMICA DE 9X19X19CM (ESPESSURA 9CM), PARA EDIFICAÇÃO HABITACIONAL UNIFAMILIAR (CASA) E EDIFICAÇÃO PÚBLICA PADRÃO. AF_11/2014","m²",28.4,181.35,{"$f":"F601*(1+($H$3))","v":226.69},{"$f":"ROUND(E601*G601,2)","v":6438}]
["14.5",null,"REVESTIMENTOS",{"$nulls":4},{"$f":"SUM(H603:H604)","v":3334.73}]
["14.5.1",87894,"CHAPISCO APLICADO EM ALVENARIA (SEM PRESENÇA DE VÃOS) E ESTRUTURAS DE CONCRETO DE FACHADA, COM COLHER DE PEDREIRO. ARGAMASSA TRAÇO 1:3 COM PREPARO EM BETONEIRA 400L. AF_06/2014","m²",56.8,7.41,{"$f":"F603*(1+($H$3))","v":9.26},{"$f":"ROUND(E603*G603,2)","v":525.97}]
["14.5.2",87775,"EMBOÇO OU MASSA ÚNICA EM ARGAMASSA TRAÇO 1:2:8, PREPARO MECÂNICO COM BETONEIRA 400 L, APLICADA MANUALMENTE EM PANOS DE FACHADA COM PRESENÇA DE VÃOS, ESPESSURA DE 25 MM. AF_06/2014","m²",56.8,39.56,{"$f":"F604*(1+($H$3))","v":49.45},{"$f":"ROUND(E604*G604,2)","v":2808.76}]
["14.6",null,"PINTURA E EMASSAMENTO EXETRNO",{"$nulls":4},{"$f":"SUM(H606:H608)","v":4093.58}]
["14.6.1","CPU 006","EMASSAMENTO COM MASSA A OLEO, UMA DEMAO","m²",56.8,{"$f":"CPU!I94","v":29.85},{"$f":"F606*(1+($H$3))","v":37.31},{"$f":"ROUND(E606*G606,2)","v":2119.21}]
["14.6.2",88411,"APLICAÇÃO MANUAL DE FUNDO SELADOR ACRÍLICO EM PANOS COM PRESENÇA DE VÃOS DE EDIFÍCIOS DE MÚLTIPLOS PAVIMENTOS. AF_06/2014P","m²",56.8,3.16,{"$f":"F607*(1+($H$3))","v":3.95},{"$f":"ROUND(E607*G607,2)","v":224.36}]
["14.6.3",95624,"APLICAÇÃO MANUAL DE TINTA LÁTEX ACRÍLICA EM SUPERFÍCIES EXTERNAS DE SACADA DE EDIFÍCIOS DE MÚLTIPLOS PAVIMENTOS, DUAS DEMÃOS. AF_11/2016","m²",56.8,24.65,{"$f":"F608*(1+($H$3))","v":30.81},{"$f":"ROUND(E608*G608,2)","v":1750.01}]
["14.7",null,"PINTURA EM ESQUADRIAS",{"$nulls":4},{"$f":"SUM(H610:H612)","v":1418.3}]
["14.7.1","2305/ORSE","FUNDO SINTETICO NIVELADOR BRANCO","m²",26,9.02,{"$f":"F610*(1+($H$3))","v":11.28},{"$f":"ROUND(E610*G610,2)","v":293.27999999999997}]
["14.7.2",102219,"PINTURA ESMALTE ACETINADO PARA MADEIRA, DUAS DEMAOS, SOBRE FUNDO NIVELADOR BRANCO","m²",26,17.55,{"$f":"F611*(1+($H$3))","v":21.94},{"$f":"ROUND(E611*G611,2)","v":570.44000000000005}]
["14.7.3",102218,"PINTURA ESMALTE FOSCO, DUAS DEMAOS, SOBRE SUPERFICIE METALICA, INCLUSO UMA DEMAO DE FUNDO ANTICORROSIVO. UTILIZACAO DE REVOLVER ( AR-COMPRIMIDO).","m²",26,17.059999999999999,{"$f":"F612*(1+($H$3))","v":21.33},{"$f":"ROUND(E612*G612,2)","v":554.58000000000004}]
["14.8",null,"CERCAS",{"$nulls":4},{"$f":"SUM(H614:H617)","v":99980.54}]
["14.8.1",101197,"CERCA COM MOUROES DE CONCRETO, SECAO \"T\" PONTA INCLINADA, 10X10CM, ESPACAMENTO DE 3M, CRAVADOS 0,5M, COM 11 FIOS DE ARAME FARPADO Nº 14","m",545,124.29,{"$f":"F614*(1+($H$3))","v":155.36000000000001},{"$f":"ROUND(E614*G614,2)","v":84671.2}]
["14.8.2","11532/ORSE","PORTAO EM TELA ARAME GALVANIZADO N.12 MALHA 2\" E MOLDURA EM TUBOS DE ACO COM DUAS FOLHAS DE ABRIR, INCLUSO FERRAGENS - VEÍCULOS","m²",11,702.99,{"$f":"F615*(1+($H$3))","v":878.74},{"$f":"ROUND(E615*G615,2)","v":9666.14}]
["14.8.3","11532/ORSE","PORTAO EM TELA ARAME GALVANIZADO N.12 MALHA 2\" E MOLDURA EM TUBOS DE ACO COM DUAS FOLHAS DE ABRIR, INCLUSO FERRAGENS - PEDESTRE","m²",2,702.99,{"$f":"F616*(1+($H$3))","v":878.74},{"$f":"ROUND(E616*G616,2)","v":1757.48}]
["14.8.4","02794/ORSE","CAIXA DE PASSAGEM 30X30X40 COM TAMPA E DRENO BRITA","und",12,259.05,{"$f":"F617*(1+($H$3))","v":323.81},{"$f":"ROUND(E617*G617,2)","v":3885.72}]
["14.9",null,"SALA DE NECROPSIA",{"$nulls":4},{"$f":"SUM(H619:H626)","v":17546.62}]
["14.9.1",103351,"(COMPOSIÇÃO REPRESENTATIVA) DO SERVIÇO DE ALVENARIA DE VEDAÇÃO DE BLOCOS VAZADOS DE CERÂMICA DE 9X19X19CM (ESPESSURA 9CM), PARA EDIFICAÇÃO HABITACIONAL UNIFAMILIAR (CASA) E EDIFICAÇÃO PÚBLICA PADRÃO. AF_11/2014","m²",34,181.35,{"$f":"F619*(1+($H$3))","v":226.69},{"$f":"ROUND(E619*G619,2)","v":7707.46}]
["14.9.2",87879,"CHAPISCO APLICADO EM ALVENARIAS E ESTRUTURAS DE CONCRETO INTERNAS, COM COLHER DE PEDREIRO. ARGAMASSA TRAÇO 1:3 COM PREPARO EM BETONEIRA 400L. AF_06/2014","m²",68,4.78,5.98,{"$f":"ROUND(E620*G620,2)","v":406.64}]
["14.9.3",87529,"MASSA ÚNICA, PARA RECEBIMENTO DE PINTURA, EM ARGAMASSA TRAÇO 1:2:8, PREPARO MECÂNICO COM BETONEIRA 400L, APLICADA MANUALMENTE EM FACES INTERNAS DE PAREDES, ESPESSURA DE 20MM, COM EXECUÇÃO DE TALISCAS. AF_06/2014","m²",34,43.27,54.09,{"$f":"ROUND(E621*G621,2)","v":1839.06}]
["14.9.4",95240,"LASTRO DE CONCRETO MAGRO, APLICADO EM PISOS OU RADIERS, ESPESSURA DE 3CM. AF_07/2016","m²",21,20.13,25.16,{"$f":"ROUND(E622*G622,2)","v":528.36}]
["14.9.5",87630,"CONTRAPISO EM ARGAMASSA TRAÇO 1:4 (CIMENTO E AREIA), PREPARO MECÂNICO COM BETONEIRA 400 L, APLICADO EM ÁREAS SECAS SOBRE LAJE, ADERIDO, ESPESSURA 3CM. AF_06/2014","m²",21,42.94,53.68,{"$f":"ROUND(E623*G623,2)","v":1127.28}]
["14.9.6",104162,"PISO EM GRANILITE, MARMORITE OU GRANITINA ESPESSURA 8 MM, INCLUSO JUNTAS DE DILATACAO PLASTICAS","m²",21,98.09,122.61,2574.81]
["14.9.7",100701,"PORTA DE FERRO TIPO VENEZIANA, DE ABRIR, SEM BANDEIRA SEM FERRAGENS","m²",4,446.11,557.64,{"$f":"ROUND(E625*G625,2)","v":2230.56}]
["14.9.8",91333,"KIT DE PORTA DE MADEIRA FRISADA, SEMI-OCA (LEVE OU MÉDIA), PADRÃO POPULAR, 80X210CM, ESPESSURA DE 3,5CM, ITENS INCLUSOS: DOBRADIÇAS, MONTAGEM E INSTALAÇÃO DO BATENTE, SEM FECHADURA - FORNECIMENTO E INSTALAÇÃO. AF_08/2015","UNID",1,905.96,1132.45,1132.45]
["14.10",null,"RAMPA EM CONCRETO PARA ACESSO DE LAVAGEM DE CAMINHÃO",{"$nulls":4},{"$f":"SUM(H628:H629)","v":36630.86}]
["14.10.1","CPU 011","RAMPA EM CONCRETO PARA ACESSO DE CAMINHÃO","UND",1,{"$f":"CPU!I166","v":28831.09},{"$f":"F628*(1+($H$3))","v":36038.86},{"$f":"ROUND(E628*G628,2)","v":36038.86}]
["14.10.2","50/ORSE","LOCAÇÃO DE CONSTRUÇÃO DE EDIFICAÇÃO ATÉ 200M², INCLUSIVE EXECUÇÃO DE GABARITO","m²",50,9.4700000000000006,{"$f":"F629*(1+($H$3))","v":11.84},{"$f":"ROUND(E629*G629,2)","v":592}]
[]
["TOTAL DE SERVIÇO COM BDI (  25,00 %)",{"$nulls":4},{"$f":"H6+H67+H138+H251+H317+H373+H488+H433+H585+H214+H64+H557+H540+H15","v":4836729.29}]
["TOTAL DE MATERIAL COM BDI (15,00 %)",{"$nulls":4},{"$f":"'PLAN MATERIAL'!F262:H262","v":342714.6}]
[]
["TOTAL GERAL COM BDI ",{"$nulls":4},{"$f":"F631+F632","v":5179443.8899999997}]
[]
[]
[]
[null,null,"JOSÉ DE MELO ALCÂNTERA"]
[null,null,"ENGENHEIRO CIVIL "]

{"sheet":"PLAN MATERIAL","index":1,"n_rows":268,"n_cols":8,"rows_kept":268,"cut":false,"hidden":false,"merged":[[266,2,266,6],[267,2,267,6],[178,2,178,6],[13,2,13,6],[4,0,4,7],[5,4,5,6],[6,4,6,6],[9,2,9,6],[228,2,228,6],[261,0,261,4],[261,5,261,7],[263,0,263,4],[263,5,263,7],[233,2,233,6],[252,2,252,5],[260,0,260,4],[3,0,3,1],[3,2,3,7],[16,2,16,5],[17,2,17,6],[135,2,135,6],[117,2,117,6],[125,2,125,6],[123,2,123,6],[12,2,12,5],[0,0,0,1],[0,2,0,7],[1,0,1,1],[1,2,1,7],[2,0,2,1],[2,2,2,7],[253,2,253,6],[255,2,255,6],[5,0,5,2],[6,0,6,2],[260,5,260,7]]}
[]
[]
[]
[]
["ORÇAMENTO BÁSICO - MATERIAIS"]
["SINAPI-BA 08/2023 -  NÃO (DESONERADO)",null,null,null," % BDI serv. adotado:",null,null,0.25]
["ORSE 08/2023",null,null,null," % BDI mater. adotado:",null,null,0.15]
["ITEM","REFERÊNCIA","DESCRIÇÃO","UNID","QUANT.","P. UNIT. S/BDI","P. UNIT. C/BDI","P. TOTAL"]
[]
["1.0",null,"SUB - ESTAÇÃO DE 112,5 KVA (MATERIAL)",{"$nulls":4},{"$f":"SUM(H11:H12)","v":24997.48}]
["1.1",7619,"TRANSFORMADOR TRIFASICO DE DISTRIBUICAO, POTENCIA DE 112,5 KVA, TENSAO NOMINAL, DE 15 KV, TENSAO SECUNDARIA DE 220/127V, EM OLEO ISOLANTE TIPO MINERAL","unid",1,19646.47,{"$f":"F11*(1+($H$7))","v":22593.439999999999},{"$f":"ROUND(E11*G11,2)","v":22593.439999999999}]
["1.2",41209,"POSTE DE CONCRETO ARMADO DE SECAO DUPLO T, EXTENSAO DE 12,00 M, RESISTENCIA DE 600 DAN, TIPO B","unid",1,2090.4699999999998,2404.04,2404.04]
["2.0",null,"APOIO ADMISTRATIVO /  VESTIÁRIO / BANHEIROS",{"$nulls":4},{"$f":"H14","v":3886.34}]
["2.1",null,"INFRA-ESTRUTURA / FUNDAÇÕES",{"$nulls":4},{"$f":"SUM(H15)","v":3886.34}]
["2.1.1",6077,"ARGILA OU BARRO PARA ATERRO/REATERRO (RETIRADO NA JAZIDA, SEM TRANSPORTE)","m³",60.16,56.17,{"$f":"F15*(1+($H$7))","v":64.599999999999994},{"$f":"ROUND(E15*G15,2)","v":3886.34}]
[]
["3.0",null,"MATERIAIS- (ADMINISTRAÇÃO E CURRAL)",{"$nulls":4},{"$f":"H18+H136+H118+H126+H124","v":126617.35}]
["3.1",null,"HIDROSSANITÁRIO - (ADM, ABATEDOURO, CURRAL E GERAL)",{"$nulls":4},{"$f":"SUM(H19:H117)","v":79018.27}]
["3.1.1",97,"ADAPTADOR PVC SOLDAVEL C/ FLANGES E ANEL DE VEDACAO P/ CAIXA D' AGUA 32MM X 1\"","und",22,17.809999999999999,{"$f":"F19*(1+($H$7))","v":20.48},{"$f":"ROUND(E19*G19,2)","v":450.56}]
["3.1.2",99,"ADAPTADOR PVC SOLDAVEL C/ FLANGES E ANEL DE VEDACAO P/ CAIXA D' AGUA 50MM X 11/2\"","und",4,25.19,28.97,115.88]
["3.1.3",109,"ADAPTADOR PVC SOLDAVEL CURTO C/ BOLSA E ROSCA P/ REGISTRO 40MM X 1 1/4\"","und",4,3.56,4.09,16.36]
["3.1.4",98,"ADAPTADOR PVC SOLDAVEL, COM FLANGE E ANEL DE VEDACAO, 40 MM X 1 1/4\", PARA CAIXA D'AGUA","und",1,29.14,33.51,33.51]
["3.1.5",99,"ADAPTADOR PVC SOLDAVEL, COM FLANGE E ANEL DE VEDACAO, 50 MM X 1 1/2\", PARA CAIXA UN 33,61\nD'AGUA","und",1,33.61,38.65,38.65]
["3.1.6",20080,"ADESIVO P/ PVC FRASCO C/ 175G","und",6,14.22,16.350000000000001,98.1]
["3.1.7",377,"ASSENTO SANITARIO DE PLASTICO","und",8,19.989999999999998,22.99,183.92]
["3.1.8",828,"BUCHA REDUCAO PVC SOLD CURTA P/ AGUA FRIA PRED 25MM X 20MM","und",25,0.56999999999999995,0.66,16.5]
["3.1.9",829,"BUCHA REDUCAO PVC SOLD CURTA P/ AGUA FRIA PRED 32MM X 25MM","und",5,1.0900000000000001,1.25,6.25]
["3.1.10",819,"BUCHA REDUCAO PVC SOLD CURTA P/ AGUA FRIA PRED 50MM X 40MM","und",2,4.09,4.7,9.4]
["3.1.11",43981,"Caixa d´água em fibra de vidro - instalada, sem estrutura de suporte cap. 15.000 litros","unid",1,6537.36,7517.96,7517.96]
["3.1.12",11712,"CAIXA SIFONADA DE PVC, DE 150 X 150 X 50MM, COM GRELHA QUADRADA BRANCA (NBR 5688)","und",9,27,31.05,279.45]
["3.1.13",5103,"CAIXA SIFONADA PVC, 100 X 100 X 50 MM, COM GRELHA REDONDA BRANCA","und",9,11.59,13.33,119.97]
["3.1.14",11714,"CAIXA SIFONADA PVC, 150 X 185 X 75 MM, COM GRELHA QUADRADA BRANCA","und",2,36.5,41.98,83.96]
["3.1.15",3279,"CAIXA INSPECAO, CONCRETO PRE MOLDADO, CIRCULAR, COM TAMPA, D = 60* CM, H= 60* CM","und",22,86.88,99.91,2198.02]
["3.1.16",20097,"CURVA DE PVC, 45 GRAUS, SERIE R, DN 100 MM, PARA ESGOTO PREDIAL","und",4,23.41,26.92,107.68]
["3.1.17",20098,"CURVA DE PVC, 45 GRAUS, SERIE R, DN 150 MM, PARA ESGOTO PREDIAL","und",4,95.68,110.03,440.12]
["3.1.18",1858,"CURVA LONGA PVC, PB, JE, 45 GRAUS, DN 100 MM, PARA REDE COLETORA ESGOTO (NBR UN 20,21\n10569)","und",4,51.8,59.57,238.28]
["3.1.19",1844,"CURVA LONGA PVC, PB, JE, 45 GRAUS, DN 150 MM, PARA REDE COLETORA ESGOTO (NBR 10569)","und",1,118.64,136.44,136.44]
["3.1.20",1957,"CURVA PVC SOLD 90G P/ AGUA FRIA PREDIAL 32 MM","und",2,6.2,7.13,14.26]
["3.1.21",38189,"DUCHA METALICA DE PAREDE, ARTICULAVEL, COM BRACO/CANO, SEM DESVIADOR","und",8,158.16999999999999,181.9,1455.2]
["3.1.22",3148,"FITA VEDA ROSCA EM ROLOS 18MMX50M","und",10,11.72,13.48,134.80000000000001]
["3.1.23",3516,"JOELHO PVC SOLD 45G BB P/ ESG PREDIAL DN 40MM","und",17,2.21,2.54,43.18]
["3.1.24",3528,"JOELHO PVC SOLD 45G PB P/ ESG PREDIAL DN 100MM","und",2,8.6199999999999992,9.91,19.82]
["3.1.25",3517,"JOELHO PVC SOLD 90G BB P/ ESG PREDIAL DN 40MM","und",24,1.99,2.29,54.96]
["3.1.26",3515,"JOELHO PVC SOLD 90G C/BUCHA DE LATAO 20MM X 1/2\"","und",88,6.26,7.2,633.6]
["3.1.27",3524,"JOELHO PVC SOLD 90G C/BUCHA DE LATAO 25MM X 3/4\"","und",4,7.74,8.9,35.6]
["3.1.28",3529,"JOELHO PVC SOLD 90G P/ AGUA FRIA PREDIAL 25 MM","und",6,0.7,0.81,4.8600000000000003]
["3.1.29",3542,"JOELHO PVC SOLD 90G P/AGUA FRIA PREDIAL 20 MM","und",22,0.56999999999999995,0.66,14.52]
["3.1.30",3536,"JOELHO PVC SOLD 90G P/AGUA FRIA PREDIAL 32 MM","und",2,2.33,2.68,5.36]
["3.1.31",3540,"JOELHO PVC SOLD 90G P/AGUA FRIA PREDIAL 50 MM","und",4,4.8,5.52,22.08]
["3.1.32",3520,"JOELHO PVC SOLD 90G PB P/ ESG PREDIAL DN 100MM","und",12,7.83,9,108]
["3.1.33",3526,"JOELHO PVC SOLD 90G PB P/ ESG PREDIAL DN 50MM","und",15,2.88,{"$f":"F51*(1+($H$7))","v":3.31},{"$f":"ROUND(E51*G51,2)","v":49.65}]
["3.1.34",3535,"JOELHO PVC, SOLDAVEL, 90 GRAUS, 40 MM, PARA AGUA FRIA PREDIAL","und",4,5.17,5.95,23.8]
["3.1.35",3518,"JOELHO PVC, SOLDAVEL, PB, 45 GRAUS, DN 50 MM, PARA ESGOTO PREDIAL","und",10,3.57,4.1100000000000003,41.1]
["3.1.36",3519,"JOELHO PVC, SOLDAVEL, PB, 45 GRAUS, DN 75 MM, PARA ESGOTO PREDIAL","und",3,7.47,8.59,25.77]
["3.1.37",37950,"JOELHO PVC, SOLDAVEL, PB, 90 GRAUS, DN 150 MM, PARA ESGOTO PREDIAL","und",7,56.86,65.39,457.73]
["3.1.38",3509,"JOELHO PVC, SOLDAVEL, PB, 90 GRAUS, DN 75 MM, PARA ESGOTO PREDIAL","und",4,6.56,7.54,30.16]
["3.1.39",3670,"JUNCAO SIMPLES PVC P/ ESG PREDIAL DN 100X100MM","und",5,22.64,26.04,130.19999999999999]
["3.1.40",3659,"JUNCAO SIMPLES PVC P/ ESG PREDIAL DN 100X50MM","und",5,17.64,20.29,101.45]
["3.1.41",3662,"JUNCAO SIMPLES PVC P/ ESG PREDIAL DN 50X50MM","und",5,9.2899999999999991,10.68,53.4]
["3.1.42",20145,"JUNCAO SIMPLES, PVC SERIE R, DN 150 X 100 MM, PARA ESGOTO PREDIAL","und",2,126.04,144.94999999999999,289.89999999999998]
["3.1.43",20146,"JUNCAO SIMPLES, PVC SERIE R, DN 150 X 150 MM, PARA ESGOTO PREDIAL","und",3,172.3,198.15,594.45000000000005]
["3.1.44",3666,"JUNCAO SIMPLES, PVC, 45 GRAUS, DN 40 X 40 MM, SERIE NORMAL PARA ESGOTO PREDIAL","und",7,3.56,4.09,28.63]
["3.1.45",3660,"JUNCAO SIMPLES, PVC, DN 100 X 75 MM, SERIE NORMAL PARA ESGOTO PREDIAL","und",4,22.8,26.22,104.88]
["3.1.46",3659,"JUNCAO SIMPLES, PVC, DN 75 X 50 MM, SERIE NORMAL PARA ESGOTO PREDIAL","und",2,17.64,20.29,40.58]
["3.1.47",3658,"JUNCAO SIMPLES, PVC, DN 75 X 75 MM, SERIE NORMAL PARA ESGOTO PREDIAL","und",2,17.600000000000001,20.239999999999998,40.479999999999997]
["3.1.48",20269,"LAVATORIO/CUBA DE EMBUTIR OVAL LOUCA BRANCA 35 X 50CM OU EQUIV SEM LADRAO - PADRAO MEDIO","und",8,89.25,102.64,821.12]
["3.1.49",3872,"LUVA DE REDUCAO SOLDAVEL, PVC, 40 MM X 32 MM, PARA AGUA FRIA PREDIAL","und",5,5.09,5.85,29.25]
["3.1.50",3903,"LUVA PVC SOLD P/AGUA FRIA PREDIAL 32 MM","und",9,1.92,2.21,19.89]
["3.1.51",3861,"LUVA PVC SOLDAVEL, 20 MM, PARA AGUA FRIA PREDIAL","und",15,0.74,0.85,12.75]
["3.1.52",3904,"LUVA PVC SOLDAVEL, 25 MM, PARA AGUA FRIA PREDIAL","und",15,0.79,0.91,13.65]
["3.1.53",11703,"PAPELEIRA DE PAREDE EM METAL CROMADO SEM TAMPA","und",8,46.06,52.97,423.76]
["3.1.54",21102,"PORTA TOALHA BANHO EM METAL CROMADO, TIPO BARRA","und",6,23.42,26.93,161.58000000000001]
["3.1.55",11741,"RALO SIFONADO PVC CILINDRICO, 100 X 40 MM, COM GRELHA REDONDA BRANCA","und",11,9.5500000000000007,10.98,120.78]
["3.1.56",20047,"REDUCAO EXCENTRICA PVC NBR 10569 P/REDE COLET ESG PB JE 150 X 100MM","und",1,52.08,59.89,59.89]
["3.1.57",20042,"REDUCAO EXCENTRICA PVC P/ ESG PREDIAL DN 75 X 50MM","und",15,7.34,8.44,126.6]
["3.1.58",6013,"REGISTRO GAVETA 1\" REF 1509-C - C/ CANOPLA ACAB CROMADO SIMPLES","und",11,101.6,116.84,1285.24]
["3.1.59",6015,"REGISTRO GAVETA COM ACABAMENTO E CANOPLA CROMADOS, SIMPLES, BITOLA 1 1/2 \" (REF 1509)","und",2,147.65,169.8,339.6]
["3.1.60",6014,"REGISTRO GAVETA COM ACABAMENTO E CANOPLA CROMADOS, SIMPLES, BITOLA 1 1/4\" \n(REF 1509)","und",3,141.26,162.44999999999999,487.35]
["3.1.61",6006,"REGISTRO GAVETA COM ACABAMENTO E CANOPLA CROMADOS, SIMPLES, BITOLA 1/2 \" (REF 1509)","und",4,73.569999999999993,84.61,338.44]
["3.1.62",6005,"REGISTRO GAVETA COM ACABAMENTO E CANOPLA CROMADOS, SIMPLES, BITOLA 3/4 \" (REF 1509)","und",1,83,95.45,95.45]
["3.1.63",11757,"SABONETEIRA DE PAREDE EM METAL CROMADO","und",8,19.190000000000001,22.07,176.56]
["3.1.64",20083,"SOLUCAO LIMPADORA FRASCO PLASTICO C/ 1000CM3","und",1,73.48,84.5,84.5]
["3.1.65",11688,"TANQUE ACO INOXIDAVEL (ACO 304) COM ESFREGADOR E VALVULA, DE *50 X 40 X 22* CM","und",2,437.11,{"$f":"F83*(1+($H$7))","v":502.68},{"$f":"ROUND(E83*G83,2)","v":1005.36}]
["3.1.66",7139,"TE PVC SOLD 90G P/ AGUA FRIA PREDIAL 25MM","und",20,1.1499999999999999,1.32,26.4]
["3.1.67",7140,"TE PVC SOLD 90G P/ AGUA FRIA PREDIAL 32MM","und",4,3.62,4.16,16.64]
["3.1.68",7128,"TE REDUCAO PVC SOLD 90G P/ AGUA FRIA PREDIAL 40 MM X 32 MM","und",2,8.33,9.58,19.16]
["3.1.69",7097,"TE SANITARIO, PVC, DN 50 X 50 MM, SERIE NORMAL, PARA ESGOTO PREDIAL","und",3,7.08,8.14,24.42]
["3.1.70",11656,"TE SANITARIO, PVC, DN 75 X 50 MM, SERIE NORMAL PARA ESGOTO PREDIAL","und",1,18.41,21.17,21.17]
["3.1.71",11658,"TE SANITARIO, PVC, DN 75 X 75 MM, SERIE NORMAL PARA ESGOTO PREDIAL","und",5,15.65,18,90]
["3.1.72",7138,"TE SOLDAVEL, PVC, 90 GRAUS, 20 MM, PARA AGUA FRIA PREDIAL (NBR 5648)","und",22,1.02,1.17,25.74]
["3.1.73",7141,"TE SOLDAVEL, PVC, 90 GRAUS, 40 MM, PARA AGUA FRIA PREDIAL (NBR 5648)","und",6,8.86,10.19,61.14]
["3.1.74",13984,"TORNEIRA CROMADA CURTA SEM BICO PARA USO GERAL 1/2 \" OU 3/4 \" (REF 1152)","und",2,66.209999999999994,76.14,152.28]
["3.1.75",36796,"TORNEIRA CROMADA DE MESA PARA LAVATORIO TEMPORIZADA PRESSAO BICA BAIXA","und",8,134.51,154.69,1237.52]
["3.1.76",11773,"TORNEIRA CROMADA DE PAREDE PARA COZINHA BICA MOVEL COM AREJADOR 1/2 \" OU 3/4 \" (REF 1168)","und",1,113.43,130.44,130.44]
["3.1.77",11829,"TORNEIRA METALICA DE BOIA CONVENCIONAL PARA CAIXA D'AGUA, 1/2\", COM HASTE METALICA E BALAO PLASTICO","und",4,27.09,31.15,124.6]
["3.1.78",11830,"TORNEIRA METALICA DE BOIA CONVENCIONAL PARA CAIXA D'AGUA, 3/4\", COM HASTE METALICA E BALAO PLASTICO","und",16,29.26,33.65,538.4]
["3.1.79",9867,"TUBO DE PVC SOLDAVEL, DN = 20 MM (NBR-5648)","m",140,3.53,4.0599999999999996,568.4]
["3.1.80",38033,"TUBO PVC CORRUGADO, PAREDE DUPLA, JE, DN 200 MM, REDE COLETORA ESGOTO","m",39,94.37,108.53,4232.67]
["3.1.81",9836,"TUBO PVC SERIE NORMAL - ESGOTO PREDIAL DN 100MM - NBR 5688","m",80.400000000000006,14.05,16.16,1299.26]
["3.1.82",9835,"TUBO PVC SERIE NORMAL - ESGOTO PREDIAL DN 40MM - NBR 5688","m",29.4,6.14,7.06,207.56]
["3.1.83",9838,"TUBO PVC SERIE NORMAL - ESGOTO PREDIAL DN 50MM - NBR 5688","m",39.6,10.14,11.66,461.74]
["3.1.84",20065,"TUBO PVC SERIE NORMAL, DN 150 MM, PARA ESGOTO PREDIAL (NBR 5688)","m",162,36.72,42.23,6841.26]
["3.1.85",9837,"TUBO PVC SERIE NORMAL, DN 75 MM, PARA ESGOTO PREDIAL (NBR 5688)","m",14.4,13.3,15.3,220.32]
["3.1.86",9868,"TUBO PVC SOLDAVEL EB-892 P/AGUA FRIA PREDIAL DN 25MM","m",145,3.99,4.59,665.55]
["3.1.87",9869,"TUBO PVC SOLDAVEL EB-892 P/AGUA FRIA PREDIAL DN 32MM","m",110,8.61,9.9,1089]
["3.1.88",9874,"TUBO PVC SOLDAVEL EB-892 P/AGUA FRIA PREDIAL DN 40MM","m",26,13.52,15.55,404.3]
["3.1.89",9875,"TUBO PVC SOLDAVEL EB-892 P/AGUA FRIA PREDIAL DN 50MM","m",130,14.83,17.05,2216.5]
["3.1.90",10422,"VASO SANITARIO SIFONADO C/CAIXA ACOPLADA LOUCA BRANCA - PADRAO MEDIO","und",8,354.6,407.79,3262.32]
["3.1.91",6138,"VEDACAO PVC, 100 MM, PARA SAIDA VASO SANITARIO","und",8,9.17,10.55,84.4]
["3.1.92","cotação","Grelha (0,4x0,4)m grelha 400x400 mm so grelha","und",3,930,1069.5,3208.5]
["3.1.93","cotação","Grelha (0,6x0,3)m grelha 600 x 300 mm so grelha ","und",1,1040,1196,1196]
["3.1.94","cotação","Grelha (1,65x0,3)m grelha 1600 x 300 mm so grelha","und",2,2590,2978.5,5957]
["3.1.95","cotação","Grelha (20,572x0,3)m grelha 2050 x 300 mm so grelha","und",1,3318.43,3816.19,3816.19]
["3.1.96","cotação","Grelha (22,4x0,3)m grelha 2240 x 300 mm so grelha","und",1,3626,4169.8999999999996,4169.8999999999996]
["3.1.97","cotação","Grelha (2x0,2)m grelha de 2000 x 200 mm so grelha ","und",1,3237.5,{"$f":"F115*(1+($H$7))","v":3723.13},{"$f":"ROUND(E115*G115,2)","v":3723.13}]
["3.1.98","cotação","Grelha (4,499x0,3)m grelha de 4990 x 300 mm so grelha ","und",1,7282.75,8375.16,8375.16]
["3.1.99","cotação","Grelha (5,3x0,3)m grelha 5300 mm x 300 mm so grelha ","und",1,2000,2300,2300]
["3.2",null,"INSTALAÇÕES HIDRÁULICAS AGUA QUENTE",{"$nulls":4},{"$f":"SUM(H119:H123)","v":660.12}]
["3.2.1",37956,"JOELHO CPVC, SOLDAVEL, 90 GRAUS, 22 MM, PARA AGUA QUENTE","und",5,3.93,{"$f":"F119*(1+($H$7))","v":4.5199999999999996},{"$f":"ROUND(E119*G119,2)","v":22.6}]
["3.2.2","1230/ORSE","JOELHO DE REDUCAO, PVC, ROSCAVEL COM BUCHA DE LATAO, 90 GRAUS, 3/4\" X 1/2\", PARA AGUA FRIA PREDIAL","und",6,5.48,{"$f":"F120*(1+($H$7))","v":6.3},{"$f":"ROUND(E120*G120,2)","v":37.799999999999997}]
["3.2.3",37974,"LUVA CPVC, SOLDAVEL, 22 MM, PARA AGUA QUENTE PREDIAL","und",4,2.1800000000000002,{"$f":"F121*(1+($H$7))","v":2.5099999999999998},{"$f":"ROUND(E121*G121,2)","v":10.039999999999999}]
["3.2.4",38010,"TE CPVC, SOLDAVEL, 90 GRAUS, 22 MM, PARA AGUA QUENTE PREDIAL","und",5,3.13,{"$f":"F122*(1+($H$7))","v":3.6},{"$f":"ROUND(E122*G122,2)","v":18}]
["3.2.5",21124,"TUBO CPVC, SOLDAVEL, 22 MM, AGUA QUENTE PREDIAL (NBR 15884)","m",36,13.81,{"$f":"F123*(1+($H$7))","v":15.88},{"$f":"ROUND(E123*G123,2)","v":571.67999999999995}]
["3.3",null,"MEDIDOR DE VAZÃO",{"$nulls":4},{"$f":"SUM(H125:H125)","v":997.05}]
["3.3.2","9529/ORSE","CALHA PARSHALL - Modelo: LTS CP 1”;","und",1,867,{"$f":"F125*(1+($H$7))","v":997.05},{"$f":"ROUND(E125*G125,2)","v":997.05}]
["3.4",null,"INTERLIGAÇÃO COM ADUTORA EXISTENTE",{"$nulls":4},{"$f":"SUM(H127:H135)","v":11591.81}]
["3.4.1","05709/ORSE","Tê em fofo c/ bolsas, je, d= 200 x 200mm","und",1,907.02,{"$f":"F127*(1+($H$7))","v":1043.07},{"$f":"ROUND(E127*G127,2)","v":1043.07}]
["3.4.2",3844," Luva de correr defofo, pvc, je, dn 200 mm","und",1,144.63,166.32,166.32]
["3.4.3","03263/ORSE","Redução Ponta e Bolsa, Junta elástica, Classe de Pressão PN10, d=200x150MM","und",1,189.62,218.06,218.06]
["3.4.4","05617/ORSE","Redução, em fofo, ponta / bolsa, je, d= 150 x 100mm","und",1,384.18,441.81,441.81]
["3.4.5","05558/ORSE","Redução de pvc je, ponta / bolsa, d= 100 x 75mm","und",1,27.69,31.84,31.84]
["3.4.6","05555/ORSE","Redução de pvc je, ponta / bolsa, d= 75 x 50mm","und",1,15.72,18.079999999999998,18.079999999999998]
["3.4.7","05632/ORSE","Registro gaveta fofo, c/ bolsas p/ tubo de pvc, cunha borracha, volante, pn 10, tipo euro 24, d= 50mm","und",1,437.9,503.59,503.59]
["3.4.8","05929/ORSE","Válvula controladora de vazão, com flanges, dn 50mm","und",1,7854.67,9032.8700000000008,9032.8700000000008]
["3.4.9",11882,"Caixa para registro, tipo I, para diâmetros de 50 a 100mm","und",1,118.41,136.16999999999999,136.16999999999999]
["3.5",null,"INSTALAÇÕES ELÉTRICAS",{"$nulls":4},{"$f":"SUM(H137:H177)","v":34350.1}]
["3.5.1",39209,"ARRUELA EM ALUMINIO, COM ROSCA, DE 3/4\", PARA ELETRODUTO","und",86,0.77,{"$f":"F137*(1+($H$7))","v":0.89},{"$f":"ROUND(E137*G137,2)","v":76.540000000000006}]
["3.5.2",993,"CABO DE COBRE, FLEXIVEL, CLASSE 4 OU 5, ISOLACAO EM PVC/A, ANTICHAMA BWF-B, COBERTURA PVC-ST1, ANTICHAMA BWF-B, 1 CONDUTOR, 0,6/1 KV, SECAO NOMINAL 1,5 MM2 (FASE)","m",110,1.68,1.93,212.3]
["3.5.3",993,"CABO DE COBRE, FLEXIVEL, CLASSE 4 OU 5, ISOLACAO EM PVC/A, ANTICHAMA BWF-B, COBERTURA PVC-ST1, ANTICHAMA BWF-B, 1 CONDUTOR, 0,6/1 KV, SECAO NOMINAL 1,5 MM2 (NEUTRO)","m",190,1.68,1.93,366.7]
["3.5.4",993,"CABO DE COBRE, FLEXIVEL, CLASSE 4 OU 5, ISOLACAO EM PVC/A, ANTICHAMA BWF-B, COBERTURA PVC-ST1, ANTICHAMA BWF-B, 1 CONDUTOR, 0,6/1 KV, SECAO NOMINAL 1,5 MM2 (RETORNO)","m",200,1.68,1.93,386]
["3.5.5",995,"CABO DE COBRE, FLEXIVEL, CLASSE 4 OU 5, ISOLACAO EM PVC/A, ANTICHAMA BWF-B, COBERTURA PVC-ST1, ANTICHAMA BWF-B, 1 CONDUTOR, 0,6/1 KV, SECAO NOMINAL 16 MM2 - (FASE)","m",120,13.64,15.69,1882.8]
["3.5.6",995,"CABO DE COBRE, FLEXIVEL, CLASSE 4 OU 5, ISOLACAO EM PVC/A, ANTICHAMA BWF-B, COBERTURA PVC-ST1, ANTICHAMA BWF-B, 1 CONDUTOR, 0,6/1 KV, SECAO NOMINAL 16 MM2 - (NEUTRO)","m",120,13.64,15.69,1882.8]
["3.5.7",995,"CABO DE COBRE, FLEXIVEL, CLASSE 4 OU 5, ISOLACAO EM PVC/A, ANTICHAMA BWF-B, COBERTURA PVC-ST1, ANTICHAMA BWF-B, 1 CONDUTOR, 0,6/1 KV, SECAO NOMINAL 16 MM2 - (TERRA)","m",120,13.64,15.69,1882.8]
["3.5.8",1022,"CABO DE COBRE, FLEXIVEL, CLASSE 4 OU 5, ISOLACAO EM PVC/A, ANTICHAMA BWF-B, COBERTURA PVC-ST1, ANTICHAMA BWF-B, 1 CONDUTOR, 0,6/1 KV, SECAO NOMINAL 2,5 MM2 - (FASE)","m",420,2.34,2.69,1129.8]
["3.5.9",1022,"CABO DE COBRE, FLEXIVEL, CLASSE 4 OU 5, ISOLACAO EM PVC/A, ANTICHAMA BWF-B, COBERTURA PVC-ST1, ANTICHAMA BWF-B, 1 CONDUTOR, 0,6/1 KV, SECAO NOMINAL 2,5 MM2 - (FASE)","m",585,2.34,2.69,1573.65]
["3.5.10",1022,"CABO DE COBRE, FLEXIVEL, CLASSE 4 OU 5, ISOLACAO EM PVC/A, ANTICHAMA BWF-B, COBERTURA PVC-ST1, ANTICHAMA BWF-B, 1 CONDUTOR, 0,6/1 KV, SECAO NOMINAL 2,5 MM2 - (RETORNO)","m",400,2.34,2.69,1076]
["3.5.11",1022,"CABO DE COBRE, FLEXIVEL, CLASSE 4 OU 5, ISOLACAO EM PVC/A, ANTICHAMA BWF-B, COBERTURA PVC-ST1, ANTICHAMA BWF-B, 1 CONDUTOR, 0,6/1 KV, SECAO NOMINAL 2,5 MM2 - (TERRA)","m",300,2.34,2.69,807]
["3.5.12",994,"CABO DE COBRE, FLEXIVEL, CLASSE 4 OU 5, ISOLACAO EM PVC/A, ANTICHAMA BWF-B, COBERTURA PVC-ST1, ANTICHAMA BWF-B, 1 CONDUTOR, 0,6/1 KV, SECAO NOMINAL 6 MM2 - (FASE)","m",75,5.22,6,450]
["3.5.13",994,"CABO DE COBRE, FLEXIVEL, CLASSE 4 OU 5, ISOLACAO EM PVC/A, ANTICHAMA BWF-B, COBERTURA PVC-ST1, ANTICHAMA BWF-B, 1 CONDUTOR, 0,6/1 KV, SECAO NOMINAL 6 MM2 - (NEUTRO)","m",25,5.22,6,150]
["3.5.14",994,"CABO DE COBRE, FLEXIVEL, CLASSE 4 OU 5, ISOLACAO EM PVC/A, ANTICHAMA BWF-B, COBERTURA PVC-ST1, ANTICHAMA BWF-B, 1 CONDUTOR, 0,6/1 KV, SECAO NOMINAL 6 MM2 - (TERRA)","m",25,5.22,6,150]
["3.5.15",1872,"CAIXA DE PASSAGEM, EM PVC, DE 4\" X 2\", PARA ELETRODUTO FLEXIVEL CORRUGADO","unid",44,2.1,2.42,106.48]
["3.5.16",12001,"CAIXA OCTOGONAL DE FUNDO MOVEL, EM PVC, DE 4\" X 4\", PARA ELETRODUTO FLEXIVEL CORRUGADO","unid",60,5.42,6.23,373.8]
["3.5.17",39272,"CURVA 90 GRAUS, CURTA, DE PVC RIGIDO ROSCAVEL, DE 3/4\", PARA ELETRODUTO","unid",10,2.2799999999999998,2.62,26.2]
["3.5.18",2374,"DISJUNTOR TERMOMAGNETICO TRIPOLAR 150 A / 600 V, TIPO FXD / ICC - 35 KA","unid",1,364.74,419.45,419.45]
["3.5.19",2378,"DISJUNTOR TERMOMAGNETICO TRIPOLAR 300 A / 600 V, TIPO JXD / ICC - 40 KA","unid",1,1177.49,1354.11,1354.11]
["3.5.20",2370,"DISJUNTOR TIPO NEMA, MONOPOLAR 10 ATE 30A, TENSAO MAXIMA DE 240 V","unid",8,10.87,12.5,100]
["3.5.21",2386,"DISJUNTOR TIPO NEMA, MONOPOLAR 35 ATE 50 A, TENSAO MAXIMA DE 240 V","unid",1,18.23,20.96,20.96]
["3.5.22",39470,"DISPOSITIVO DPS CLASSE II, 1 POLO, TENSAO MAXIMA DE 275 V, CORRENTE MAXIMA DE *30* KA (TIPO AC)","unid",2,80.400000000000006,92.46,184.92]
["3.5.23",39445,"DISPOSITIVO DR, 2 POLOS, SENSIBILIDADE DE 30 MA, CORRENTE DE 25 A, TIPO AC","unid",1,129.22999999999999,148.61000000000001,148.61000000000001]
["3.5.24",2680,"ELETRODUTO DE PVC RIGIDO ROSCAVEL DE 1 1/2 \", SEM LUVA","m",220,10.42,11.98,2635.6]
["3.5.25",2674,"ELETRODUTO DE PVC RIGIDO ROSCAVEL DE 3/4 \", SEM LUVA","m",250,4.55,5.23,1307.5]
["3.5.26",40400,"ELETRODUTO FLEXIVEL PLANO EM PEAD, COR PRETA E LARANJA, DIAMETRO 25 MM","m",300,2.0499999999999998,2.36,708]
["3.5.27",38063,"INTERRUPTOR PARALELO 10A, 250V, CONJUNTO MONTADO PARA EMBUTIR 4\" X 2\" (PLACA + SUPORTE + MODULO)","unid",2,8.0399999999999991,9.25,18.5]
["3.5.28",38079,"INTERRUPTORES SIMPLES (2 MODULOS) + TOMADA 2P+T 10A, 250V, CONJUNTO MONTADO PARA EMBUTIR 4\" X 2\" (PLACA + SUPORTE + MODULOS)","unid",3,18.29,21.03,63.09]
["3.5.29",38071,"INTERRUPTORES SIMPLES (3 MODULOS) 10A, 250V, CONJUNTO MONTADO PARA EMBUTIR 4\" X 2\" (PLACA + SUPORTE + MODULOS)","unid",7,14.51,16.690000000000001,116.83]
["3.5.30",12118,"KIT DE PROTECAO ARSTOP PARA AR CONDICIONADO, TOMADA PADRAO 2P+T 20 A, COM DISJUNTOR UNIPOLAR DIN 20A","unid",2,18.95,21.79,43.58]
["3.5.31",38194,"LAMPADA LED 10 W BIVOLT BRANCA, FORMATO TRADICIONAL (BASE E27)","unid",22,6.9,7.94,174.68]
["3.5.32",39387,"LAMPADA LED TUBULAR BIVOLT 18/20 W, BASE G13 - (25 w)","unid",20,13.23,15.21,304.2]
["3.5.33",39386,"LÂMAPDA TUBULAR LED T18, 16W, BIVOLT","unid",24,23.99,27.59,662.16]
["3.5.34","12689/ORSE","LÂMPADA TUBOLAR LED T8 18W COM 120 CM","unid",14,23.99,27.59,386.26]
["3.5.35",39390,"LUMINARIA LED REFLETOR RETANGULAR BIVOLT, LUZ BRANCA, 30 W","unid",15,36.06,41.47,622.04999999999995]
["3.5.36",38770,"LUMINARIA PLAFON REDONDO COM VIDRO FOSCO DIAMETRO *30* CM, PARA 2 LAMPADAS, BASE E27, POTENCIA MAXIMA 40/60 W (NAO INCLUI LAMPADAS)","unid",22,75.44,86.76,1908.72]
["3.5.37","14104/ORSE","LUMINÁRIA EMBUTIR, COM DUAS LÂMPADAS LED DE 20w (120CM)","unid",34,232.58,267.47000000000003,9093.98]
["3.5.38",1891,"LUVA EM PVC RIGIDO ROSCAVEL, DE 3/4\", PARA ELETRODUTO","unid",20,4.54,5.22,104.4]
["3.5.39",39756,"QUADRO DE DISTRIBUICAO COM BARRAMENTO TRIFASICO, DE SOBREPOR, EM CHAPA DE ACO GALVANIZADO, PARA 12 DISJUNTORES DIN, 100 A","unid",2,351.02,403.67,807.34]
["3.5.40",39396,"SENSOR DE PRESENCA BIVOLT COM FOTOCELULA PARA QUALQUER TIPO DE LAMPADA, POTENCIA MAXIMA *1000* W, USO EXTERNO","unid",2,73.11,84.08,168.16]
["3.5.41",38076,"TOMADAS (2 MODULOS) 2P+T 10A, 250V, CONJUNTO MONTADO PARA EMBUTIR 4\" X 2\" (PLACA + SUPORTE + MODULOS)","unid",27,14.95,17.190000000000001,464.13]
["4.0",null,"MATERIAIS - ABATEDOURO",{"$nulls":4},{"$f":"H179","v":29360.080000000002}]
["4.1",null,"INSTALAÇÕES ELÉTRICAS - ABATEDOURO",{"$nulls":4},{"$f":"SUM(H180:H227)","v":29360.080000000002}]
["4.1.1",39211,"ARRUELA EM ALUMINIO, COM ROSCA, DE 1 1/4\", PARA ELETRODUTO","und",2,2.14,{"$f":"F180*(1+($H$7))","v":2.46},{"$f":"ROUND(E180*G180,2)","v":4.92}]
["4.1.2",39210,"ARRUELA EM ALUMINIO, COM ROSCA, DE 1\", PARA ELETRODUTO","und",8,1.2,1.38,11.04]
["4.1.3",39209,"ARRUELA EM ALUMINIO, COM ROSCA, DE 3/4\", PARA ELETRODUTO","und",288,0.77,0.89,256.32]
["4.1.4",993,"CABO DE COBRE, FLEXIVEL, CLASSE 4 OU 5, ISOLACAO EM PVC/A, ANTICHAMA BWF-B, COBERTURA PVC-ST1, ANTICHAMA BWF-B, 1 CONDUTOR, 0,6/1 KV, SECAO NOMINAL 1,5 MM2 (FASE)","m",250,1.68,1.93,482.5]
["4.1.5",993,"CABO DE COBRE, FLEXIVEL, CLASSE 4 OU 5, ISOLACAO EM PVC/A, ANTICHAMA BWF-B, COBERTURA PVC-ST1, ANTICHAMA BWF-B, 1 CONDUTOR, 0,6/1 KV, SECAO NOMINAL 1,5 MM2 (NEUTRO)","m",300,1.68,1.93,579]
["4.1.6",993,"CABO DE COBRE, FLEXIVEL, CLASSE 4 OU 5, ISOLACAO EM PVC/A, ANTICHAMA BWF-B, COBERTURA PVC-ST1, ANTICHAMA BWF-B, 1 CONDUTOR, 0,6/1 KV, SECAO NOMINAL 1,5 MM2 (RETORNO)","m",311,1.68,1.93,600.23]
["4.1.7",1020,"CABO DE COBRE, FLEXIVEL, CLASSE 4 OU 5, ISOLACAO EM PVC/A, ANTICHAMA BWF-B, COBERTURA PVC-ST1, ANTICHAMA BWF-B, 1 CONDUTOR, 0,6/1 KV, SECAO NOMINAL 10 MM2 - (FASE)","m",120,8.56,9.84,1180.8]
["4.1.8",1020,"CABO DE COBRE, FLEXIVEL, CLASSE 4 OU 5, ISOLACAO EM PVC/A, ANTICHAMA BWF-B, COBERTURA PVC-ST1, ANTICHAMA BWF-B, 1 CONDUTOR, 0,6/1 KV, SECAO NOMINAL 10 MM2 - (NEUTRO)","m",40,8.56,9.84,393.6]
["4.1.9",1020,"CABO DE COBRE, FLEXIVEL, CLASSE 4 OU 5, ISOLACAO EM PVC/A, ANTICHAMA BWF-B, COBERTURA PVC-ST1, ANTICHAMA BWF-B, 1 CONDUTOR, 0,6/1 KV, SECAO NOMINAL 10 MM2 - (TERRA)","m",40,8.56,9.84,393.6]
["4.1.10",995,"CABO DE COBRE, FLEXIVEL, CLASSE 4 OU 5, ISOLACAO EM PVC/A, ANTICHAMA BWF-B, COBERTURA PVC-ST1, ANTICHAMA BWF-B, 1 CONDUTOR, 0,6/1 KV, SECAO NOMINAL 16 MM2 - (TERRA)","m",15,13.64,15.69,235.35]
["4.1.11",1022,"CABO DE COBRE, FLEXIVEL, CLASSE 4 OU 5, ISOLACAO EM PVC/A, ANTICHAMA BWF-B, COBERTURA PVC-ST1, ANTICHAMA BWF-B, 1 CONDUTOR, 0,6/1 KV, SECAO NOMINAL 2,5 MM2 - FASE","m",650,2.34,2.69,1748.5]
["4.1.12",1022,"CABO DE COBRE, FLEXIVEL, CLASSE 4 OU 5, ISOLACAO EM PVC/A, ANTICHAMA BWF-B, COBERTURA PVC-ST1, ANTICHAMA BWF-B, 1 CONDUTOR, 0,6/1 KV, SECAO NOMINAL 2,5 MM2 - NEUTRO","m",475,2.34,2.69,1277.75]
["4.1.13",1022,"CABO DE COBRE, FLEXIVEL, CLASSE 4 OU 5, ISOLACAO EM PVC/A, ANTICHAMA BWF-B, COBERTURA PVC-ST1, ANTICHAMA BWF-B, 1 CONDUTOR, 0,6/1 KV, SECAO NOMINAL 2,5 MM2 - TERRA","m",340,2.34,2.69,914.6]
["4.1.14",996,"CABO DE COBRE, FLEXIVEL, CLASSE 4 OU 5, ISOLACAO EM PVC/A, ANTICHAMA BWF-B, COBERTURA PVC-ST1, ANTICHAMA BWF-B, 1 CONDUTOR, 0,6/1 KV, SECAO NOMINAL 25 MM2 - (FASE)","m",40,21.15,24.32,972.8]
["4.1.15",996,"CABO DE COBRE, FLEXIVEL, CLASSE 4 OU 5, ISOLACAO EM PVC/A, ANTICHAMA BWF-B, COBERTURA PVC-ST1, ANTICHAMA BWF-B, 1 CONDUTOR, 0,6/1 KV, SECAO NOMINAL 25 MM2 - (NEUTRO)","m",15,21.15,24.32,364.8]
["4.1.16",1021,"CABO DE COBRE, FLEXIVEL, CLASSE 4 OU 5, ISOLACAO EM PVC/A, ANTICHAMA BWF-B,COBERTURA PVC-ST1, ANTICHAMA BWF-B, 1 CONDUTOR, 0,6/1 KV, SECAO NOMINAL 4 MM2 - FASE","m",150,3.59,4.13,619.5]
["4.1.17",1021,"CABO DE COBRE, FLEXIVEL, CLASSE 4 OU 5, ISOLACAO EM PVC/A, ANTICHAMA BWF-B,COBERTURA PVC-ST1, ANTICHAMA BWF-B, 1 CONDUTOR, 0,6/1 KV, SECAO NOMINAL 4 MM2 - NEUTRO","m",50,3.59,4.13,206.5]
["4.1.18",1021,"CABO DE COBRE, FLEXIVEL, CLASSE 4 OU 5, ISOLACAO EM PVC/A, ANTICHAMA BWF-B,COBERTURA PVC-ST1, ANTICHAMA BWF-B, 1 CONDUTOR, 0,6/1 KV, SECAO NOMINAL 4 MM2 - TERRA","m",30,3.59,4.13,123.9]
["4.1.19",11901,"CABO TELEFONICO CCI 50, 1 PAR, USO INTERNO, SEM BLINDAGEM","m",180,1.72,1.98,356.4]
["4.1.20",2556,"CAIXA DE LUZ \"4 X 2\" EM ACO ESMALTADA","unid",66,1.49,1.71,112.86]
["4.1.21",1872,"CAIXA DE PASSAGEM, EM PVC, DE 4\" X 2\", PARA ELETRODUTO FLEXIVEL CORRUGADO","unid",7,2.1,2.42,16.940000000000001]
["4.1.22",12001,"CAIXA OCTOGONAL DE FUNDO MOVEL, EM PVC, DE 4\" X 4\", PARA ELETRODUTO FLEXIVEL CORRUGADO","unid",51,5.42,6.23,317.73]
["4.1.23",39273,"CURVA 90 GRAUS, CURTA, DE PVC RIGIDO ROSCAVEL, DE 1\", PARA ELETRODUTO","unid",2,3.15,3.62,7.24]
["4.1.24",39272,"CURVA 90 GRAUS, CURTA, DE PVC RIGIDO ROSCAVEL, DE 3/4\", PARA ELETRODUTO","unid",56,2.2799999999999998,2.62,146.72]
["4.1.25",1874,"CURVA 90 GRAUS, LONGA, DE PVC RIGIDO ROSCAVEL, DE 1 1/4\", PARA ELETRODUTO","unid",1,4.1500000000000004,4.7699999999999996,4.7699999999999996]
["4.1.26",2370,"DISJUNTOR TIPO NEMA, MONOPOLAR 10 ATE 30A, TENSAO MAXIMA DE 240 V","unid",11,10.87,12.5,137.5]
["4.1.27",2392,"DISJUNTOR TIPO NEMA, TRIPOLAR 10 ATE 50A, TENSAO MAXIMA DE 415 V","unid",8,72.97,83.92,671.36]
["4.1.28",2373,"DISJUNTOR TIPO NEMA, TRIPOLAR 60 ATE 100 A, TENSAO MAXIMA DE 415 V","unid",1,102.8,118.22,118.22]
["4.1.29",39474,"DISPOSITIVO DPS CLASSE II, 1 POLO, TENSAO MAXIMA DE 385 V, CORRENTE MAXIMA DE *30* KA (TIPO AC)","unid",2,115.81,133.18,266.36]
["4.1.30",40400,"ELETRODUTO FLEXIVEL PLANO EM PEAD, COR PRETA E LARANJA, DIAMETRO 25 MM","m",500,2.0499999999999998,2.36,1180]
["4.1.31",40401,"ELETRODUTO FLEXIVEL PLANO EM PEAD, COR PRETA E LARANJA, DIAMETRO 32 MM","m",20,3.02,3.47,69.400000000000006]
["4.1.32",40402,"ELETRODUTO FLEXIVEL PLANO EM PEAD, COR PRETA E LARANJA, DIAMETRO 40 MM","m",9,3.87,4.45,40.049999999999997]
["4.1.33",38062,"INTERRUPTOR SIMPLES 10A, 250V, CONJUNTO MONTADO PARA EMBUTIR 4\" X 2\" (PLACA + SUPORTE + MODULO)","unid",18,5.91,6.8,122.4]
["4.1.34",38070,"INTERRUPTORES PARALELOS (2 MODULOS) 10A, 250V, CONJUNTO MONTADO PARA EMBUTIR UN 18,93\n4\" X 2\" (PLACA + SUPORTE + MODULOS)","unid",2,14.01,16.11,32.22]
["4.1.35",38194,"LAMPADA LED 10 W BIVOLT BRANCA, FORMATO TRADICIONAL (BASE E27)","unid",46,6.9,7.94,365.24]
["4.1.36","12689/ORSE","LÂMPADA TUBOLAR LED T8 18W COM 120 CM","unid",1,23.99,27.59,27.59]
["4.1.37",39390,"LUMINARIA LED REFLETOR RETANGULAR BIVOLT, LUZ BRANCA, 30 W","unid",11,36.06,41.47,456.17]
["4.1.38",38770,"LUMINARIA PLAFON REDONDO COM VIDRO FOSCO DIAMETRO *30* CM, PARA 2 LAMPADAS, BASE E27, POTENCIA MAXIMA 40/60 W (NAO INCLUI LAMPADAS)","unid",23,75.44,86.76,1995.48]
["4.1.39","14104/ORSE","LUMINÁRIA EMBUTIR, COM DUAS LÂMPADAS LED DE 20w (120CM)","unid",28,232.58,267.47000000000003,7489.16]
["4.1.40",1902,"LUVA EM PVC RIGIDO ROSCAVEL, DE 1 1/4\", PARA ELETRODUTO","unid",2,2.2799999999999998,2.62,5.24]
["4.1.41",1892,"LUVA EM PVC RIGIDO ROSCAVEL, DE 1\", PARA ELETRODUTO","unid",4,1.47,1.69,6.76]
["4.1.42",1891,"LUVA EM PVC RIGIDO ROSCAVEL, DE 3/4\", PARA ELETRODUTO","unid",112,1.05,1.21,135.52000000000001]
["4.1.43",12043,"QUADRO DE DISTRIBUICAO COM BARRAMENTO TRIFASICO, DE EMBUTIR, EM CHAPA DE ACO GALVANIZADO, PARA 30 DISJUNTORES DIN, 225 A","unid",1,1205.8800000000001,1386.76,1386.76]
["4.1.44",39763,"QUADRO DE DISTRIBUICAO COM BARRAMENTO TRIFASICO, DE EMBUTIR, EM CHAPA DE ACO GALVANIZADO, PARA 48 DISJUNTORES DIN, 100 A","unid",1,980.85,1127.98,1127.98]
["4.1.45",39396,"SENSOR DE PRESENCA BIVOLT COM FOTOCELULA PARA QUALQUER TIPO DE LAMPADA, POTENCIA MAXIMA *1000* W, USO EXTERNO","unid",3,73.11,84.08,252.24]
["4.1.46",7525,"TOMADA INDUSTRIAL DE EMBUTIR 3P+T 30 A, 440 V, COM TRAVA, COM PLACA","unid",7,37.909999999999997,43.6,305.2]
["4.1.47",38076,"TOMADAS (2 MODULOS) 2P+T 10A, 250V, CONJUNTO MONTADO PARA EMBUTIR 4\" X 2\" (PLACA + SUPORTE + MODULOS)","unid",45,30.92,35.56,1600.2]
["4.1.48",38076,"TOMADAS (2 MODULOS) 2P+T 10A, 250V, CONJUNTO MONTADO PARA EMBUTIR EM PISO 4\" X 2\" (PLACA + SUPORTE + MODULOS)","unid",14,14.95,17.190000000000001,240.66]
["5.0",null,"MATERIAIS - ABATEDOURO ",{"$nulls":4},{"$f":"H229","v":18732.93}]
["5.1",null,"TELA DE PROTEÇÃO",{"$nulls":4},{"$f":"SUM(H230:H232)","v":18732.93}]
["5.1.1",37525,"TELA PLASTICA TECIDA LISTRADA BRANCA E LARANJA, TIPO GUARDA CORPO, EM POLIETILENO MONOFILADO, ROLO 1,20 X 50 M (L X C) - (proteção em tela nas portas e janelas)","m",171.78,2.57,{"$f":"F230*(1+($H$7))","v":2.96},{"$f":"ROUND(E230*G230,2)","v":508.47}]
["5.1.2",586,"CANTONEIRA ALUMINIO ABAS IGUAIS 1 \", E = 3 /16 \" - (proteção em tela nas portas e janelas)","m",395.95,29.49,{"$f":"F231*(1+($H$7))","v":33.909999999999997},{"$f":"ROUND(E231*G231,2)","v":13426.66}]
["5.2.4","COTAÇÃO","TRILHO P/ INSPEÇÃO DE CABEÇAS - 5,0 Metros lineares de trilhamento 1/2”x 2/1/2” - 5,0 Metros de viga “I” laminada de 4”.","unid",1,4172,{"$f":"F232*(1+($H$7))","v":4797.8},{"$f":"ROUND(E232*G232,2)","v":4797.8}]
["6.0",null,"MATERIAIS - ALIMENTADORES",{"$nulls":4},{"$f":"H234","v":7549.06}]
["6.1",null,"ELÉTRICO / ALIMENTADORES",{"$nulls":4},{"$f":"SUM(H235:H252)","v":7549.06}]
["6.1.1",39213,"ARRUELA EM ALUMINIO, COM ROSCA, DE 2\", PARA ELETRODUTO","und",2,3.13,{"$f":"F235*(1+($H$7))","v":3.6},{"$f":"ROUND(E235*G235,2)","v":7.2}]
["6.1.2",39211,"ARRUELA EM ALUMINIO, COM ROSCA, DE 1 1/4\", PARA ELETRODUTO","und",4,2.14,2.46,9.84]
["6.1.3",39210,"ARRUELA EM ALUMINIO, COM ROSCA, DE 1\", PARA ELETRODUTO","und",24,1.2,1.38,33.119999999999997]
["6.1.4",39234,"CABO DE COBRE, FLEXIVEL, CLASSE 4 OU 5, ISOLACAO EM PVC/A, ANTICHAMA BWF-B, 1 CONDUTOR, 450/750 V, SECAO NOMINAL 50 MM2","m",40,40.78,46.9,1876]
["6.1.5",980,"CABO DE COBRE, FLEXIVEL, CLASSE 4 OU 5, ISOLACAO EM PVC/A, ANTICHAMA BWF-B, 1 CONDUTOR, 450/750 V, SECAO NOMINAL 10 MM2","m",10,8.98,10.33,103.3]
["6.1.6",20253,"CAIXA DE PASSAGEM METALICA DE SOBREPOR COM TAMPA PARAFUSADA, DIMENSOES 35 X 35 X 12 CM","und",4,69.83,80.3,321.2]
["6.1.7",39273,"CURVA 90 GRAUS, CURTA, DE PVC RIGIDO ROSCAVEL, DE 1\", PARA ELETRODUTO","und",8,3.15,3.62,28.96]
["6.1.8",1876,"CURVA 90 GRAUS, LONGA, DE PVC RIGIDO ROSCAVEL, DE 2\", PARA ELETRODUTO","und",2,8.18,9.41,18.82]
["6.1.9",2391,"DISJUNTOR TERMOMAGNETICO TRIPOLAR 125A","und",1,321.51,369.74,369.74]
["6.1.10",39474,"DISPOSITIVO DPS CLASSE II, 1 POLO, TENSAO MAXIMA DE 385 V, CORRENTE MAXIMA DE *30* KA (TIPO AC)","und",1,115.61,132.94999999999999,132.94999999999999]
["6.1.11",2690,"ELETRODUTO PVC FLEXIVEL CORRUGADO, COR AMARELA, DE 32 MM","m",25.35,4.0999999999999996,4.72,119.65]
["6.1.12",39247,"ELETRODUTODUTO PEAD FLEXIVEL PAREDE SIMPLES, CORRUGACAO HELICOIDAL, COR PRETA, SEM ROSCA, DE 1 1/4\", PARA CABEAMENTO SUBTERRANEO (NBR 15715)","m",4.6399999999999997,4.57,5.26,24.41]
["6.1.13",2685,"ELETRODUTO DE PVC RIGIDO ROSCAVEL DE 1 \", SEM LUVA","m",115.81,7.12,8.19,948.48]
["6.1.14",2684,"ELETRODUTO DE PVC RIGIDO ROSCAVEL DE 1 1/4 \", SEM LUVA","m",3.62,9.48,10.9,39.46]
["6.1.15",2681,"ELETRODUTO DE PVC RIGIDO ROSCAVEL DE 2 \", SEM LUVA","m",3.54,17.03,19.579999999999998,69.31]
["6.1.16",1892,"LUVA EM PVC RIGIDO ROSCAVEL, DE 1\", PARA ELETRODUTO","unid",16,1.47,1.69,27.04]
["6.1.17",1894,"LUVA EM PVC RIGIDO ROSCAVEL, DE 2\", PARA ELETRODUTO","unid",4,4.54,5.22,20.88]
["6.1.18",39758,"QUADRO DE DISTRIBUICAO COM BARRAMENTO TRIFASICO, DE SOBREPOR, EM CHAPA DE ACO GALVANIZADO, PARA 30 DISJUNTORES DIN, 100 A","unid",5,591.08000000000004,679.74,3398.7]
["7.0",null,"LAGOA DE TRATAMENTO DO ESGOTO - ETE",{"$nulls":4},{"$f":"H254+H256","v":131571.35999999999}]
["7.1",null,"INFRAESTRUTURA - ATERRO ",{"$nulls":4},{"$f":"SUM(H255)","v":125970}]
["7.1.1",44509,"MANTA TERMOPLASTICA, PEAD, GEOMEMBRANA LISA, E = 2,00 MM (NBR 15352)","m²",1950,56.17,{"$f":"F255*(1+($H$7))","v":64.599999999999994},{"$f":"ROUND(E255*G255,2)","v":125970}]
["7.2",null,"MATERIAIS HIDRÁULICOS",{"$nulls":4},{"$f":"SUM(H257:H258)","v":5601.36}]
["7.2.1","05638/ORSE"," Registro gaveta fofo, c/ bolsas p/ tubo ferro dúctil, cunha borracha, cabeçote, pn 16, tipo euro 25, d= 200mm","unid",2,1994.98,{"$f":"F257*(1+($H$7))","v":2294.23},{"$f":"ROUND(E257*G257,2)","v":4588.46}]
["7.2.2","05624/ORSE","Redução, em fofo, ponta / bolsa, je, d= 300 x 200mm","unid",1,880.78,{"$f":"F258*(1+($H$7))","v":1012.9},{"$f":"ROUND(E258*G258,2)","v":1012.9}]
[]
[]
[]
["TOTAL DE MATERIAL COM BDI (15,00 %)",{"$nulls":4},{"$f":"H253+H228+H233+H17+H13+H10+H178","v":342714.6}]
[]
["TOTAL GERAL COM BDI ",{"$nulls":4},{"$f":"F262","v":342714.6}]
[]
[]
[null,null,"José Melo Ribeiro Alcântara"]
[null,null,"Engenheiro Civil"]

{"sheet":"BDI-SERV","index":2,"n_rows":37,"n_cols":4,"rows_kept":37,"cut":false,"hidden":false,"merged":[[3,0,3,3],[4,0,4,3],[35,1,35,2],[36,1,36,2]]}
[]
[]
[]
["DETALHAMENTO DO BDI - SERVIÇOS"]
["NÃO DESONERADO"]
["Item","Descrição dos serviços","Preço de Venda (%)","Custo Direto (%)"]
[]
[1,"Administração Central (A)",null,3.2399999999999998E-2]
[]
[2,"Impostos e Taxas (I)",{"$f":"SUM(C11:C14)","v":0.1115}]
["2.1","ISS",0.03]
["2.2","PIS",6.4999999999999997E-3]
["2.3","Cofins",0.03]
["2.4","CPRB",4.4999999999999998E-2]
[]
["3","Risco, seguro e garantia (R) ",null,{"$f":"SUM(D17:D18)","v":1.4999999999999999E-2}]
["3.1","Risco",null,0.01]
["3.2","Seguro + Garantia",null,5.0000000000000001E-3]
[]
[4,"Despesas Financeiras (DF)",null,9.9000000000000008E-3]
[]
[5,"Lucro (L)",null,0.05]
[]
[null,"BDI* (%)",null,{"$f":"((((1+D8+D16)*(1+D20)*(1+D22))/(1-C10)))-1","v":0.25}]
[]
[]
[]
[null,"BDI (%) - ADOTADO",null,{"$f":"D24","v":0.25}]
[]
["AC = ","taxa de rateio da Administração Central",null,{"$f":"D8","v":3.2399999999999998E-2}]
["I =","taxa de tributos",null,{"$f":"C10","v":0.1115}]
["R = ","taxa de risco, seguro e garantia",null,{"$f":"D16","v":1.4999999999999999E-2}]
["DF = ","taxa das despesas financeiras",null,{"$f":"D20","v":9.9000000000000008E-3}]
["L = ","taxa de lucro",null,{"$f":"D22","v":0.05}]
[]
[null,"José Melo Ribeiro de Alcântara "]
[null,"Engenheiro Civil"]

{"sheet":"BDI-MAT","index":3,"n_rows":38,"n_cols":4,"rows_kept":38,"cut":false,"hidden":false,"merged":[[3,0,3,3],[4,0,4,3],[36,1,36,2],[37,1,37,2]]}
[]
[]
[]
["DETALHAMENTO DO BDI - SERVIÇOS"]
["NÃO DESONERADO"]
["Item","Descrição dos serviços","Preço de Venda (%)","Custo Direto (%)"]
[]
[1,"Administração Central (A)",null,0.03]
[]
[2,"Impostos e Taxas (I)",{"$f":"SUM(C11:C14)","v":3.6499999999999998E-2}]
["2.1","ISS",0]
["2.2","PIS",6.4999999999999997E-3]
["2.3","Cofins",0.03]
["2.4","CPRB",0]
[]
["3","Risco, seguro e garantia (R) ",null,{"$f":"SUM(D17:D18)","v":1.4999999999999999E-2}]
["3.1","Risco",null,0.01]
["3.2","Seguro + Garantia",null,5.0000000000000001E-3]
[]
[4,"Despesas Financeiras (DF)",null,9.9000000000000008E-3]
[]
[5,"Lucro (L)",null,0.05]
[]
[null,"BDI* (%)",null,{"$f":"((((1+D8+D16)*(1+D20)*(1+D22))/(1-C10)))-1","v":0.15010000000000001}]
[]
[]
[]
[null,"BDI (%) - ADOTADO",null,0.15]
[]
["AC = ","taxa de rateio da Administração Central",null,{"$f":"D8","v":0.03}]
["I =","taxa de tributos",null,{"$f":"C10","v":3.6499999999999998E-2}]
["R = ","taxa de risco, seguro e garantia",null,{"$f":"D16","v":1.4999999999999999E-2}]
["DF = ","taxa das despesas financeiras",null,{"$f":"D20","v":9.9000000000000008E-3}]
["L = ","taxa de lucro",null,{"$f":"D22","v":0.05}]
[]
[]
[null,"José Ribeiro Alcântara"]
[null,"Engenheiro Civil"]

{"sheet":"ENCARGOS","index":4,"n_rows":49,"n_cols":9,"rows_kept":49,"cut":false,"hidden":false,"merged":[[48,3,48,5],[47,3,47,5],[45,0,45,4],[38,0,38,4],[39,0,39,8],[40,1,40,4],[41,1,41,4],[42,1,42,4],[43,0,43,4],[3,0,4,8],[5,0,6,4],[5,5,5,6],[5,7,5,8],[37,1,37,4],[7,1,7,4],[17,0,17,4],[18,0,18,7],[19,1,19,4],[30,0,30,4],[31,1,31,8],[32,1,32,4],[33,1,33,4],[34,1,34,4],[35,1,35,4],[36,1,36,4]]}
[]
[]
[]
["DETALHAMENTO DOS ENCARGOS SOCIAIS"]
[]
["DISCRIMINAÇÃO",{"$nulls":4},"SEM DESONERAÇÃO",null,"COM DESONERAÇÃO"]
[{"$nulls":5},"HORISTA","MESALISTA","HORISTA","MESALISTA"]
["A","GRUPO A"]
["A1","INSS",null,null,null,0.2,0.2,"0,00%","0,00%"]
["A2","Sesi",null,null,null,1.4999999999999999E-2,1.4999999999999999E-2,1.4999999999999999E-2,1.4999999999999999E-2]
["A3","Senai",null,null,null,0.01,0.01,0.01,0.01]
["A4","Incra",null,null,null,2E-3,2E-3,2E-3,2E-3]
["A5","Sebrae",null,null,null,6.0000000000000001E-3,6.0000000000000001E-3,6.0000000000000001E-3,6.0000000000000001E-3]
["A6","Salário Educação ",null,null,null,2.5000000000000001E-2,2.5000000000000001E-2,2.5000000000000001E-2,2.5000000000000001E-2]
["A7","Seguro Contra Acidente de Trabalho",null,null,null,0.03,0.03,0.03,0.03]
["A8","FGTS",null,null,null,0.08,0.08,0.08,0.08]
["A9","Seconci",null,null,null,"0,00%","0,00%","0,00%","0,00%"]
["SUBTOTAL DE \"A\"",{"$nulls":4},{"$f":"SUM(F9:F17)","v":0.36799999999999999},{"$f":"SUM(G9:G17)","v":0.36799999999999999},{"$f":"ROUND(SUM(H9:H17),4)","v":0.16800000000000001},{"$f":"SUM(I9:I17)","v":0.16800000000000001}]
[]
["B","GRUPO B"]
["B1","Repouso Semanal Remunerado",null,null,null,0.18090000000000001,"NÃO INCIDE",0.18090000000000001,"NÃO INCIDE"]
["B2","Feriados",null,null,null,4.3400000000000001E-2,"NÃO INCIDE",4.3400000000000001E-2,"NÃO INCIDE"]
["B3","Auxílio - Enfermidade",null,null,null,9.1999999999999998E-3,6.8999999999999999E-3,9.1999999999999998E-3,6.8999999999999999E-3]
["B4","13º Salário",null,null,null,0.11020000000000001,8.3299999999999999E-2,0.11020000000000001,8.3299999999999999E-2]
["B5","Licença Paternidade",null,null,null,8.0000000000000004E-4,5.9999999999999995E-4,8.0000000000000004E-4,5.9999999999999995E-4]
["B6","Faltas Justificadas",null,null,null,7.3000000000000001E-3,5.5999999999999999E-3,7.3000000000000001E-3,5.5999999999999999E-3]
["B7","Dias de Chuvas",null,null,null,2.29E-2,"NÃO INCIDE",2.29E-2,"NÃO INCIDE"]
["B8","Auxílio Acidente de Trabalho",null,null,null,1.1999999999999999E-3,8.9999999999999998E-4,1.1999999999999999E-3,8.9999999999999998E-4]
["B9","Férias Gozadas",null,null,null,0.1,7.5700000000000003E-2,0.1,7.5700000000000003E-2]
["B10","Salário Maternidade",null,null,null,2.9999999999999997E-4,2.0000000000000001E-4,2.9999999999999997E-4,2.0000000000000001E-4]
["SUBTOTAL DE  \"B\"",{"$nulls":4},{"$f":"ROUND(SUM(F21:F30),4)","v":0.47620000000000001},{"$f":"SUM(G22:G30)","v":0.17319999999999999},{"$f":"ROUND(SUM(H21:H30),4)","v":0.47620000000000001},{"$f":"SUM(I22:I30)","v":0.17319999999999999}]
[]
["C","GRUPO C"]
["C1","Aviso Prévio Indenizado",null,null,null,6.5299999999999997E-2,4.9399999999999999E-2,6.5299999999999997E-2,4.9399999999999999E-2]
["C2","Aviso Prévio Trabalhado",null,null,null,1.5E-3,1.1999999999999999E-3,1.5E-3,1.1999999999999999E-3]
["C3","Férias Indenizadas",null,null,null,4.3999999999999997E-2,3.3300000000000003E-2,4.3999999999999997E-2,3.3300000000000003E-2]
["C4","Depósito Recisão Sem Justa Causa",null,null,null,5.2299999999999999E-2,3.9600000000000003E-2,5.2299999999999999E-2,3.9600000000000003E-2]
["C5","Indenização Adicional",null,null,null,5.4999999999999997E-3,4.1999999999999997E-3,5.4999999999999997E-3,4.1999999999999997E-3]
["SUBTOTAL DE \"C\"",{"$nulls":4},{"$f":"ROUND(SUM(F34:F38),4)","v":0.1686},{"$f":"SUM(G34:G38)","v":0.12770000000000001},{"$f":"ROUND(SUM(H34:H38),4)","v":0.1686},{"$f":"SUM(I34:I38)","v":0.12770000000000001}]
[]
["D","GRUPO D"]
["D1","Reincidência de Grupo A sobre Grupo B",null,null,null,0.17519999999999999,6.3700000000000007E-2,0.08,2.9100000000000001E-2]
["D2","Reincidência de Grupo A sobre Aviso Prévio Trabalhado e Reincidência do FGTS sobre Aviso Prévio Indenizado",null,null,null,5.7999999999999996E-3,4.4000000000000003E-3,5.4999999999999997E-3,4.1999999999999997E-3]
["SUBTOTAL DE \"D\"",{"$nulls":4},{"$f":"ROUND(SUM(F42:F43),4)","v":0.18099999999999999},{"$f":"SUM(G42:G43)","v":6.8099999999999994E-2},{"$f":"ROUND(SUM(H42:H43),4)","v":8.5500000000000007E-2},{"$f":"SUM(I42:I43)","v":3.3300000000000003E-2}]
[]
["TOTAIS DE ENCARGOS SOCIAIS",{"$nulls":4},{"$f":"F18+F31+F39+F44","v":1.1938},{"$f":"G18+G31+G39+G44","v":0.73699999999999999},{"$f":"H18+H31+H39+H44","v":0.89829999999999999},{"$f":"I18+I31+I39+I44","v":0.50219999999999998}]
[]
[null,null,null,"José Melo Ribeiro Alcântara"]
[null,null,null,"Engeheiro Civil"]

{"sheet":"CPU","index":5,"n_rows":170,"n_cols":9,"rows_kept":170,"cut":false,"hidden":false,"merged":[[0,0,4,8],[5,0,5,8],[6,0,6,2],[7,0,7,2],[6,3,6,8],[7,3,7,8],[164,0,164,6],[165,0,165,7],[153,0,153,2],[153,3,153,8],[154,1,154,6],[154,7,154,8],[132,1,132,6],[137,0,137,6],[138,0,138,7],[149,0,149,6],[150,0,150,7],[141,0,141,2],[141,3,141,8],[142,1,142,6],[142,7,142,8],[125,0,125,6],[126,0,126,7],[130,0,130,2],[130,3,130,8],[131,1,131,6],[131,7,131,8],[115,0,115,2],[115,3,115,8],[116,1,116,6],[116,7,116,8],[117,1,117,6],[62,0,62,2],[63,1,63,6],[63,7,63,8],[50,0,50,2],[51,1,51,6],[51,7,51,8],[65,0,65,8],[70,1,70,7],[64,1,64,6],[52,1,52,6],[83,0,83,7],[75,1,75,6],[71,0,71,7],[73,3,73,8],[73,0,73,2],[74,1,74,6],[74,7,74,8],[53,0,53,8],[58,1,58,7],[59,3,59,7],[76,0,76,8],[82,1,82,7],[96,3,96,8],[97,1,97,6],[97,7,97,8],[98,1,98,6],[93,0,93,6],[36,1,36,8],[43,1,43,7],[28,1,28,8],[31,1,31,7],[32,1,32,8],[35,1,35,7],[45,1,45,7],[46,1,46,7],[50,3,50,8],[169,2,169,5],[168,2,168,5],[60,0,60,7],[62,3,62,8],[111,0,111,6],[112,0,112,7],[85,0,85,2],[85,3,85,8],[86,1,86,6],[86,7,86,8],[87,1,87,6],[94,0,94,7],[96,0,96,2],[26,1,26,6],[26,7,26,8],[27,1,27,6],[8,0,8,2],[25,0,25,2],[8,3,8,8],[9,1,9,6],[9,7,9,8],[10,1,10,6],[21,1,21,7],[11,1,11,8],[17,1,17,7],[18,0,18,8],[25,3,25,8],[20,1,20,7]]}
["Ministério do Desenvolvimento Regional - MDR\nCompanhia de Desenvolvimento dos Vales do São Francisco e do Parnaíba\nÁrea de Reviatlização e Sustentabilidade Socioambiental - AR"]
[]
[]
[]
[]
[]
["SINAPI-BA 08/2023 (NÃO DESONERADO)"]
["ORSE 08/2023"]
["CPU 001",null,null," COMPOSIÇÃO DE PREÇO UNITÁRIO"]
["OBRA","PROJETO PARA CONSTRUÇÃO DE UM ABATEDOURO DE CAPRINOS E OVINOS NO MUNICIPIO DE CAMPO FORMOSO - BAHIA",{"$nulls":5},"DATA:  Agosto/2023"]
["SERVIÇO","Mobilização de Equipamento, Material e pessoal até o local de execução da obra, com deslocamentos internos.",{"$nulls":5},"UNIDADE: ","unid"]
[null,"EQUIPAMENTO"]
["CODIGO","DISCRIMINAÇÃO","UNIDADE","QUANT.","PROD","IMPROD","P.UNIT. PROD","P.UNIT. IMPR","P.TOTAL"]
[89877,"TRANSPORTES DE MÁQUINAS E EQUIPAMENTOS POR CAMINHÃO CAVALO MECÂNICO COM CARRETA PRANCHA CAP. 20T","h",2.75,1,null,87.66,null,{"$f":"D14*E14*G14+D14*F14*H14","v":241.07}]
["5853","TRATOR DE ESTEIRAS, POTÊNCIA 150 HP, PESO OPERACIONAL 16,7 T, COM RODA MOTRIZ ELEVADA E LÂMINA 3,18 M3 - CHI DIURNO. AF_06/2014","CHI",2.75,null,1,null,98.45,{"$f":"D15*E15*G15+D15*F15*H15","v":270.74}]
["88908","ESCAVADEIRA HIDRÁULICA SOBRE ESTEIRAS, CAÇAMBA 1,20 M3, PESO OPERACIONAL 21 T, POTÊNCIA BRUTA 155 HP - CHI DIURNO. AF_06/2014","CHI",2.75,null,1,null,108.02,{"$f":"D16*E16*G16+D16*F16*H16","v":297.06}]
["91386","CAMINHÃO BASCULANTE 10 M3, TRUCADO CABINE SIMPLES, PESO BRUTO TOTAL 23.000 KG, CARGA ÚTIL MÁXIMA 15.935 KG, DISTÂNCIA ENTRE EIXOS 4,80 M, POTÊNCIA 230 CV INCLUSIVE CAÇAMBA METÁLICA - CHP DIURNO. AF_06/2014","CHP",2.75,1,null,264.52,null,{"$f":"D17*E17*G17+D17*F17*H17","v":727.43}]
[null,"SUB-TOTAL",{"$nulls":6},{"$f":"SUM(I14:I17)","v":1536.3}]
["MATERIAL"]
[]
[null,"TOTAL - R$",{"$nulls":6},{"$f":"I18","v":1536.3}]
[null,"TOTAL DO SERVIÇO - R$",{"$nulls":6},{"$f":"I21","v":1536.3}]
[]
[]
[]
["CPU 002",null,null," COMPOSIÇÃO DE PREÇO UNITÁRIO"]
["OBRA","PROJETO PARA CONSTRUÇÃO DE UM ABATEDOURO DE CAPRINOS E OVINOS NO MUNICIPIO DE CAMPO FORMOSO - BAHIA",{"$nulls":5},"DATA:  Agosto/2023"]
["SERVIÇO","Administração e Manutenção de canteiro de obras",{"$nulls":5},"UNIDADE: ","unid"]
[null,"EQUIPAMENTO"]
[null,"DISCRIMINAÇÃO","UNIDADE","QUANT.","PROD","IMPROD","P.UNIT. PROD","P.UNIT. IMPR","P.TOTAL"]
["05896/ORSE","TIPO SEDAN 1.6 FLEX (115CV) - s/ motorista\n","mês",1,null,null,2998.8,null,{"$f":"G31*D31","v":2998.8}]
[null,"SUB-TOTAL",{"$nulls":6},{"$f":"SUM(I31:I31)","v":2998.8}]
[null,"MATERIAL"]
[null,"DISCRIMINAÇÃO","UNIDADE","QUANT.",null,null,null,"P.UNIT.","P.TOTAL"]
[10778,"Alojamento para operario - Aluguel e manutenção","mês",1,null,null,null,1750,{"$f":"D35*H35","v":1750}]
[null,"SUB-TOTAL",{"$nulls":6},{"$f":"SUM(I35:I35)","v":1750}]
[null,"MÃO DE OBRA"]
[null,"DISCRIMINAÇÃO","UNIDADE","QUANT.",null,null,null,"P.UNIT.","P.TOTAL"]
[100319,"ENGENHEIRO JUNIOR COM ENCARGOS","mês",0.2,null,null,null,20033.13,{"$f":"D39*H39","v":4006.63}]
[93572,"ENCARREGADO GERAL - COM ENCARGOS","mês",0.5,null,null,null,6446.14,{"$f":"D40*H40","v":3223.07}]
[101385,"LABORATORISTA DE SOLOS - COM NECARGOS","mês",0.5,null,null,null,5309.45,{"$f":"D41*H41","v":2654.73}]
[93563,"ALMOXARIFE - COM ENCARGOS","mês",1,null,null,null,5232.01,{"$f":"D42*H42","v":5232.01}]
[101452,"SERVENTE - COM ENCARGOS COMPLEMENTARES","mês",1,null,null,null,3859.29,{"$f":"D43*H43","v":3859.29}]
[null,"SUB-TOTAL",{"$nulls":6},{"$f":"SUM(I39:I43)","v":18975.73}]
[]
[null,"TOTAL DO SERVIÇO R$ (mês) ",{"$nulls":6},{"$f":"I44+I36+I32","v":23724.53}]
[null,"TOTAL DO SERVIÇO - R$",{"$nulls":6},{"$f":"I46","v":23724.53}]
[]
[]
[]
["CPU 003",null,null," COMPOSIÇÃO DE PREÇO UNITÁRIO"]
["OBRA","PROJETO PARA CONSTRUÇÃO DE UM ABATEDOURO DE CAPRINOS E OVINOS NO MUNICIPIO DE CAMPO FORMOSO - BAHIA",{"$nulls":5},"DATA:  Agosto/2023"]
["SERVIÇO","Instalações Prediais de Água Fria",{"$nulls":5},"UNIDADE: ","unid"]
["MÃO DE OBRA"]
["CÓDIGO","DISCRIMINAÇÃO","UNIDADE","QUANT.",null,null,null,"P.UNIT.","P.TOTAL"]
[88248,"AUXILIAR DE ENCANADOR COM ENCARGOS","h",320,null,null,null,21.45,{"$f":"D56*H56","v":6864}]
[88267,"ENCANADOR OU BOMBEIRO HIDRAULICO COM ENCARGOS COMPLEMENTARES","h",160,null,null,null,29.85,{"$f":"D57*H57","v":4776}]
[2707,"ENGENHEIRO DE OBRA PLENO","h",16,null,null,null,124.87,{"$f":"D58*H58","v":1997.92}]
[null,"SUB-TOTAL",{"$nulls":6},{"$f":"SUM(I56:I58)","v":13637.92}]
[null,"PRODUÇÃO DA EQUIPE",1,"CUSTO ",{"$nulls":4},{"$f":"I59","v":13637.92}]
["TOTAL DO SERVIÇO - R$",{"$nulls":7},{"$f":"I60","v":13637.92}]
[]
["CPU 004",null,null," COMPOSIÇÃO DE PREÇO UNITÁRIO"]
["OBRA","PROJETO PARA CONSTRUÇÃO DE UM ABATEDOURO DE CAPRINOS E OVINOS NO MUNICIPIO DE CAMPO FORMOSO - BAHIA",{"$nulls":5},"DATA:  Agosto/2023"]
["SERVIÇO","Instalações Esgoto e Águas Pluviais",{"$nulls":5},"UNIDADE: ","unid"]
["MÃO DE OBRA"]
["CÓDIGO","DISCRIMINAÇÃO","UNIDADE","QUANT.",null,null,null,"P.UNIT.","P.TOTAL"]
[88248,"AUXILIAR DE ENCANADOR COM ENCARGOS","h",160,null,null,null,21.45,{"$f":"D68*H68","v":3432}]
[88267,"ENCANADOR OU BOMBEIRO HIDRAULICO COM ENCARGOS COMPLEMENTARES","h",160,null,null,null,29.85,{"$f":"D69*H69","v":4776}]
[2707,"ENGENHEIRO DE OBRA PLENO","h",12,null,null,null,124.87,{"$f":"D70*H70","v":1498.44}]
[null,"SUB-TOTAL",{"$nulls":6},{"$f":"SUM(I68:I70)","v":9706.44}]
["TOTAL DO SERVIÇO - R$",{"$nulls":7},{"$f":"I71","v":9706.44}]
[]
["CPU 005",null,null," COMPOSIÇÃO DE PREÇO UNITÁRIO"]
["OBRA","PROJETO PARA CONSTRUÇÃO DE UM ABATEDOURO DE CAPRINOS E OVINOS NO MUNICIPIO DE CAMPO FORMOSO - BAHIA",{"$nulls":5},"DATA:  Agosto/2023"]
["SERVIÇO","Serviços para execução da instalação elétrica, lógica e telefonia.",{"$nulls":5},"UNIDADE: ","unid"]
["MÃO DE OBRA"]
["CÓDIGO","DISCRIMINAÇÃO","UNIDADE","QUANT.",null,null,null,"P.UNIT.","P.TOTAL"]
[88247,"Auxiliar de Eletricista com encargos (4 profissionais por 2,5 meses de 220 horas)","H",{"$f":" 4 * 2.5 * 220","v":2200},null,null,null,22.4,{"$f":"D79*H79","v":49280}]
[88264,"Eletricista com encargos (2 profissionais por 2,5 meses de 220 horas)","H",{"$f":" 2 * 2.5 * 220","v":1100},null,null,null,30.96,{"$f":"D80*H80","v":34056}]
[88265,"Eletricista Industrial com encargos  (1 profissional por 44 horas)","H",44,null,null,null,32.299999999999997,{"$f":"D81*H81","v":1421.2}]
[91677,"Engenheiro Eletricista com encargos, Pleno de Obra (1 profissional para supervisão por 100 horas)","H",100,null,null,null,115.26,{"$f":"D82*H82","v":11526}]
[null,"SUB-TOTAL",{"$nulls":6},{"$f":"SUM(I79:I82)","v":96283.199999999997}]
["TOTAL DO SERVIÇO - R$",{"$nulls":7},{"$f":"I83","v":96283.199999999997}]
[]
["CPU 006",null,null," COMPOSIÇÃO DE PREÇO UNITÁRIO"]
["OBRA","PROJETO PARA CONSTRUÇÃO DE UM ABATEDOURO DE CAPRINOS E OVINOS NO MUNICIPIO DE CAMPO FORMOSO - BAHIA",{"$nulls":5},"DATA:  Agosto/2023"]
["SERVIÇO","Emassamento com Massa a Óleo",{"$nulls":5},"UNIDADE: ","M²"]
["CÓDIGO","DISCRIMINAÇÃO","UNIDADE","QUANT.",null,null,null,"P.UNIT.","P.TOTAL"]
[3767,"LIXA EM FOLHA PARA PAREDE OU MADEIRA, NUMERO 120 (COR VERMELHA)","UND",0.5,null,null,null,1.02,{"$f":"H90*D90","v":0.51}]
["1604/ORSE","MASSA BASE ÓLEO","KG",0.45,null,null,null,28.54,{"$f":"H91*D91","v":12.84}]
[88310,"PINTOR COM ENCARGOS COMPLEMENTARES","H",0.35,null,null,null,31.8,11.13]
[88316,"SERVENTE COM ENCARGOS COMPLEMENTARES","H",0.25,null,null,null,21.47,5.37]
[{"$nulls":7},"SUB-TOTAL",{"$f":"SUM(I90:I93)","v":29.85}]
["TOTAL DO SERVIÇO - R$",{"$nulls":7},{"$f":"I94","v":29.85}]
[]
["CPU 007",null,null," COMPOSIÇÃO DE PREÇO UNITÁRIO"]
["OBRA","PROJETO PARA CONSTRUÇÃO DE UM ABATEDOURO DE CAPRINOS E OVINOS NO MUNICIPIO DE CAMPO FORMOSO - BAHIA",{"$nulls":5},"DATA:  Agosto/2023"]
["SERVIÇO","LAJE PRE-MOLDADA P/FORRO, SOBRECARGA 100KG/M2, VAOS ATE 3,50M/E=8CM, C /LAJOTAS E CAP.C/CONC FCK=20MPA, 3CM, INTER-EIXO 38CM, C/ESCORAMENTO (REAPR.3X) E FERRAGEM NEGATIVA",{"$nulls":5},"UNIDADE: ","M²"]
["CÓDIGO","DISCRIMINAÇÃO","UNIDADE","QUANT.",null,null,null,"P.UNIT.","P.TOTAL"]
[43059,"ACO CA-60, 5,0 MM, VERGALHAO","KG",0.47099999999999997,null,null,null,7.67,{"$f":"H101*D101","v":3.61}]
[3736,"LAJE PRE-MOLDADA CONVENCIONAL (LAJOTAS + VIGOTAS) PARA FORRO, UNIDIRECIONAL, SOBRECARGA DE 100 KG/M2, VAO ATE 4,00 M (SEM COLOCACAO)","M²",1,null,null,null,43.5,{"$f":"H102*D102","v":43.5}]
[4491,"PECA DE MADEIRA NATIVA / REGIONAL 7,5 X 7,5CM (3X3) NAO APARELHADA (P/FORMA)","M",0.28999999999999998,null,null,null,9.65,2.8]
[5061,"PREGO DE ACO POLIDO COM CABECA 18 X 27 (2 1/2 X 10)","KG",0.03,null,null,null,18.39,0.55000000000000004]
[6189,"TABUA MADEIRA 2A QUALIDADE 2,5 X 30,0CM (1 X 12\") NAO APARELHADA","M",0.17,null,null,null,27.22,4.63]
[88239,"AJUDANTE CARPINTEIRO","H",0.16,null,null,null,21.9,3.5]
[88262,"CARPINTEIRO DE FORMAS COM ENCARGOS COMPLEMENTARES","H",0.16,null,null,null,30.2,4.83]
[88309,"PEDREIRO COM ENCARGOS COMPLEMENTARES","H",0.35,null,null,null,30.6,10.71]
[88316,"SERVENTE COM ENCARGOS COMPLEMENTARES","H",0.36,null,null,null,21.47,7.73]
[103673,"LANÇAMENTO COM USO DE BOMBA, ADENSAMENTO E ACABAMENTO DE CONCRETO EM ESTRUTURAS. AF_12/2015","M³",3.3000000000000002E-2,null,null,null,42.67,{"$f":"H110*D110","v":1.41}]
[94970,"CONCRETO FCK = 20MPA, TRAÇO 1:2,7:3 (CIMENTO/ AREIA MÉDIA/ BRITA 1) - \nPREPARO MECÂNICO COM BETONEIRA 600 L. AF_07/2016","M³",3.3000000000000002E-2,null,null,null,497.69,{"$f":"H111*D111","v":16.420000000000002}]
[{"$nulls":7},"SUB-TOTAL",{"$f":"SUM(I101:I111)","v":99.69}]
["TOTAL DO SERVIÇO - R$",{"$nulls":7},{"$f":"I112","v":99.69}]
[]
[]
["CPU 008",null,null," COMPOSIÇÃO DE PREÇO UNITÁRIO"]
["OBRA","PROJETO PARA CONSTRUÇÃO DE UM ABATEDOURO DE CAPRINOS E OVINOS NO MUNICIPIO DE CAMPO FORMOSO - BAHIA",{"$nulls":5},"DATA:  Agosto/2023"]
["SERVIÇO","POSTE DE ACO CONICO CONTINUO RETO, ENGASTADO, H=9M - FORNECIMENTO E INSTALAÇÃO S/ LUMINÁRIA",{"$nulls":5},"UNIDADE: ","UND"]
["CÓDIGO","COMPONENTES","UND","QUANT.",null,null,null,"CUST. UNIT.","CUSTO SINAPI"]
[]
[5928,"GUINDAUTO HIDRÁULICO, CAPACIDADE MÁXIMA DE CARGA 6200 KG, MOMENTO MÁXIMO DE CARGA 11,7 TM, ALCANCE MÁXIMO HORIZONTAL 9,70 M, INCLUSIVE CAMINHÃO TOCO PBT 16.000 KG, POTÊNCIA DE 189 CV - CHP DIURNO. AF_06/2014","CHP",0.111,null,null,null,237.37,{"$f":"H121*D121","v":26.35}]
[88247,"AUXILIAR DE ELETRICISTA COM ENCARGOS COMPLEMENTARES","H",1.413,null,null,null,22.4,{"$f":"H122*D122","v":31.65}]
[88264,"ELETRICISTA COM ENCARGOS COMPLEMENTARES","H",4.593,null,null,null,30.96,{"$f":"H123*D123","v":142.19999999999999}]
[863,"CABO DE COBRE NU 35 MM2 MEIO-DURO","M",9,null,null,null,32.619999999999997,293.58]
[14164,"POSTE CONICO CONTINUO EM ACO GALVANIZADO, CURVO, BRACO DUPLO, ENGASTADO, H = 9 M, DIAMETRO INFERIOR = *135* MM","UND",1,null,null,null,2009.89,2009.89]
[{"$nulls":7},"SUB-TOTAL",{"$f":"SUM(I121:I125)","v":2503.67}]
["TOTAL DO SERVIÇO - R$",{"$nulls":7},{"$f":"I126","v":2503.67}]
[]
[]
[]
["CPU 009",null,null," COMPOSIÇÃO DE PREÇO UNITÁRIO"]
["OBRA","PROJETO PARA CONSTRUÇÃO DE UM ABATEDOURO DE CAPRINOS E OVINOS NO MUNICIPIO DE CAMPO FORMOSO - BAHIA",{"$nulls":5},"DATA:  Agosto/2023"]
["SERVIÇO","IMPERMEABILIZAÇÃO COM MANTA PEAD, GEOMEMBRANA LISA, E=2mm - EXCETO MATERIAL",{"$nulls":5},"UNIDADE: ","M²"]
["CÓDIGO","COMPONENTES","UND","QUANT.",null,null,null,"CUST. UNIT.","CUSTO SINAPI"]
[88270,"Impermeabilizador","H",0.2,null,null,null,31.96,{"$f":"D135*H135","v":6.39}]
["08904/ORSE","Máquina de solda elétrica","H",0.05,null,null,null,3.84,0.19]
[88316,"SERVENTE COM ENCARGOS COMPLEMENTARES","H",0.2,null,null,null,21.47,4.29]
[{"$nulls":7},"SUB-TOTAL",{"$f":"SUM(I135:I137)","v":10.87}]
["TOTAL DO SERVIÇO - R$",{"$nulls":7},{"$f":"I138","v":10.87}]
[]
[]
["CPU 010",null,null," COMPOSIÇÃO DE PREÇO UNITÁRIO"]
["OBRA","PROJETO PARA CONSTRUÇÃO DE UM ABATEDOURO DE CAPRINOS E OVINOS NO MUNICIPIO DE CAMPO FORMOSO - BAHIA",{"$nulls":5},"DATA:  Agosto/2023"]
["SERVIÇO","SERVIÇO DE INSTALAÇÃO DE SUBESTAÇÃO AÉREA 125KVA",{"$nulls":5},"UNIDADE: ","UND"]
["CÓDIGO","COMPONENTES","UND","QUANT.",null,null,null,"CUST. UNIT.","CUSTO SINAPI"]
[88247,"AUXILIAR DE ELETRICISTA COM ENCARGOS COMPLEMENTARES","H",24,null,null,null,22.4,{"$f":"H146*D146","v":537.6}]
[88316,"SERVENTE COM ENCARGOS COMPLEMENTARES","H",32,null,null,null,21.47,{"$f":"H147*D147","v":687.04}]
[88264,"ELETRICISTA COM ENCARGOS COMPLEMENTARES","H",40,null,null,null,30.96,1238.4000000000001]
[88266,"ELETROTECNICO COM ENCARGOS COMPLEMENTARES","H",22,null,null,null,37.5,825]
[{"$nulls":7},"SUB-TOTAL",{"$f":"SUM(I146:I149)","v":3288.04}]
["TOTAL DO SERVIÇO - R$",{"$nulls":7},{"$f":"I150","v":3288.04}]
[]
[]
["CPU 011",null,null," COMPOSIÇÃO DE PREÇO UNITÁRIO"]
["OBRA","PROJETO PARA CONSTRUÇÃO DE UM ABATEDOURO DE CAPRINOS E OVINOS NO MUNICIPIO DE CAMPO FORMOSO - BAHIA",{"$nulls":5},"DATA:  Agosto/2023"]
["SERVIÇO","CONFECÇÃO DE RAMPA DE LAVAGEM DE CAMINHÃO",{"$nulls":5},"UNIDADE: ","UND"]
["CÓDIGO","COMPONENTES","UND","QUANT.",null,null,null,"CUST. UNIT.","CUSTO SINAPI"]
[103340,"ALVENARIA DE VEDAÇÃO DE BLOCOS  VAZADOS DE CONCRETO APARENTE DE 19X19X39 CM (ESPESSURA 19 CM) E ARGAMASSA DE ASSENTAMENTO COM PREPARO EM BETONEIRA.","m2",18.18,null,null,null,121.63,{"$f":"H158*D158","v":2211.23}]
[97084,"COMPACTAÇÃO MECÂNICA DE SOLO, COM COMPACTADOR TIPO PLACA VIBRATÓRIA","m³",60.3,null,null,null,0.71,{"$f":"H159*D159","v":42.81}]
[92762,"ARMAÇÃO DE PILAR OU VIGA DE ESTRUTURA CONVENCIONAL DE CONCRETO ARMADO UTILIZANDO AÇO CA-50 DE 10,0 MM ","Kg",620,null,null,null,11.33,7024.6]
[94965," CONCRETO FCK = 25MPA - PREPARO MECÂNICO COM BETONEIRA ","m³",18.5,null,null,null,532.73,9855.51]
["2498/ORSE","ESCAVAÇÃO MANUAL, MATERIAL DE 1ª CATEGORIA, PROFUNDIDADE DE 1,5 A 3,00M","m³",10.19,null,null,null,74.33,757.42]
["3358/ORSE","FORMA PARA ESTRUTURAS, EM COMPENSADO RESINADO 10mm, 3 USOS, INCLUSIVE ESCORAMENTO","m²",71.2,null,null,null,124.25,8846.6]
[104737,"REATERRO MANUAL DE VALAS, COM PLACA VIBRATÓRIA","m³",4.3099999999999996,null,null,null,21.56,92.92]
[{"$nulls":7},"SUB-TOTAL",{"$f":"SUM(I158:I164)","v":28831.09}]
["TOTAL DO SERVIÇO - R$",{"$nulls":7},{"$f":"I165","v":28831.09}]
[]
[]
[null,null,"José Melo Ribeiro Alcântara"]
[null,null,"Engeiro Civil "]

{"sheet":"CRONOGRAMA","index":6,"n_rows":28,"n_cols":29,"rows_kept":28,"cut":false,"hidden":false,"merged":[[27,0,27,3],[27,4,27,29],[24,28,24,29],[25,0,25,5],[25,6,25,7],[25,12,25,29],[26,1,26,5],[26,6,26,7],[26,12,26,29],[24,16,24,17],[24,18,24,19],[24,20,24,21],[24,22,24,23],[24,24,24,25],[24,26,24,27],[24,3,24,4],[24,6,24,7],[24,8,24,9],[24,10,24,11],[24,12,24,13],[24,14,24,15],[23,18,23,19],[23,20,23,21],[23,22,23,23],[23,24,23,25],[23,26,23,27],[23,28,23,29],[22,26,22,27],[22,28,22,29],[23,0,24,2],[23,3,23,4],[23,6,23,7],[23,8,23,9],[23,10,23,11],[23,12,23,13],[23,14,23,15],[23,16,23,17],[22,14,22,15],[22,16,22,17],[22,18,22,19],[22,20,22,21],[22,22,22,23],[22,24,22,25],[21,0,22,2],[21,20,21,21],[21,22,21,23],[21,24,21,25],[21,26,21,27],[21,28,21,29],[22,3,22,4],[22,6,22,7],[22,8,22,9],[22,10,22,11],[22,12,22,13],[21,3,21,4],[21,6,21,7],[21,8,21,9],[21,10,21,11],[21,12,21,13],[21,14,21,15],[21,16,21,17],[21,18,21,19],[20,18,20,19],[20,20,20,21],[20,22,20,23],[20,24,20,25],[20,26,20,27],[19,22,19,23],[19,24,19,25],[19,26,19,27],[19,28,19,29],[20,1,20,4],[20,6,20,7],[20,8,20,9],[20,10,20,11],[20,12,20,13],[20,14,20,15],[18,28,18,29],[19,1,19,4],[19,6,19,7],[19,8,19,9],[19,10,19,11],[19,12,19,13],[19,14,19,15],[19,16,19,17],[19,18,19,19],[19,20,19,21],[18,16,18,17],[18,18,18,19],[18,20,18,21],[18,22,18,23],[18,24,18,25],[18,26,18,27],[20,28,20,29],[20,16,20,17],[17,22,17,23],[17,24,17,25],[17,26,17,27],[17,28,17,29],[18,1,18,4],[18,6,18,7],[18,8,18,9],[18,10,18,11],[18,12,18,13],[18,14,18,15],[17,1,17,4],[17,6,17,7],[17,8,17,9],[17,10,17,11],[17,12,17,13],[17,14,17,15],[17,16,17,17],[17,18,17,19],[17,20,17,21],[15,22,15,23],[15,24,15,25],[15,26,15,27],[15,28,15,29],[16,1,16,4],[16,6,16,7],[16,8,16,9],[16,10,16,11],[16,12,16,13],[16,14,16,15],[16,28,16,29],[16,16,16,17],[16,18,16,19],[16,20,16,21],[16,22,16,23],[16,24,16,25],[16,26,16,27],[15,1,15,4],[15,6,15,7],[15,8,15,9],[15,10,15,11],[15,12,15,13],[15,14,15,15],[15,16,15,17],[15,18,15,19],[15,20,15,21],[13,22,13,23],[13,24,13,25],[13,26,13,27],[13,28,13,29],[14,1,14,4],[14,6,14,7],[14,8,14,9],[14,10,14,11],[14,12,14,13],[14,14,14,15],[14,28,14,29],[14,16,14,17],[14,18,14,19],[14,20,14,21],[14,22,14,23],[14,24,14,25],[14,26,14,27],[13,1,13,4],[13,6,13,7],[13,8,13,9],[13,10,13,11],[13,12,13,13],[13,14,13,15],[13,16,13,17],[13,18,13,19],[13,20,13,21],[11,22,11,23],[11,24,11,25],[11,26,11,27],[11,28,11,29],[12,1,12,4],[12,6,12,7],[12,8,12,9],[12,10,12,11],[12,12,12,13],[12,14,12,15],[12,28,12,29],[12,16,12,17],[12,18,12,19],[12,20,12,21],[12,22,12,23],[12,24,12,25],[12,26,12,27],[11,1,11,4],[11,6,11,7],[11,8,11,9],[11,10,11,11],[11,12,11,13],[11,14,11,15],[11,16,11,17],[11,18,11,19],[11,20,11,21],[9,26,9,27],[9,28,9,29],[10,1,10,4],[10,6,10,7],[10,8,10,9],[10,10,10,11],[10,12,10,13],[10,14,10,15],[10,28,10,29],[10,16,10,17],[10,18,10,19],[10,20,10,21],[10,22,10,23],[10,24,10,25],[10,26,10,27],[8,14,8,15],[8,28,8,29],[9,1,9,4],[9,6,9,7],[9,8,9,9],[9,10,9,11],[9,12,9,13],[9,14,9,15],[9,16,9,17],[9,18,9,19],[9,20,9,21],[8,16,8,17],[8,18,8,19],[8,20,8,21],[8,22,8,23],[8,24,8,25],[8,26,8,27],[9,22,9,23],[9,24,9,25],[8,1,8,4],[8,6,8,7],[8,8,8,9],[8,10,8,11],[8,12,8,13],[7,28,7,29],[6,28,6,29],[6,1,6,4],[6,6,6,7],[6,8,6,9],[6,10,6,11],[7,14,7,15],[7,16,7,17],[7,18,7,19],[7,20,7,21],[6,12,6,13],[6,14,6,15],[7,1,7,4],[7,6,7,7],[7,8,7,9],[7,10,7,11],[7,12,7,13],[6,22,6,23],[6,24,6,25],[6,26,6,27],[7,22,7,23],[7,24,7,25],[7,26,7,27],[5,10,5,11],[5,12,5,13],[5,14,5,15],[6,16,6,17],[6,18,6,19],[6,20,6,21],[0,0,0,29],[1,0,2,5],[1,6,2,29],[3,0,3,4],[3,6,3,29],[4,0,5,0],[4,1,5,4],[4,6,4,29],[5,6,5,7],[5,8,5,9],[5,22,5,23],[5,24,5,25],[5,26,5,27],[5,28,5,29],[5,16,5,17],[5,18,5,19],[5,20,5,21]]}
["CODEVASF"]
["CRONOGRAMA FINANCEIRO"]
[]
[{"$nulls":6},"PROJETO:PROJETO PARA CONSTRUÇÃO DE UM ABATEDOURO DE CAPRINOS E OVINOS NO MUNICIPIO DE CAMPO FORMOSO - BAHIA"]
["ITEM","DESCRIÇÃO DOS SERVIÇOS",null,null,null,"VALOR TOTAL","MESES"]
[{"$nulls":5},"DO ITEM",1,null,2,null,3,null,4,null,5,null,6,null,7,null,8,null,9,null,10,null,11,null,12]
["1",{"$f":"'PLAN SERVIÇO'!C6","v":"SERVIÇOS PRELIMINARES"},null,null,null,{"$f":"'PLAN SERVIÇO'!H6","v":604984.72},{"$f":"(249116.8/3+29655.66)-35.99","v":112658.6},null,{"$f":"(249116.8/3+29655.66)","v":112694.59},null,29655.66,null,29656.66,null,29657.66,null,29658.66,null,29659.66,null,29660.66,null,29661.66,null,29662.66,null,29663.66,null,{"$f":"(249116.8/3+29655.66)","v":112694.59}]
["2",{"$f":"'PLAN SERVIÇO'!C15","v":"RESERVATÓRIO"},null,null,null,{"$f":"'PLAN SERVIÇO'!H15","v":206288.88},null,null,{"$f":"$F$8/4","v":51572.22},null,{"$f":"$F$8/4","v":51572.22},null,{"$f":"$F$8/4","v":51572.22},{"$nulls":7},{"$f":"$F$8/4","v":51572.22}]
["3",{"$f":"'PLAN SERVIÇO'!C64","v":"SUB - ESTAÇÃO AÉREA DE 112,5 KVA (SERVIÇO)"},null,null,null,{"$f":"'PLAN SERVIÇO'!H64","v":4110.05},{"$f":"$F$9/3","v":1370.02},null,{"$f":"$F$9/3","v":1370.02},null,{"$f":"$F$9/3","v":1370.02}]
["4",{"$f":"'PLAN SERVIÇO'!C67","v":"APOIO ADMISTRATIVO /  VESTIÁRIO / BANHEIROS"},null,null,null,{"$f":"'PLAN SERVIÇO'!H67","v":467682.36},{"$f":"$F$10/4","v":116920.59},null,{"$f":"$F$10/4","v":116920.59},null,{"$f":"$F$10/4","v":116920.59},null,{"$f":"$F$10/8","v":58460.3},{"$nulls":7},{"$f":"$F$10/8","v":58460.3}]
["5",{"$f":"'PLAN SERVIÇO'!C138","v":"ABATEDOURO FRIGORÍFICO"},null,null,null,{"$f":"'PLAN SERVIÇO'!H138","v":1635757},null,null,{"$f":"$F$11/8","v":204469.63},null,{"$f":"$F$11/8","v":204469.63},null,{"$f":"$F$11/8","v":204469.63},null,{"$f":"$F$11/8","v":204469.63},null,{"$f":"$F$11/8","v":204469.63},null,{"$f":"$F$11/8","v":204469.63},null,204469.63,null,{"$f":"$F$11/8-0.04","v":204469.59}]
["6",{"$f":"'PLAN SERVIÇO'!C214","v":"CORREDOR DE MATANÇA "},null,null,null,{"$f":"'PLAN SERVIÇO'!H214","v":117005.64},{"$nulls":12},{"$f":"$F$12/2","v":58502.82},null,{"$f":"$F$12/2","v":58502.82}]
["7",{"$f":"'PLAN SERVIÇO'!C251","v":"CURRAIS"},null,null,null,{"$f":"'PLAN SERVIÇO'!H251","v":572075.12},{"$nulls":14},{"$f":"$F$13/3","v":190691.71},null,{"$f":"$F$13/3","v":190691.71},null,{"$f":"$F$13/3","v":190691.71}]
["8",{"$f":"'PLAN SERVIÇO'!C317","v":"GUARITA"},null,null,null,{"$f":"'PLAN SERVIÇO'!H317","v":37855.129999999997},{"$nulls":6},{"$f":"$F$14/1","v":37855.129999999997}]
["9",{"$f":"'PLAN SERVIÇO'!C373","v":"INCINERADOR"},null,null,null,{"$f":"'PLAN SERVIÇO'!H373","v":140937.16},{"$nulls":16},{"$f":"$F$15/2","v":70468.58},null,{"$f":"$F$15/2","v":70468.58}]
["10",{"$f":"'PLAN SERVIÇO'!C433","v":"CENTRAL DE RESIDUOS"},null,null,null,{"$f":"'PLAN SERVIÇO'!H433","v":56089.06},{"$nulls":6},{"$f":"$F$16/2","v":28044.53},null,{"$f":"$F$16/2","v":28044.53}]
["11",{"$f":"'PLAN SERVIÇO'!C488","v":"ESTERQUEIRA / COMPOSTEIRA"},null,null,null,{"$f":"'PLAN SERVIÇO'!H488","v":71395.08},{"$nulls":14},{"$f":"$F$17/2","v":35697.54},null,{"$f":"$F$17/2","v":35697.54}]
["12",{"$f":"'PLAN SERVIÇO'!C540","v":"CAIXA DE AREIA"},null,null,null,{"$f":"'PLAN SERVIÇO'!H540","v":14771.82},{"$nulls":18},{"$f":"$F$18/2","v":7385.91},null,{"$f":"$F$18/2","v":7385.91}]
["13",{"$f":"'PLAN SERVIÇO'!C557","v":"LAGOA DE TRATAMENTO DO ESGOTO - ETE"},null,null,null,{"$f":"'PLAN SERVIÇO'!H557","v":192179.4},{"$nulls":6},{"$f":"$F$19/8-0.04","v":24022.39},null,{"$f":"$F$19/8","v":24022.43},null,{"$f":"$F$19/8","v":24022.43},null,{"$f":"$F$19/8","v":24022.43},null,{"$f":"$F$19/8","v":24022.43},null,{"$f":"$F$19/8","v":24022.43},null,{"$f":"$F$19/8","v":24022.43},null,{"$f":"$F$19/8","v":24022.43}]
["14",{"$f":"'PLAN SERVIÇO'!C585","v":"PAVIMENTAÇÃO / CERCAS / AREA VERDE / RAMPA DE LAVAGEM DE CAMINHÕES/ SALA DE NECROPSIA"},null,null,null,{"$f":"'PLAN SERVIÇO'!H585","v":715597.87},{"$nulls":16},{"$f":"$F$20/4","v":178899.47},null,{"$f":"$F$20/4","v":178899.47},null,{"$f":"$F$20/4","v":178899.47},null,{"$f":"$F$20/4","v":178899.47}]
["15","MATERIAL",null,null,null,{"$f":"'PLAN MATERIAL'!F264","v":342714.6},{"$f":"$F$21/12","v":28559.55},null,{"$f":"$F$21/12","v":28559.55},null,{"$f":"$F$21/12","v":28559.55},null,{"$f":"$F$21/12","v":28559.55},null,{"$f":"$F$21/12","v":28559.55},null,{"$f":"$F$21/12","v":28559.55},null,{"$f":"$F$21/12","v":28559.55},null,{"$f":"$F$21/12","v":28559.55},null,{"$f":"$F$21/12","v":28559.55},null,{"$f":"$F$21/12","v":28559.55},null,{"$f":"$F$21/12","v":28559.55},null,{"$f":"$F$21/12","v":28559.55}]
["TOTAL MENSAL",null,null,"REAIS",null,{"$f":"SUM(F7:F21)","v":5179443.8899999997},{"$f":"SUM(G7:H21)","v":259508.76},null,{"$f":"SUM(I7:J21)","v":515586.6},null,{"$f":"SUM(K7:L21)","v":432547.67},null,{"$f":"SUM(M7:N21)","v":462640.41},null,{"$f":"SUM(O7:P21)","v":314753.8},null,{"$f":"SUM(Q7:R21)","v":286710.27},null,{"$f":"SUM(S7:T21)","v":345214.09},null,{"$f":"SUM(U7:V21)","v":681636.86},null,{"$f":"SUM(W7:X21)","v":762470.53},null,{"$f":"SUM(Y7:Z21)","v":529690.31000000006},null,{"$f":"SUM(AA7:AB21)","v":268531.02},null,{"$f":"SUM(AC7:AD21)","v":320153.61}]
[null,null,null,"MOEDA ESTRANGEIRA"]
["TOTAL ACUMULADO",null,null,"REAIS",null,{"$f":"F22","v":5179443.8899999997},{"$f":"G22","v":259508.76},null,{"$f":"G24+I22","v":775095.36},null,{"$f":"I24+K22","v":1207643.03},null,{"$f":"K24+M22","v":1670283.44},null,{"$f":"M24+O22","v":1985037.24},null,{"$f":"O24+Q22","v":2271747.5099999998},null,{"$f":"Q24+S22","v":2616961.6},null,{"$f":"S24+U22","v":3298598.46},null,{"$f":"U24+W22","v":4061068.99},null,{"$f":"W24+Y22","v":4590759.3},null,{"$f":"Y24+AA22","v":4859290.32},null,{"$f":"(AA24+AC22)-0.04","v":5179443.8899999997}]
[null,null,null,"MOEDA ESTRANGEIRA"]
["NOME DO INFORMANTE:",{"$nulls":5},"DATA"]
[{"$nulls":6},"  08/11/2023     "]
["QUALIFICAÇÃO         DIRETOR",null,null,null,"ASSINATURA:"]